{"text_format":"3","workbook":"xlsx","n_sheets":28,"sheets":["COVER","SPE","A.M","input data","DET","seigneorage","lead 2025-26","DATA SHEET","CS","CR","R-1","R-2","C-1","CC f -2","ccbc  (2)","seigneorage (2)","CERTI ","RE-DE","voucer part","1","2","3","M-1 ","M-2","work list","CON 2025-26","CC f","ccbc "],"not_rendered":{"images":1,"external_links":4,"defined_names":417},"read":"whole","date_system":"1900"}

{"sheet":"COVER","index":0,"n_rows":54,"n_cols":11,"rows_kept":54,"merged":[[0,0,1,10],[2,0,2,10],[3,0,52,0],[3,10,52,10],[24,2,24,8],[27,1,27,9],[31,1,31,9],[32,1,32,9],[33,1,33,4],[33,5,33,9],[35,2,35,4],[35,6,35,9],[39,2,39,4],[39,6,39,7],[42,2,42,4],[42,6,42,7],[45,2,45,4],[45,6,45,8],[47,2,47,4],[47,6,47,8],[49,2,49,4],[49,6,49,8],[51,2,51,4],[51,6,51,8],[53,0,53,10]]}
[]
[]
["llllllllllllllllllllllllllllllllllllllllllllllllllll"]
["llllllllllllllllllllllllllllllllllllllllllllllllllllllllllllllllllllllllllllllllllllllllllllllllllllllllllllllllll",{"$nulls":9},"llllllllllllllllllllllllllllllllllllllllllllllllllllllllllllllllllllllllllllllllllllllllllllllllllllllllllllllllllllllllllllllllllllllllllllll"]
{"$rows_empty":20}
[null,null,"PANCHAYATI RAJ ENGINEERING DEPARTMENT"]
[]
[]
[null,"DETAILED ESTIMATE CUM ABSTRACT"]
[]
[]
[]
[null,"Grant:   MGNREGS Grant"]
[]
[null,"WORK ID:"]
[]
[null,null,"NAME OF THE WORK: ",null,null,":",{"$f":"'lead 2025-26'!C3","v":"Providing internal CC roads in Ganugapenta GP of Kanigiri Mandal."}]
[]
[]
[]
[null,null,"ESTIMATE COST",null,null,":",{"$f":"'lead 2025-26'!K4","v":"20.00 Lakhs"}]
[]
[]
[null,null,"NAME OF THE MANDAL",null,null,":","KANIGIRI"]
[{"$nulls":8}," "]
[]
[null,null,"NAME OF SUB. DIVISION",null,null,":","KANIGIRI"]
[]
[null,null,"NAME OF THE DIVISION",null,null,":","KANDUKUR"]
[]
[null,null,"NAME OF THE CIRCLE",null,null,":","ONGOLE"]
[]
[]
[]
["llllllllllllllllllllllllllllllllllllllllllllllllllllllllllllllllllllllllllllllllll"]

{"sheet":"SPE","index":1,"n_rows":26,"n_cols":8,"rows_kept":26,"merged":[[0,0,0,8],[2,0,2,8],[3,0,3,8],[4,5,4,6],[6,0,6,8],[7,0,7,8],[8,1,8,8],[9,1,9,8],[10,1,10,8],[11,1,11,8],[12,1,12,8],[13,1,13,8],[14,1,14,8],[15,1,15,8],[16,1,16,8],[17,1,17,8],[18,0,18,8],[19,0,19,8]]}
["SPECIFICATION REPORT"]
[]
["                             Specification Report to accompany the  estimate for the work \""]
[{"$f":"'lead 2025-26'!C3","v":"Providing internal CC roads in Ganugapenta GP of Kanigiri Mandal."}]
[{"$nulls":5},"Estt. Rs.",null,{"$f":"'lead 2025-26'!K4","v":"20.00 Lakhs"}]
[]
["                             The above work has been administratively sanctioned vide RC.No. Rc.No.D7/320/EGS/2025  Dated 02-01-2026 of the Collector & DPC, MGNREGS, Prakasam District  under MGNREGS  Grant during the year 2025-26."]
["                              Hence the estimate is prepared with the  following provisions. "]
[1,"Unskilled Labour Charges for Earthwork excavation"]
[2,"Scarifyting the existing Granular sub base"]
[3,"Construction of Granular Sub base "]
[4,"Construction of M-20 Grade cc pavement"]
[5,"Construction of improved shoulders"]
[5,"Earthwork excacvation for side drain foundation"]
[6,"PCC M-10 Grade for Bed concrete"]
[7,"PCC M-15 Grade for Side drain walls"]
[8,"RCC M-20 Grade for Deck slab"]
[9,"Cost of Steel for deck slabs"]
["                             Necessary provisions are shown for Q.C Charges @ 0.50%  and seigneorage charges are also shown in the estimate."]
["                            The estimate is prepared as per the current schedule of rates for the year  2025-26 and the work will be executed as per APSS."]
[]
[]
[]
[{"$nulls":3},{"$f":"'lead 2025-26'!$G$35","v":"Dy. Executive Engineer"},null,null,{"$f":"'lead 2025-26'!$J$35","v":"Assistant Engineer"}]
[{"$nulls":3},{"$f":"'lead 2025-26'!$G$36","v":"PRI Sub Division"},null,null,{"$f":"'lead 2025-26'!$J$36","v":"Mandal Praja Parishad"}]
[{"$nulls":3},{"$f":"'lead 2025-26'!$G$37","v":"Kanigiri"},null,null,{"$f":"'lead 2025-26'!$J$37","v":"Kanigiri"}]

{"sheet":"A.M","index":2,"n_rows":33,"n_cols":9,"rows_kept":33,"merged":[[0,0,0,7],[1,0,1,7],[2,5,2,6],[3,0,4,0],[3,1,4,1],[3,2,4,2],[3,3,4,4],[3,5,4,5],[3,6,4,6],[3,7,4,7],[5,3,5,4]]}
["ACTIVITY MASTER"]
[{"$f":"'lead 2025-26'!B3&'lead 2025-26'!C3","v":"Name of the work : Providing internal CC roads in Ganugapenta GP of Kanigiri Mandal."}]
[{"$nulls":5},"Est.Rs.",null,{"$f":"'lead 2025-26'!K4","v":"20.00 Lakhs"}]
["Sl. No","Material Task No.","Description of Item","Quantity",null,"Rate","Per","Amount  Rs."]
[]
[1,2,3,4,null,5,6,7]
[null,null,"Wage Component",{"$nulls":4},{"$f":"0.000001","v":{"v":1e-06,"d":"0.00"}}]
[{"$f":"IF(C8<>\"\",SUBTOTAL(103,$C$8:C8),\"\")","v":1},"ACT0011","Unskilled Labour Charges for Earthwork excavation by manual means exceeding 1.5 m in width taking out the excavated soil and disposal as directed by engineer in charge in Ordinary soil, with an Initial Lead up to 10 m and lift up to 1.5 m",{"$f":"DET!I10","v":{"v":3.6,"d":"3.60"}},"Cum",{"$f":"DET!K10","v":144.26},"1Cum",{"$f":"ROUND(D8*F8/1,0)","v":{"v":519,"d":"519.00"}}]
[null,null,"Material Component",{"$nulls":4},{"$f":"0.000001","v":{"v":1e-06,"d":"0.00"}}]
[{"$f":"IF(C10<>\"\",SUBTOTAL(103,$C$9:C10),\"\")","v":1},"ACT0011","Earthwork in excavation for structures as per drawing and technical specifications Clause 305.1 including setting out, construction of shoring and bracing, removal of stumps and other deleterious material and disposal upto a lead of 50 m, dressing of sides and bottom and backfilling in trenches with excavated suitable material as per Technical Specification 305 MORD / 304 MORTH",{"$f":"DET!I37","v":{"v":0,"d":"0.00"}},"Cum",{"$f":"DET!K37","v":111.51},"1Cum",{"$f":"ROUND(D10*F10/1,0)","v":{"v":0,"d":"0.00"}}]
[{"$f":"IF(C11<>\"\",SUBTOTAL(103,$C$9:C11),\"\")","v":1},"ACT0020","Sand filling in trenches, sides of foundations & basement by watering and ramming  including cost and conveyance of material and labour charges etc complete for finished item of the work (APSS No 309& 310) per 1 Cum",{"$f":"DET!I41","v":{"v":0,"d":"0.00"}},"Cum",{"$f":"DET!K41","v":134.78},"1Cum",{"v":0,"d":"0.00"}]
[{"$f":"IF(C12<>\"\",SUBTOTAL(103,$C$9:C12),\"\")","v":1},"ACT0026","Providing concrete for plain concrete M10 Grade in open foundations using 40 mm nominal size Graded hard stone aggregate, mechanically mixed, placed in foundation and compacted by vibration including curing for 14 days complete as per drawings and technical specifications Clause 802, 803, 1202 & 1203 MORD and 1500, 1700 & 2100 MORTH",{"$f":"DET!I46","v":{"v":0,"d":"0.00"}},"Cum",{"$f":"DET!K46","v":5135.94},"1Cum",{"$f":"ROUND(D12*F12/1,0)","v":{"v":0,"d":"0.00"}}]
[{"$f":"IF(C13<>\"\",SUBTOTAL(103,$C$9:C13),\"\")","v":1},"ACT0024","Plain cement concrete M 15 grade  using 40,20 & 12mm metal mechanically mixed in Substructures complete as per drawings and technical specification Clauses 802, 804, 805, 806, 807, 1202 and 1204 MORD and 1500, 1700 & 2200 MORTH. ",{"$f":"DET!I51","v":{"v":0,"d":"0.00"}},"Cum",{"$f":"DET!K51","v":{"v":9012.880000000001,"d":"9012.88"}},"1Cum",{"v":0,"d":"0.00"}]
[{"$f":"IF(C14<>\"\",SUBTOTAL(103,$C$9:C14),\"\")","v":1},"ACT0231","Providing and laying reinforced cement concrete M20 grade  using 20 & 12mm metal mechanically mixed in superstructure as per  drawing and technical specification Clauses 800, 1205.4 and 1205.4 MORD / sections 1500, 1600 & 1700 MORTH for deck slab",{"$f":"DET!I57","v":{"v":0,"d":"0.00"}},"Cum",{"$f":"DET!K57","v":7439.55},"1Cum",{"$f":"ROUND(D14*F14/1,0)","v":{"v":0,"d":"0.00"}}]
[{"$f":"IF(C15<>\"\",SUBTOTAL(103,$C$9:C15),\"\")","v":1},"ACT0493","Supplying, fitting and placing HYSD bar reinforcement in foundation complete as per drawings and technical specifications Clauses 1000 and 1202  MORD & 1100, 1600 MORTH for Bars below 36 mm dia including over laps and wastage, where they are not welded",{"$f":"DET!I62","v":{"v":0,"d":"0.00"}},"MT",{"$f":"DET!K62","v":{"v":76170,"d":"76170.00"}},"1MT",{"$f":"ROUND(D15*F15/1,0)","v":{"v":0,"d":"0.00"}}]
[{"$f":"IF(C16<>\"\",SUBTOTAL(103,$C$9:C16),\"\")","v":2},"ACT0494","Scarifying existing granular surface to a depth of 50 mm and disposal of scarified material with a lift upto 3 m and leads upto 1000 m as per Technical Specification Clause 301.4. MORD",{"$f":"DET!I14","v":{"v":1405.8,"d":"1405.80"}},"Sqm",{"$f":"DET!K14","v":33.88},"1Sqm",{"$f":"ROUND(D16*F16/1,0)","v":{"v":47629,"d":"47629.00"}},{"$f":"I29","v":{"v":0,"d":"0.00"}}]
[{"$f":"IF(C17<>\"\",SUBTOTAL(103,$C$9:C17),\"\")","v":3},"ACT0181","Construction of Granular Sub Base using well graded material, spreading in uniform layers with tractor  mounted grader on prepared surface , mixing by mix in place  method with   rotovator at OMC and compacting  with Smooth wheel roller  to achive the desired  density , Complete as per technical speficaction clause 401 of MORD",{"$f":"DET!I19","v":{"v":140.32000000000002,"d":"140.32"}},{"$f":"DET!J19","v":"Cum"},{"$f":"DET!K19","v":1797.53},{"$f":"DET!L19","v":"1Cum"},{"v":252229,"d":"252229.00"}]
[{"$f":"IF(C18<>\"\",SUBTOTAL(103,$C$9:C18),\"\")","v":4},"ACT0120","Supply and laying of  PVC  pipes 4kg/cm2 110mm dia double socket including all labour charges etc., complete",{"$f":"DET!I23","v":{"v":40,"d":"40.00"}},"Rm",{"$f":"DET!K23","v":235.33},"1Rm",{"$f":"ROUND(D18*F18/1,0)","v":{"v":9413,"d":"9413.00"}}]
[{"$f":"IF(C19<>\"\",SUBTOTAL(103,$C$9:C19),\"\")","v":5},"ACT0186","Construction of improved shoulders by provided selected earth  on prepared surface and compacted at OMC with vibratory roller 80-100 KN to meet requirement of table 00.2 with as per technical specification clause 303 MORD, 305 MORTH by using machinery",{"$f":"DET!I32","v":{"v":34.50000000000001,"d":"34.50"}},{"$f":"DET!J32","v":"Cum"},{"$f":"DET!K32","v":338.03},{"$f":"DET!L32","v":"1Cum"},{"$f":"ROUND(D19*F19/1,0)","v":{"v":11662,"d":"11662.00"}}]
[{"$f":"IF(C20<>\"\",SUBTOTAL(103,$C$9:C20),\"\")","v":6},"ACT0407","Plain cement concrete for CC  pavement, thickness as per design, over a prepared sub base, with 43 grade cement or any other type as per Clause 1501.2.2 M20 (Grade), coarse and fine aggregates conforming to IS : 383, maximum in a concrete mixer of not less than 0.2 cum capacity and appropeiate weigh batcher using approved mix design, laid in approved fixed side formwork (steel channel, laying and fixing of 125 mictron thick polythene film, wedges, steel plates including levelling the formwork as per drawing), spreading the concrete with sholvels, rakes, compacted using needle, scareed and plate vibrators and finished in continuous operation including provision of contraction and expansion, construction joints, applying debonding strips, primer, sealant, dowel bars, near approaches to bridge / culvert and construction joints, admixtures as approved, curing of concrete slabs for 28- days, curing compound (where specified) and water finishing to lines and grade as per drawing  and Technical Specification Clause 1501 MORD",{"$f":"DET!I27","v":217.26},"Cum",{"$f":"DET!K27","v":7280.47},"1Cum",{"v":1581755,"d":"1581755.00"}]
[{"$f":"IF(C21<>\"\",SUBTOTAL(103,$C$9:C21),\"\")","v":7},"ACT0196","Providing and construction of name board of specified size with brick masonary including painting and required  lettering etc complete.",{"v":1,"d":"1.00"},"No",{"$f":"DET!M69","v":{"v":3600,"d":"3600.00"}},"1Cum",{"v":3600,"d":"3600.00"}]
[{"$f":"IF(C22<>\"\",SUBTOTAL(103,$C$9:C22),\"\")","v":8},"ACT0212","Provision for Seigneorage charges ",{"$nulls":4},{"$f":"DET!M65","v":{"v":79414,"d":"79414.00"}}]
[{"$f":"IF(C23<>\"\",SUBTOTAL(103,$C$9:C23),\"\")","v":9},"ACT0211","Provision QC charges @ 0.50%",{"$nulls":4},{"$f":"DET!M67","v":{"v":9913,"d":"9913.00"}}]
[{"$f":"IF(C24<>\"\",SUBTOTAL(103,$C$9:C24),\"\")","v":10},"ACT0210","Provision for work wise file",{"$nulls":4},{"$f":"DET!M70","v":{"v":100,"d":"100.00"}}]
[{"$f":"IF(C25<>\"\",SUBTOTAL(103,$C$9:C25),\"\")","v":10},"ACT0214","Provision GST charges",{"$nulls":4},{"$f":"DET!M68","v":{"v":0,"d":"0.00"}}]
[{"$f":"IF(C26<>\"\",SUBTOTAL(103,$C$9:C26),\"\")","v":11},"ACT0216","Provision towards unforeseen items of work",{"$nulls":4},{"$f":"DET!M71","v":{"v":3766,"d":"3766.00"}}]
[null,null,"Total",{"$nulls":4},{"$f":"SUM(H7:H26)","v":{"v":2000000.000002,"d":"2000000.00"}}]
[]
[]
[]
[null,null,{"$f":"'lead 2025-26'!$G$35","v":"Dy. Executive Engineer"},null,null,{"$f":"'lead 2025-26'!$J$35","v":"Assistant Engineer"}]
[null,null,{"$f":"'lead 2025-26'!$G$36","v":"PRI Sub Division"},null,null,{"$f":"'lead 2025-26'!$J$36","v":"Mandal Praja Parishad"}]
[null,null,{"$f":"'lead 2025-26'!$G$37","v":"Kanigiri"},null,null,{"$f":"'lead 2025-26'!$J$37","v":"Kanigiri"}]

{"sheet":"input data","index":3,"n_rows":33,"n_cols":8,"rows_kept":33,"merged":[[1,0,1,6],[2,0,2,6],[26,0,26,2]]}
[]
["NIC MATERIAL MASTER"]
[{"$f":"'lead 2025-26'!B3&'lead 2025-26'!C3","v":"Name of the work : Providing internal CC roads in Ganugapenta GP of Kanigiri Mandal."}]
[null,"Name of the District:",":","Prakasam"]
[null,"Name of the Constituency",":","Kanigiri"]
[null,"Name of the Mandal",":","P.C.Palli"]
[null,"Name of the GP / Habitation",":","Ganugapenta"]
[{"$nulls":4},"Es.Rs.",{"$f":"'lead 2025-26'!K4","v":"20.00 Lakhs"}]
["S No","Task Name","Unit","Task Code","Qty","Rate per Unit in Rs","Amount in Rs"]
[{"$f":"IF(B10<>\"\",SUBTOTAL(103,$B$10:B10),\"\")","v":1},"Cost of Cement (OPC-53)","MT","MAT-0001 ",{"$f":"seigneorage!O23","v":{"v":71.7,"d":"71.70"}},{"$f":"'lead 2025-26'!K25","v":{"v":5400,"d":"5400.00"}},{"$f":"ROUND(E10*F10,0)","v":{"v":387180,"d":"387180.00"}}]
[{"$f":"IF(B11<>\"\",SUBTOTAL(103,$B$10:B11),\"\")","v":1},"Cost of Sand for Concrete","cum","MAT -0010",{"$f":"seigneorage!I23","v":97.77},{"$f":"'lead 2025-26'!H9","v":{"v":0,"d":"0.00"}},{"$f":"ROUND(E11*F11,0)","v":{"v":0,"d":"0.00"}}]
[{"$f":"IF(B12<>\"\",SUBTOTAL(103,$B$10:B12),\"\")","v":1},"Cost of 40 mm HBG Metal ","cum","MAT-0013",{"$f":"seigneorage!K23","v":{"v":0,"d":"0.00"}},{"$f":"'lead 2025-26'!H13+'lead 2025-26'!I13+'lead 2025-26'!J13","v":{"v":1032.5,"d":"1032.50"}},{"$f":"ROUND(E12*F12,0)","v":{"v":0,"d":"0.00"}}]
[{"$f":"IF(B13<>\"\",SUBTOTAL(103,$B$10:B13),\"\")","v":2},"Cost of 20 mm HBG Metal ","cum","MAT-0014 ",{"$f":"seigneorage!L23","v":129.05},{"$f":"'lead 2025-26'!H11+'lead 2025-26'!I11+'lead 2025-26'!J11","v":1676.25},{"$f":"ROUND(E13*F13,0)","v":{"v":216320,"d":"216320.00"}}]
[{"$f":"IF(B14<>\"\",SUBTOTAL(103,$B$10:B14),\"\")","v":3},"Cost of 12 mm HBG Metal ","cum","MAT -0015",{"$f":"seigneorage!M23","v":66.48},{"$f":"'lead 2025-26'!H12+'lead 2025-26'!I12+'lead 2025-26'!J12","v":{"v":1350,"d":"1350.00"}},{"$f":"ROUND(E14*F14,0)","v":{"v":89748,"d":"89748.00"}}]
[{"$f":"IF(B15<>\"\",SUBTOTAL(103,$B$10:B15),\"\")","v":4},"Granular Material","cum","MAT-0030 ",{"$f":"A.M!D17","v":{"v":140.32000000000002,"d":"140.32"}},{"$f":"A.M!F17","v":1797.53},{"$f":"ROUND(E15*F15,0)","v":{"v":252229,"d":"252229.00"}}]
[{"$f":"IF(B16<>\"\",SUBTOTAL(103,$B$10:B16),\"\")","v":5},"Cost of Selected earth","cum","MAT-0039",{"$f":"DET!I32","v":{"v":34.50000000000001,"d":"34.50"}},{"$f":"DET!K32","v":338.03},{"$f":"ROUND(E16*F16,0)","v":{"v":11662,"d":"11662.00"}}]
[{"$f":"IF(B17<>\"\",SUBTOTAL(103,$B$10:B17),\"\")","v":6},"Conveyance charges for Sand","cum","MAT-0060",{"$f":"E11","v":97.77},{"$f":"'lead 2025-26'!G9","v":{"v":2329.659999999989,"d":"2329.66"}},{"$f":"ROUND(E17*F17,0)","v":{"v":227771,"d":"227771.00"}}]
[{"$f":"IF(B18<>\"\",SUBTOTAL(103,$B$10:B18),\"\")","v":7},"Conveyance charges for Metal, Stone, Bricks","LS","MAT-0061",null,null,{"$f":"ROUND((E12*'lead 2025-26'!G13)+('input data'!E13*'lead 2025-26'!G11)+('input data'!E14*'lead 2025-26'!G12),0)","v":{"v":140158,"d":"140158.00"}}]
[{"$f":"IF(B19<>\"\",SUBTOTAL(103,$B$10:B19),\"\")","v":8},"Citizen information Board/Name board","Each","MAT-0063",null,null,{"$f":"A.M!H21","v":{"v":3600,"d":"3600.00"}}]
[{"$f":"IF(B20<>\"\",SUBTOTAL(103,$B$10:B20),\"\")","v":8},"GST charges","Each","MAT-0062",null,null,{"$f":"A.M!H25","v":{"v":0,"d":"0.00"}}]
[{"$f":"IF(B21<>\"\",SUBTOTAL(103,$B$10:B21),\"\")","v":9},"Provision for work wise file","Each","MAT- 0064",null,null,{"$f":"A.M!H24","v":{"v":100,"d":"100.00"}}]
[{"$f":"IF(B22<>\"\",SUBTOTAL(103,$B$10:B22),\"\")","v":10},"Provision for Seigneorage charges",null,"A11592 CW-13",null,null,{"$f":"A.M!H22","v":{"v":79414,"d":"79414.00"}}]
[{"$f":"IF(B23<>\"\",SUBTOTAL(103,$B$10:B23),\"\")","v":11},"Provision QC charges @ 0.50%",null,"A11591 CW-12",null,null,{"$f":"A.M!H23","v":{"v":9913,"d":"9913.00"}},{"$f":"SUM(G10:G23)","v":{"v":1418095,"d":"1418095.00"}}]
[{"$f":"IF(B24<>\"\",SUBTOTAL(103,$B$10:B24),\"\")","v":12},"Contingency and unforeseen items","LS","MAT-0073",null,null,{"$f":"H24-H23","v":{"v":581386,"d":"581386.00"}},{"$f":"DET!M72-DET!M10","v":{"v":1999481,"d":"1999481.00"}}]
[]
[]
[" Total excluding Wage component",{"$nulls":5},{"$f":"SUM(G10:G26)","v":{"v":1999481,"d":"1999481.00"}},{"$f":"G27+A.M!H8","v":2000000}]
[]
[]
[]
[null,null,{"$f":"'lead 2025-26'!$G$35","v":"Dy. Executive Engineer"},null,null,{"$f":"'lead 2025-26'!$J$35","v":"Assistant Engineer"}]
[null,null,{"$f":"'lead 2025-26'!$G$36","v":"PRI Sub Division"},null,null,{"$f":"'lead 2025-26'!$J$36","v":"Mandal Praja Parishad"}]
[null,null,{"$f":"'lead 2025-26'!$G$37","v":"Kanigiri"},null,null,{"$f":"'lead 2025-26'!$J$37","v":"Kanigiri"}]

{"sheet":"DET","index":4,"n_rows":78,"n_cols":22,"rows_kept":78,"merged":[[0,0,0,12],[1,0,1,1],[1,2,1,12],[2,10,2,11],[3,0,4,0],[3,1,4,1],[3,2,4,4],[3,5,3,7],[3,8,4,9],[3,10,4,10],[3,11,4,11],[3,12,4,12],[5,2,5,4],[5,8,5,9],[6,1,6,7],[10,1,10,7],[14,1,14,7],[19,1,19,7],[23,1,23,7],[27,1,27,7],[32,1,32,7],[37,1,37,7],[41,1,41,7],[46,1,46,7],[51,1,51,7],[57,1,57,7],[63,1,63,7],[64,1,64,7],[66,1,66,7],[67,1,67,7],[68,1,68,7],[69,1,69,7],[70,1,70,7],[71,1,71,7],[71,8,71,10]]}
["DETAILED ESTIMATE CUM ABSTRACT"]
[{"$f":"'lead 2025-26'!B3","v":"Name of the work : "},null,{"$f":"'lead 2025-26'!C3","v":"Providing internal CC roads in Ganugapenta GP of Kanigiri Mandal."}]
[{"$nulls":10},"Est.Rs.",null,{"$f":"'lead 2025-26'!K4","v":"20.00 Lakhs"}]
["Sl. No","Description of Item","No.",null,null,"Measurements",null,null,"Quantity",null,"Rate","Per","Amount  Rs."]
[{"$nulls":5},"L","B","D"]
[1,2,3,null,null,4,5,6,7,null,8,9,10]
[1,"Unskilled Labour Charges for Earthwork excavation by manual means exceeding 1.5 m in width taking out the excavated soil and disposal as directed by engineer in charge in Ordinary soil, with an Initial Lead up to 10 m and lift up to 1.5 m"]
[null,"High berm cutting",1,"x",1,{"v":10,"d":"10.00"},{"v":0.6,"d":"0.60"},{"v":0.6,"d":"0.600"},{"$f":"ROUND(IF(AND(F8:H8),C8*E8*F8*G8*H8,IF(AND(F8,G8),C8*E8*F8*G8,IF(AND(F8,H8),C8*E8*F8*H8,IF(AND(G8,H8),C8*E8*G8*H8,IF(F8,C8*E8*F8,IF(G8,C8*E8*G8,IF(H8,C8*E8*H8,C8*E8))))))),2)","v":{"v":3.6,"d":"3.60"}},"Cum"]
[]
[{"$nulls":8},{"$f":"SUM(I8:I9)","v":{"v":3.6,"d":"3.60"}},"Cum",{"$f":"'DATA SHEET'!H8","v":144.26},"1Cum",{"$f":"ROUND(I10*K10/1,0)","v":{"v":519,"d":"519.00"}}]
[2,"Scarifying existing granular surface to a depth of 50 mm and disposal of scarified material with a lift upto 3 m and leads upto 1000 m as per Technical Specification Clause 301.4. MORD"]
[null,null,1,"x",1,{"v":426,"d":"426.00"},{"v":3.3,"d":"3.30"},{"v":0,"d":"0.000"},{"$f":"ROUND(IF(AND(F12:H12),C12*E12*F12*G12*H12,IF(AND(F12,G12),C12*E12*F12*G12,IF(AND(F12,H12),C12*E12*F12*H12,IF(AND(G12,H12),C12*E12*G12*H12,IF(F12,C12*E12*F12,IF(G12,C12*E12*G12,IF(H12,C12*E12*H12,C12*E12))))))),2)","v":{"v":1405.8,"d":"1405.80"}},"Sqm"]
[{"$nulls":14},{"$f":"O71","v":{"v":3766,"d":"3766.00"}}]
[{"$nulls":8},{"$f":"SUM(I12:I13)","v":{"v":1405.8,"d":"1405.80"}},"Sqm",{"$f":"'DATA SHEET'!H14","v":33.88},"1Sqm",{"$f":"ROUND(I14*K14/1,0)","v":{"v":47629,"d":"47629.00"}}]
[3,"Construction of Granular Sub Base using well graded material, spreading in uniform layers with tractor  mounted grader on prepared surface , mixing by mix in place  method with   rotovator at OMC and compacting  with Smooth wheel roller  to achive the desired  density , Complete as per technical speficaction clause 401 of MORD"]
[null,null,1,"x",1,{"$f":"F12","v":{"v":426,"d":"426.00"}},{"v":3.3,"d":"3.30"},{"v":0.1,"d":"0.100"},{"$f":"ROUND(IF(AND(F16:H16),C16*E16*F16*G16*H16,IF(AND(F16,G16),C16*E16*F16*G16,IF(AND(F16,H16),C16*E16*F16*H16,IF(AND(G16,H16),C16*E16*G16*H16,IF(F16,C16*E16*F16,IF(G16,C16*E16*G16,IF(H16,C16*E16*H16,C16*E16))))))),2)","v":140.58},"Cum"]
[null,"deduct pvc pipe portion",{"$f":"E21","v":10},"x",0.785,{"$f":"G16","v":{"v":3.3,"d":"3.30"}},{"v":0.1,"d":"0.10"},{"v":0.1,"d":"0.100"},{"$f":"-ROUND(IF(AND(F17:H17),C17*E17*F17*G17*H17,IF(AND(F17,G17),C17*E17*F17*G17,IF(AND(F17,H17),C17*E17*F17*H17,IF(AND(G17,H17),C17*E17*G17*H17,IF(F17,C17*E17*F17,IF(G17,C17*E17*G17,IF(H17,C17*E17*H17,C17*E17))))))),2)","v":-0.26},"Cum"]
[]
[{"$nulls":8},{"$f":"SUM(I16:I18)","v":{"v":140.32000000000002,"d":"140.32"}},"Cum",{"$f":"'DATA SHEET'!H34","v":1797.53},"1Cum",{"$f":"ROUND(I19*K19/1,0)","v":{"v":252229,"d":"252229.00"}}]
[4,"Supply and laying of  PVC  pipes 4kg/cm2 110mm dia double socket including all labour charges etc., complete"]
[null,null,1,"x",10,{"v":4,"d":"4.00"},{"v":0,"d":"0.00"},{"v":0,"d":"0.000"},{"$f":"ROUND(IF(AND(F21:H21),C21*E21*F21*G21*H21,IF(AND(F21,G21),C21*E21*F21*G21,IF(AND(F21,H21),C21*E21*F21*H21,IF(AND(G21,H21),C21*E21*G21*H21,IF(F21,C21*E21*F21,IF(G21,C21*E21*G21,IF(H21,C21*E21*H21,C21*E21))))))),2)","v":{"v":40,"d":"40.00"}},"Rm"]
[]
[{"$nulls":8},{"$f":"SUM(I21:I22)","v":{"v":40,"d":"40.00"}},"Rm",{"$f":"'DATA SHEET'!H18","v":235.33},"1Rm",{"$f":"ROUND(I23*K23/1,0)","v":{"v":9413,"d":"9413.00"}}]
[4,"Plain cement concrete for cc pavement over a prepared sub base, with 43 grade cement or any other type as per Clause 1501.2.2 M20 (Grade), coarse and fine aggregates conforming to IS : 383, mixed in a concrete mixer of not less than 0.2 cum capacity and appropriate weigh batcher , laid in approved fixed side formwork (laying and fixing of 125 micron thick polythene film, wedges,  including levelling the formwork as per drawing), spreading the concrete with sholvels, rakes, compacted using needle and plate vibrators and finished in continuous operation including provision of joints, curing of concrete slabs for 14- days, and water finishing to lines and grade as per drawing  and Technical Specification Clause 1501 MORD "]
[null,null,1,"x",1,{"$f":"F16","v":{"v":426,"d":"426.00"}},{"v":3,"d":"3.00"},{"v":0.17,"d":"0.170"},{"$f":"ROUND(IF(AND(F25:H25),C25*E25*F25*G25*H25,IF(AND(F25,G25),C25*E25*F25*G25,IF(AND(F25,H25),C25*E25*F25*H25,IF(AND(G25,H25),C25*E25*G25*H25,IF(F25,C25*E25*F25,IF(G25,C25*E25*G25,IF(H25,C25*E25*H25,C25*E25))))))),2)","v":217.26},"Cum"]
[]
[{"$nulls":8},{"$f":"SUM(I25:I26)","v":217.26},"Cum",{"$f":"'DATA SHEET'!H64","v":7280.47},"1Cum",{"$f":"ROUND(I27*K27/1,0)","v":{"v":1581755,"d":"1581755.00"}}]
[5,"Construction of improved shoulders by provided selected earth  on prepared surface and compacted at OMC with vibratory roller 80-100 KN to meet requirement of table 00.2 with as per technical specification clause 303 MORD, 305 MORTH by using machinery"]
[null,null,1,"x",2,{"$f":"F25","v":{"v":426,"d":"426.00"}},{"v":0.3,"d":"0.30"},{"v":0.27,"d":"0.270"},{"$f":"ROUND(IF(AND(F29:H29),C29*E29*F29*G29*H29,IF(AND(F29,G29),C29*E29*F29*G29,IF(AND(F29,H29),C29*E29*F29*H29,IF(AND(G29,H29),C29*E29*G29*H29,IF(F29,C29*E29*F29,IF(G29,C29*E29*G29,IF(H29,C29*E29*H29,C29*E29))))))),2)","v":69.01},"Cum"]
[null,"Deduct GSB ",1,"x",2,{"$f":"F29","v":{"v":426,"d":"426.00"}},0.15,{"v":0.27,"d":"0.270"},{"$f":"-ROUND(IF(AND(F30:H30),C30*E30*F30*G30*H30,IF(AND(F30,G30),C30*E30*F30*G30,IF(AND(F30,H30),C30*E30*F30*H30,IF(AND(G30,H30),C30*E30*G30*H30,IF(F30,C30*E30*F30,IF(G30,C30*E30*G30,IF(H30,C30*E30*H30,C30*E30))))))),2)","v":-34.51},"Cum"]
[]
[{"$nulls":8},{"$f":"SUM(I29:I31)","v":{"v":34.50000000000001,"d":"34.50"}},"Cum",{"$f":"'DATA SHEET'!H78","v":338.03},"1Cum",{"$f":"ROUND(I32*K32/1,0)","v":{"v":11662,"d":"11662.00"}}]
[6,"Earthwork in excavation for structures as per drawing and technical specifications Clause 305.1 including setting out, construction of shoring and bracing, removal of stumps and other deleterious material and disposal upto a lead of 50 m, dressing of sides and bottom and backfilling in trenches with excavated suitable material as per Technical Specification 305 MORD / 304 MORTH"]
[null,"East side main road",1,"x",2,{"v":168.8,"d":"168.80"},{"v":1.1,"d":"1.10"},{"v":0.45,"d":"0.450"},{"$f":"ROUND(IF(AND(F34:H34),C34*E34*F34*G34*H34,IF(AND(F34,G34),C34*E34*F34*G34,IF(AND(F34,H34),C34*E34*F34*H34,IF(AND(G34,H34),C34*E34*G34*H34,IF(F34,C34*E34*F34,IF(G34,C34*E34*G34,IF(H34,C34*E34*H34,C34*E34))))))),2)","v":167.11},"Cum"]
[null,null,1,"x",2,{"v":101,"d":"101.00"},{"v":1.4,"d":"1.40"},{"v":0.9,"d":"0.900"},{"$f":"ROUND(IF(AND(F35:H35),C35*E35*F35*G35*H35,IF(AND(F35,G35),C35*E35*F35*G35,IF(AND(F35,H35),C35*E35*F35*H35,IF(AND(G35,H35),C35*E35*G35*H35,IF(F35,C35*E35*F35,IF(G35,C35*E35*G35,IF(H35,C35*E35*H35,C35*E35))))))),2)","v":254.52},"Cum",{"$nulls":3},{"v":133,"d":"133.00"},{"$f":"M71","v":{"v":3766,"d":"3766.00"}}]
[]
[{"$nulls":9},"Cum",{"$f":"'DATA SHEET'!H87","v":111.51},"1Cum",{"$f":"ROUND(I37*K37/1,0)","v":{"v":0,"d":"0.00"}}]
[7,"Sand filling in trenches, sides of foundations & basement by watering and ramming  including cost and conveyance of material and labour charges etc complete for finished item of the work (APSS No 309& 310) per 1 Cum"]
[null,"Cross drainage culvert",1,"x",1,{"v":3.3,"d":"3.30"},{"v":5,"d":"5.00"},{"v":0.1,"d":"0.100"},{"$f":"ROUND(IF(AND(F39:H39),C39*E39*F39*G39*H39,IF(AND(F39,G39),C39*E39*F39*G39,IF(AND(F39,H39),C39*E39*F39*H39,IF(AND(G39,H39),C39*E39*G39*H39,IF(F39,C39*E39*F39,IF(G39,C39*E39*G39,IF(H39,C39*E39*H39,C39*E39))))))),2)","v":1.65},"Cum"]
[]
[{"$nulls":9},"Cum",{"$f":"'DATA SHEET'!H93","v":134.78},"1Cum",{"$f":"ROUND(I41*K41/1,0)","v":{"v":0,"d":"0.00"}}]
[8,"Providing concrete for plain concrete M10 Grade in open foundations using 40 mm nominal size Graded hard stone aggregate, mechanically mixed, placed in foundation and compacted by vibration including curing for 14 days complete as per drawings and technical specifications Clause 802, 803, 1202 & 1203 MORD and 1500, 1700 & 2100 MORTH"]
[null,"East side main road",1,"x",2,{"v":168.8,"d":"168.80"},{"v":1.1,"d":"1.10"},{"v":0.15,"d":"0.150"},{"$f":"ROUND(IF(AND(F43:H43),C43*E43*F43*G43*H43,IF(AND(F43,G43),C43*E43*F43*G43,IF(AND(F43,H43),C43*E43*F43*H43,IF(AND(G43,H43),C43*E43*G43*H43,IF(F43,C43*E43*F43,IF(G43,C43*E43*G43,IF(H43,C43*E43*H43,C43*E43))))))),2)","v":{"v":55.7,"d":"55.70"}},"Cum"]
[null,null,1,"x",2,{"$f":"$F$35","v":{"v":101,"d":"101.00"}},{"v":1.4,"d":"1.40"},{"v":0.15,"d":"0.150"},{"$f":"ROUND(IF(AND(F44:H44),C44*E44*F44*G44*H44,IF(AND(F44,G44),C44*E44*F44*G44,IF(AND(F44,H44),C44*E44*F44*H44,IF(AND(G44,H44),C44*E44*G44*H44,IF(F44,C44*E44*F44,IF(G44,C44*E44*G44,IF(H44,C44*E44*H44,C44*E44))))))),2)","v":42.42},"Cum"]
[]
[{"$nulls":9},"Cum",{"$f":"'DATA SHEET'!H108","v":5135.94},"1Cum",{"$f":"ROUND(I46*K46/1,0)","v":{"v":0,"d":"0.00"}}]
[9,"Plain cement concrete M 15 grade  using 40,20 & 12mm metal mechanically mixed in Open foundations complete as per drawings and technical specification Clauses 802, 804, 805, 806, 807, 1202 and 1204 MORD and 1500, 1700 & 2200 MORTH "]
[null,"East side main road",2,"x",2,{"v":168.8,"d":"168.80"},"0.30+0.15/2",{"v":0.45,"d":"0.450"},{"$f":"ROUND(C48*E48*F48*H48*(0.3+0.15)/2,2)","v":68.36},"Cum"]
[null,null,2,"x",2,{"$f":"$F$35","v":{"v":101,"d":"101.00"}},{"v":0.3,"d":"0.30"},{"v":0.75,"d":"0.750"},{"$f":"ROUND(IF(AND(F49:H49),C49*E49*F49*G49*H49,IF(AND(F49,G49),C49*E49*F49*G49,IF(AND(F49,H49),C49*E49*F49*H49,IF(AND(G49,H49),C49*E49*G49*H49,IF(F49,C49*E49*F49,IF(G49,C49*E49*G49,IF(H49,C49*E49*H49,C49*E49))))))),2)","v":{"v":90.9,"d":"90.90"}},"Cum"]
[]
[{"$nulls":9},"Cum",{"$f":"'DATA SHEET'!H128","v":{"v":9012.880000000001,"d":"9012.88"}},"1Cum",{"$f":"ROUND(I51*K51/1,0)","v":{"v":0,"d":"0.00"}}]
[10,"Providing  RCC M-20 grade cement concrete using  using 20 mm to 12 mm Graded HBG crushed Metal ( 66% of 20 mm and 34% of 12mm )s from approved source for deck slab including cost of all ,materials, machinery, labour, formwork,  scaffolding,placing in position, levelling, vibrating, finishing, curing etc., complete with initial lead upto 50 m and all lifts."]
[null,"Deck slab",1,"x",4,{"v":5,"d":"5.00"},{"v":0.9,"d":"0.90"},{"v":0.15,"d":"0.150"},{"$f":"ROUND(IF(AND(F53:H53),C53*E53*F53*G53*H53,IF(AND(F53,G53),C53*E53*F53*G53,IF(AND(F53,H53),C53*E53*F53*H53,IF(AND(G53,H53),C53*E53*G53*H53,IF(F53,C53*E53*F53,IF(G53,C53*E53*G53,IF(H53,C53*E53*H53,C53*E53))))))),2)","v":{"v":2.7,"d":"2.70"}},"Cum",{"$nulls":4},{"$f":"F53/0.15","v":33.333333333333336},0.9,{"$f":"O53*P53*0.62","v":{"v":18.6,"d":"18.60"}},{"$f":"G53/0.15","v":6},{"$f":"F53","v":{"v":5,"d":"5.00"}},{"$f":"R53*S53*0.62","v":{"v":18.6,"d":"18.60"}},{"$f":"Q53+T53","v":{"v":37.2,"d":"37.20"}},{"$f":"U53*E53","v":148.8}]
[null,"precasted slab",1,"x",1,{"v":168.8,"d":"168.80"},{"v":0.9,"d":"0.90"},0.075,{"$f":"ROUND(IF(AND(F54:H54),C54*E54*F54*G54*H54,IF(AND(F54,G54),C54*E54*F54*G54,IF(AND(F54,H54),C54*E54*F54*H54,IF(AND(G54,H54),C54*E54*G54*H54,IF(F54,C54*E54*F54,IF(G54,C54*E54*G54,IF(H54,C54*E54*H54,C54*E54))))))),2)","v":11.39},"Cum",{"$nulls":4},{"$f":"F54/0.15","v":1125.3333333333335},{"$f":"G54","v":{"v":0.9,"d":"0.90"}},{"$f":"O54*P54*0.39","v":{"v":394.9920000000001,"d":"394.99"}},{"$f":"G54/0.15","v":6},{"$f":"F54","v":{"v":168.8,"d":"168.80"}},{"$f":"R54*S54*0.39","v":{"v":394.992,"d":"394.99"}},{"$f":"Q54+T54","v":{"v":789.9840000000002,"d":"789.98"}},{"$f":"U54*E54","v":789.9840000000002}]
[null,null,1,"x",1,{"$f":"$F$35","v":{"v":101,"d":"101.00"}},{"v":1.2,"d":"1.20"},0.075,{"$f":"ROUND(IF(AND(F55:H55),C55*E55*F55*G55*H55,IF(AND(F55,G55),C55*E55*F55*G55,IF(AND(F55,H55),C55*E55*F55*H55,IF(AND(G55,H55),C55*E55*G55*H55,IF(F55,C55*E55*F55,IF(G55,C55*E55*G55,IF(H55,C55*E55*H55,C55*E55))))))),2)","v":9.09},"Cum",{"$nulls":4},{"$f":"F55/0.15","v":673.3333333333334},{"$f":"G55","v":{"v":1.2,"d":"1.20"}},{"$f":"O55*P55*0.39","v":315.12},{"$f":"G55/0.15","v":8},{"$f":"F55","v":{"v":101,"d":"101.00"}},{"$f":"R55*S55*0.39","v":315.12},{"$f":"Q55+T55","v":630.24},{"$f":"U55*E55","v":630.24}]
[]
[{"$nulls":9},"Cum",{"$f":"'DATA SHEET'!H146","v":7439.55},"1Cum",{"$f":"ROUND(I57*K57/1,0)","v":{"v":0,"d":"0.00"}}]
[11,"Supplying, fitting and placing HYSD bar reinforcement in foundation complete as per drawings and technical specifications Clauses 1000 and 1202  MORD & 1100, 1600 MORTH for Bars below 36 mm dia including over laps and wastage, where they are not welded."]
[null,"deck slab",{"$nulls":6},0.15,"MT"]
[null,"precasted slab",{"$nulls":6},{"v":1.3,"d":"1.30"},"MT"]
[]
[{"$nulls":9},"MT",{"$f":"'DATA SHEET'!H156","v":{"v":76170,"d":"76170.00"}},"1MT",{"$f":"ROUND(I62*K62,0)","v":{"v":0,"d":"0.00"}}]
[]
[null,"Total",{"$nulls":10},{"$f":"SUM(M7:M63)","v":{"v":1903207,"d":"1903207.00"}}]
[6,"Provision for Seigneorage charges",{"$nulls":10},{"$f":"seigneorage!K29","v":{"v":79414,"d":"79414.00"}}]
[{"$nulls":12},{"$f":"SUM(M64:M65)","v":{"v":1982621,"d":"1982621.00"}}]
[7,"Provision for QC charges @ 0.50%",{"$nulls":8},{"$f":"M66","v":1982621},"x0.50%",{"$f":"ROUND(K67*0.5%,0)","v":{"v":9913,"d":"9913.00"}}]
[8,"Provision for GST charges @ 18%",{"$nulls":8},{"$f":"M66","v":1982621},"x18%",{"v":0,"d":"0.00"}]
[8,"Provision for Name board",{"$nulls":10},{"v":3600,"d":"3600.00"}]
[9,"Provision for work file ",{"$nulls":10},{"v":100,"d":"100.00"}]
[10,"Unforseen items such as if any",{"$nulls":10},{"$f":"O71","v":{"v":3766,"d":"3766.00"}},null,{"$f":"O72-M66-M67-M68-M69-M70","v":{"v":3766,"d":"3766.00"}}]
[{"$nulls":8},"Grand Total:-",{"$nulls":3},{"$f":"SUM(M66:M71)","v":{"v":2000000,"d":"2000000.00"}},null,2000000]
[]
[]
[]
[{"$nulls":6},{"$f":"'lead 2025-26'!$G$35","v":"Dy. Executive Engineer"},{"$nulls":3},{"$f":"'lead 2025-26'!$J$35","v":"Assistant Engineer"}]
[{"$nulls":6},{"$f":"'lead 2025-26'!$G$36","v":"PRI Sub Division"},{"$nulls":3},{"$f":"'lead 2025-26'!$J$36","v":"Mandal Praja Parishad"}]
[{"$nulls":6},{"$f":"'lead 2025-26'!$G$37","v":"Kanigiri"},{"$nulls":3},{"$f":"'lead 2025-26'!$J$37","v":"Kanigiri"}]

{"sheet":"seigneorage","index":5,"n_rows":35,"n_cols":16,"rows_kept":35,"merged":[[0,0,0,14],[1,0,1,14],[2,12,2,13],[3,1,3,5],[26,1,26,5],[27,1,27,5]]}
["SEIGNEORAGE STATEMENT"]
[{"$f":"'lead 2025-26'!B3&'lead 2025-26'!C3","v":"Name of the work : Providing internal CC roads in Ganugapenta GP of Kanigiri Mandal."}]
[{"$nulls":11},"Est Rs.",{"$f":"'lead 2025-26'!K4","v":"20.00 Lakhs"}]
["S.No","Description of Item",{"$nulls":5},"Earth","Sand","Granular sub base","40mm Metal","20mm Metal","12mm Metal","Other Metals","Cement"]
[1,"Granular sub base","Metal",{"$f":"DET!I19","v":{"v":140.32000000000002,"d":"140.32"}},"x",{"v":1.2,"d":"1.20"},"=",null,null,{"$f":"ROUND((D5*1.2)/1*1,2)","v":168.38}]
[2,"CC Pavement M-20","Metal",{"$f":"DET!I27","v":217.26},"x",0.594,"=",{"$nulls":4},{"$f":"ROUND(D6*F6,2)","v":129.05},null,null,{"$f":"ROUND(D6*330/1000,2)","v":{"v":71.7,"d":"71.70"}}]
[null,null,"Metal",{"$f":"D6","v":217.26},"x",0.306,{"$nulls":6},{"$f":"ROUND(D7*F7,2)","v":66.48}]
[null,null,"Sand",{"$f":"D7","v":217.26},"x",0.45,"=",null,{"$f":"ROUND(D8*F8,2)","v":97.77}]
[3,"Shoulders","Earth",{"$f":"DET!I32","v":{"v":34.50000000000001,"d":"34.50"}},null,null,"=",{"$f":"D9","v":{"v":34.50000000000001,"d":"34.50"}}]
[null,"Sub estimate"]
[3,"Earthwork","Earth",{"$f":"DET!I37","v":{"v":0,"d":"0.00"}},null,null,"=",{"$f":"D11","v":{"v":0,"d":"0.00"}}]
[3,"sand filling","Sand",{"$f":"DET!I41","v":{"v":0,"d":"0.00"}},null,null,"=",null,{"$f":"D12","v":{"v":0,"d":"0.00"}}]
[4,"PCC M-10 Grade","Metal",{"$f":"DET!I46","v":{"v":0,"d":"0.00"}},"x",{"v":0.9,"d":"0.900"},"=",{"$nulls":3},{"$f":"ROUND(D13*F13,2)","v":{"v":0,"d":"0.00"}},{"$nulls":3},{"$f":"ROUND(D13*220/1000,2)","v":{"v":0,"d":"0.00"}}]
[null,null,"Sand",{"$f":"D13","v":{"v":0,"d":"0.00"}},"x",0.45,"=",null,{"$f":"ROUND(D14*F14,2)","v":{"v":0,"d":"0.00"}}]
[5,"PCC M-15 grade","Metal",{"$f":"DET!I51","v":{"v":0,"d":"0.00"}},"x",{"v":0.48,"d":"0.480"},"=",{"$nulls":3},{"$f":"ROUND(D15*F15,2)","v":{"v":0,"d":"0.00"}},{"$nulls":3},{"$f":"ROUND(D15*275/1000,2)","v":{"v":0,"d":"0.00"}}]
[null,null,"Metal",{"$f":"D15","v":{"v":0,"d":"0.00"}},"x",{"v":0.24,"d":"0.240"},"=",{"$nulls":4},{"$f":"ROUND(D16*F16,2)","v":{"v":0,"d":"0.00"}}]
[null,null,"Metal",{"$f":"D16","v":{"v":0,"d":"0.00"}},"x",{"v":0.08,"d":"0.080"},"=",{"$nulls":5},{"$f":"ROUND(D17*F17,2)","v":{"v":0,"d":"0.00"}}]
[null,null,"Sand",{"$f":"D17","v":{"v":0,"d":"0.00"}},"x",0.48,"=",null,{"$f":"ROUND(D18*F18,2)","v":{"v":0,"d":"0.00"}}]
[6,"Deck slab","Metal",{"$f":"DET!I57","v":{"v":0,"d":"0.00"}},"x",0.594,"=",{"$nulls":4},{"$f":"ROUND(D19*F19,2)","v":{"v":0,"d":"0.00"}},null,null,{"$f":"ROUND(D19*330/1000,2)","v":{"v":0,"d":"0.00"}},{"$f":"ROUND(D19*403/1000,2)","v":{"v":0,"d":"0.000"}}]
[null,null,"Metal",{"$f":"D19","v":{"v":0,"d":"0.00"}},"x",0.306,"=",{"$nulls":5},{"$f":"ROUND(D20*F20,2)","v":{"v":0,"d":"0.00"}}]
[null,null,"Sand",{"$f":"D20","v":{"v":0,"d":"0.00"}},"x",0.45,"=",null,{"$f":"ROUND(D21*F21,2)","v":{"v":0,"d":"0.00"}}]
[]
[{"$nulls":7},{"$f":"SUM(H5:H22)","v":{"v":34.50000000000001,"d":"34.50"}},97.77,168.38,{"v":0,"d":"0.00"},129.05,66.48,{"v":0,"d":"0.00"},{"v":71.7,"d":"71.70"}]
[{"$nulls":7},{"v":82.5,"d":"82.50"},{"v":0,"d":"0.00"},{"v":157.5,"d":"157.50"},{"v":157.5,"d":"157.50"},{"v":157.5,"d":"157.50"},{"v":157.5,"d":"157.50"},{"v":157.5,"d":"157.50"},"MT"]
[{"$nulls":6},"=",{"$f":"ROUND(H23*H24,2)","v":2846.25},{"v":0,"d":"0.00"},{"v":26519.85,"d":"26519.9"},{"v":0,"d":"0.00"},20325.38,{"v":10470.6,"d":"10470.60"},{"$f":"ROUND(N23*N24,2)","v":{"v":0,"d":"0.00"}}]
[{"$nulls":4},"Total ",null,"=",{"$f":"SUM(H25:N25)","v":{"v":60162.079999999994,"d":"60162.08"}},"Or"]
[null,"Provision for DMF Amount 30%",{"$nulls":5},{"$f":"ROUND(H26*30%,2)","v":18048.62}]
[null,"Provision for  Merit amount 2%",{"$nulls":5},{"$f":"ROUND(H26*2%,2)","v":1203.24}]
[{"$nulls":4},"Total ",null,"=",{"$f":"SUM(H26:H28)","v":79413.94},"Or","Or",{"$f":"ROUND(H29,0)","v":{"v":79414,"d":"79414.0"}}]
[]
[]
[]
[{"$nulls":9},{"$f":"'lead 2025-26'!$G$35","v":"Dy. Executive Engineer"},null,null,{"$f":"'lead 2025-26'!$J$35","v":"Assistant Engineer"}]
[{"$nulls":9},{"$f":"'lead 2025-26'!$G$36","v":"PRI Sub Division"},null,null,{"$f":"'lead 2025-26'!$J$36","v":"Mandal Praja Parishad"}]
[{"$nulls":9},{"$f":"'lead 2025-26'!$G$37","v":"Kanigiri"},null,null,{"$f":"'lead 2025-26'!$J$37","v":"Kanigiri"}]

{"sheet":"lead 2025-26","index":6,"n_rows":37,"n_cols":15,"rows_kept":37,"merged":[[0,0,0,10],[2,2,2,10],[3,8,3,9],[5,0,6,0],[5,1,6,1],[5,2,6,2],[5,3,6,3],[5,4,6,4],[5,5,5,6],[5,7,6,7],[5,8,6,8],[5,9,6,9],[5,10,6,10],[5,11,6,11]]}
["LEAD STATEMENT (2025-2026)"]
[]
[null,"Name of the work : ","Providing internal CC roads in Ganugapenta GP of Kanigiri Mandal."]
[null," ",{"$nulls":6},"Est. Cost Rs: ",null,"20.00 Lakhs"]
[]
["Sl. No.","Name of the Material","Name of the Quarry","CFMS Code","Units","Conveyance charges",null,"Initial cost","Blastering charges","25% HBG MC Charges","Total","ave total"]
[{"$nulls":5},"Lead in Km","Conveyance charges"]
[1,2,3,4,5,6,7,8,9,10,11]
[{"$f":"IF(B9<>\"\",SUBTOTAL(103,$B9:B$9),\"\")","v":1},"Sand for Concrete","sangam","MAT-00027","1 Cum",{"v":173,"d":"173.00"},{"$f":"VLOOKUP(F9,'CON 2025-26'!A6:D290,2,TRUE)","v":{"v":2329.659999999989,"d":"2329.66"}},{"$nulls":3},{"$f":"SUM(G9:J9)","v":{"v":2329.659999999989,"d":"2329.66"}}]
[{"$f":"IF(B10<>\"\",SUBTOTAL(103,$B$9:B10),\"\")","v":1},"Sand for Filling","Local vagu","MAT-00028","1 Cum",{"v":5,"d":"5.00"},{"$f":"VLOOKUP(F10,'CON 2025-26'!A7:D291,2,TRUE)","v":{"v":103,"d":"103.00"}},{"$nulls":3},{"$f":"SUM(G10:J10)","v":{"v":103,"d":"103.00"}}]
[{"$f":"IF(B11<>\"\",SUBTOTAL(103,$B$9:B11),\"\")","v":2},"20mm HBG Metal","Ramatherdham","MAT-00218","1 Cum",{"v":50,"d":"50.00"},{"$f":"VLOOKUP(F11,'CON 2025-26'!A6:D131,3,TRUE)","v":{"v":716.8100000000002,"d":"716.81"}},{"v":1285,"d":"1285.00"},{"v":70,"d":"70.00"},{"$f":"ROUND(H11*0.25,2)","v":321.25},{"$f":"SUM(G11:J11)","v":{"v":2393.0600000000004,"d":"2393.06"}},{"$nulls":3},{"$f":"H11+I11+J11","v":1676.25}]
[{"$f":"IF(B12<>\"\",SUBTOTAL(103,$B$9:B12),\"\")","v":3},"12mm HBG Metal",{"$f":"C11","v":"Ramatherdham"},"MAT-00217","1 Cum",{"$f":"F11","v":{"v":50,"d":"50.00"}},{"$f":"VLOOKUP(F12,'CON 2025-26'!A6:D132,3,TRUE)","v":{"v":716.8100000000002,"d":"716.81"}},{"v":1024,"d":"1024.00"},{"v":70,"d":"70.00"},{"$f":"ROUND(H12*0.25,2)","v":{"v":256,"d":"256.00"}},{"v":2066.8100000000004,"d":"2066.81"},{"$nulls":3},{"$f":"H12+I12+J12","v":{"v":1350,"d":"1350.00"}}]
[{"$f":"IF(B13<>\"\",SUBTOTAL(103,$B$9:B13),\"\")","v":3},"40mm HBG Metal","Ramatherdham","MAT-00220","1 Cum",{"$f":"F12","v":{"v":50,"d":"50.00"}},{"$f":"VLOOKUP(F13,'CON 2025-26'!A8:D133,3,TRUE)","v":{"v":716.8100000000002,"d":"716.81"}},{"v":770,"d":"770.00"},{"v":70,"d":"70.00"},{"$f":"ROUND(H13*0.25,2)","v":{"v":192.5,"d":"192.50"}},{"$f":"SUM(G13:J13)","v":{"v":1749.3100000000002,"d":"1749.31"}},{"$nulls":3},{"$f":"H13+I13+J13","v":{"v":1032.5,"d":"1032.50"}}]
[{"$f":"IF(B14<>\"\",SUBTOTAL(103,$B$9:B14),\"\")","v":3},"60 mm to 63 mm size ( IRC and MORTH )",{"$f":"C11","v":"Ramatherdham"},"MAT-00442","1 Cum",{"$f":"F13","v":{"v":50,"d":"50.00"}},{"$f":"VLOOKUP(F14,'CON 2025-26'!A5:D131,3,TRUE)","v":{"v":716.8100000000002,"d":"716.81"}},{"v":527,"d":"527.00"},{"v":70,"d":"70.00"},{"v":0,"d":"0.00"},{"v":1313.8100000000002,"d":"1313.81"}]
[{"$f":"IF(B15<>\"\",SUBTOTAL(103,$B$9:B15),\"\")","v":3},"40 mm to 45 mm size ( IRC and MORTH )",{"$f":"C11","v":"Ramatherdham"},"MAT-00440","1 Cum",{"$f":"F11","v":{"v":50,"d":"50.00"}},{"$f":"VLOOKUP(F15,'CON 2025-26'!A6:D132,3,TRUE)","v":{"v":716.8100000000002,"d":"716.81"}},{"v":771,"d":"771.00"},{"v":70,"d":"70.00"},{"$f":"ROUND(H15*0.25,2)","v":192.75},{"$f":"SUM(G15:J15)","v":{"v":1750.5600000000002,"d":"1750.56"}}]
[{"$f":"IF(B16<>\"\",SUBTOTAL(103,$B$9:B16),\"\")","v":3},"25-27mm M/c HBG Metal\nIRC, MORTH & MORD",{"$f":"C12","v":"Ramatherdham"},"MAT-00439","1 Cum",{"$f":"F12","v":{"v":50,"d":"50.00"}},{"$f":"VLOOKUP(F16,'CON 2025-26'!A7:D133,3,TRUE)","v":{"v":716.8100000000002,"d":"716.81"}},{"v":1204,"d":"1204.00"},{"v":70,"d":"70.00"},{"$f":"ROUND(H16*0.25,2)","v":{"v":301,"d":"301.00"}},{"$f":"SUM(G16:J16)","v":{"v":2291.8100000000004,"d":"2291.81"}},{"$f":"ROUND((K15+K16+K17)/3,2)","v":2111.81}]
[{"$f":"IF(B17<>\"\",SUBTOTAL(103,$B$9:B17),\"\")","v":3},"19 - 22mm HBG M/c metal\nIRC, MORTH & MORD",{"$f":"C13","v":"Ramatherdham"},"MAT-00438","1 Cum",{"$f":"F13","v":{"v":50,"d":"50.00"}},{"$f":"VLOOKUP(F17,'CON 2025-26'!A8:D134,3,TRUE)","v":{"v":716.8100000000002,"d":"716.81"}},{"v":1205,"d":"1205.00"},{"v":70,"d":"70.00"},{"$f":"ROUND(H17*0.25,2)","v":301.25},{"$f":"SUM(G17:J17)","v":{"v":2293.0600000000004,"d":"2293.06"}},{"$f":"ROUND((K17+K18+K19+K20+K21)/5,2)","v":1850.06}]
[{"$f":"IF(B18<>\"\",SUBTOTAL(103,$B$9:B18),\"\")","v":3},"12-14 mm HBG M/c Metal\nIRC, MORTH & MORD",{"$f":"C15","v":"Ramatherdham"},"MAT-00437","1 Cum",{"$f":"F15","v":{"v":50,"d":"50.00"}},{"$f":"VLOOKUP(F18,'CON 2025-26'!A9:D135,3,TRUE)","v":{"v":716.8100000000002,"d":"716.81"}},{"v":980,"d":"980.00"},{"v":70,"d":"70.00"},{"$f":"ROUND(H18*0.25,2)","v":{"v":245,"d":"245.00"}},{"$f":"SUM(G18:J18)","v":{"v":2011.8100000000002,"d":"2011.81"}}]
[{"$f":"IF(B19<>\"\",SUBTOTAL(103,$B$9:B19),\"\")","v":3},"9.5-11.2 mm HBG  M/c Metal\nIRC, MORTH & MORD",{"$f":"C16","v":"Ramatherdham"},"MAT-00436","1 Cum",{"$f":"F16","v":{"v":50,"d":"50.00"}},{"$f":"VLOOKUP(F19,'CON 2025-26'!A10:D136,3,TRUE)","v":{"v":716.8100000000002,"d":"716.81"}},{"v":853,"d":"853.00"},{"v":70,"d":"70.00"},{"$f":"ROUND(H19*0.25,2)","v":213.25},{"$f":"SUM(G19:J19)","v":{"v":1853.0600000000002,"d":"1853.06"}}]
[{"$f":"IF(B20<>\"\",SUBTOTAL(103,$B$9:B20),\"\")","v":4},"5 to 7mm size HBG Chips",{"$f":"C12","v":"Ramatherdham"},"MAT-00435","1 Cum",{"$f":"F12","v":{"v":50,"d":"50.00"}},{"$f":"VLOOKUP(F20,'CON 2025-26'!A7:D133,3,TRUE)","v":{"v":716.8100000000002,"d":"716.81"}},{"v":723,"d":"723.00"},{"v":70,"d":"70.00"},{"$f":"ROUND(H20*0.25,2)","v":180.75},{"v":1690.5600000000002,"d":"1690.56"},{"$f":"(K19+K20+K21)/3","v":{"v":1648.4766666666667,"d":"1648.48"}}]
[{"$f":"IF(B21<>\"\",SUBTOTAL(103,$B$9:B21),\"\")","v":5},"4.75 to 2.36mm HBG Chips (2.36-5mm)",{"$f":"C20","v":"Ramatherdham"},"MAT-00434","1 Cum",{"$f":"F20","v":{"v":50,"d":"50.00"}},{"$f":"VLOOKUP(F21,'CON 2025-26'!A8:D134,3,TRUE)","v":{"v":716.8100000000002,"d":"716.81"}},{"v":492,"d":"492.00"},{"v":70,"d":"70.00"},{"v":123,"d":"123.00"},{"$f":"SUM(G21:J21)","v":{"v":1401.8100000000002,"d":"1401.81"}},{"$f":"(K20+K21)/2","v":{"v":1546.1850000000002,"d":"1546.19"}}]
[{"$f":"IF(B22<>\"\",SUBTOTAL(103,$B$9:B22),\"\")","v":6},"2.36 mm & Below HBG stone dust",{"$f":"C21","v":"Ramatherdham"},"MAT-00068","1 Cum",{"$f":"F21","v":{"v":50,"d":"50.00"}},{"$f":"VLOOKUP(F22,'CON 2025-26'!A9:D135,3,TRUE)","v":{"v":716.8100000000002,"d":"716.81"}},{"v":473,"d":"473.00"},null,null,{"v":1189.8100000000002,"d":"1189.81"}]
[{"$f":"IF(B23<>\"\",SUBTOTAL(103,$B$9:B23),\"\")","v":7},"Selected earth","Local","MAT-00252","1 Cum",{"v":5,"d":"5.00"},{"$f":"VLOOKUP(F23,'CON 2025-26'!A6:D126,2,TRUE)","v":{"v":103,"d":"103.00"}},{"v":145,"d":"145.00"},null,"-",{"$f":"SUM(G23:J23)","v":{"v":248,"d":"248.00"}}]
[{"$f":"IF(B24<>\"\",SUBTOTAL(103,$B$9:B24),\"\")","v":7},"Gravel","Local","MAT-00177","1 Cum",{"v":5,"d":"5.00"},{"$f":"VLOOKUP(F24,'CON 2025-26'!A7:D127,2,TRUE)","v":{"v":103,"d":"103.00"}},{"v":169,"d":"169.00"},null,"-",{"$f":"SUM(G24:J24)","v":{"v":272,"d":"272.00"}}]
[{"$f":"IF(B25<>\"\",SUBTOTAL(103,$B$9:B25),\"\")","v":8},"Cement","Local","MAT-00005","1 MT",null,null,{"v":5400,"d":"5400.00"},null,null,{"v":5400,"d":"5400.00"}]
[{"$f":"IF(B26<>\"\",SUBTOTAL(103,$B$9:B26),\"\")","v":8},"Steel - Fe 415 ","Local","MAT-00063","1 MT",null,null,{"v":58000,"d":"58000.00"},null,null,{"$f":"SUM(G26:J26)","v":{"v":58000,"d":"58000.00"}}]
[{"$f":"IF(B27<>\"\",SUBTOTAL(103,$B$9:B27),\"\")","v":8},"Emulsion SS-1 (Bulk)\n16.10.2024","Chennai","MAT-00240",null,{"v":303,"d":"303.00"},{"$f":"F27*1.9*2","v":{"v":1151.3999999999999,"d":"1151.40"}},{"v":73553,"d":"73553.00"},null,null,{"$f":"SUM(G27:J27)","v":{"v":74704.4,"d":"74704.40"}}]
[{"$f":"IF(B28<>\"\",SUBTOTAL(103,$B$9:B28),\"\")","v":8},"Emulsion RS-1 (Bulk)\n16.10.2024","Chennai","MAT-00240",null,{"$f":"F27","v":{"v":303,"d":"303.00"}},{"$f":"F28*1.9*2","v":{"v":1151.3999999999999,"d":"1151.40"}},{"v":39887,"d":"39887.00"},null,null,{"$f":"SUM(G28:J28)","v":{"v":41038.4,"d":"41038.40"}}]
[{"$f":"IF(B29<>\"\",SUBTOTAL(103,$B$9:B29),\"\")","v":8},"Bitumen VG 30 (Bulk)\n16.10.2024","Chennai","MAT-00237",null,{"$f":"F28","v":{"v":303,"d":"303.00"}},{"$f":"F29*1.9*2","v":{"v":1151.3999999999999,"d":"1151.40"}},{"v":40552,"d":"40552.00"},null,null,{"$f":"SUM(G29:J29)","v":{"v":41703.4,"d":"41703.40"}}]
[{"$f":"IF(B30<>\"\",SUBTOTAL(103,$B$9:B30),\"\")","v":8},"1000mm dia NP3 pipes","Vellampalli","MAT- 05641","1 Cum",{"v":114,"d":"114.00"},{"$f":"ROUND((312.2)+((F30-5)*14.32),2)","v":1873.08},{"v":5777,"d":"5777.00"},null,null,{"$f":"SUM(G30:J30)","v":7650.08}]
[{"$f":"IF(B31<>\"\",SUBTOTAL(103,$B$9:B31),\"\")","v":8},"600mm dia NP3 pipes","Vellampalli","MAT- 05641","1 Cum",{"$f":"F30","v":{"v":114,"d":"114.00"}},{"$f":"ROUND((147.79)+((F31-5)*6.54),2)","v":860.65},{"v":2281,"d":"2281.00"},null,null,{"$f":"SUM(G31:J31)","v":3141.65}]
[]
[1,"Certified that the above leads are correct to the best of my knowledge."]
[2,"Certified that the rates are provided as per SSR 2025-26"]
[{"$nulls":6},"Dy. Executive Engineer",null,null,"Assistant Engineer"]
[{"$nulls":6},"PRI Sub Division",null,null,"Mandal Praja Parishad"]
[{"$nulls":6},"Kanigiri",null,null,"Kanigiri"]

{"sheet":"DATA SHEET","index":7,"n_rows":162,"n_cols":11,"rows_kept":162,"merged":[[0,0,0,7],[1,0,1,2],[1,3,1,7],[2,6,2,7],[5,1,5,2],[8,1,8,2],[14,1,14,2],[18,1,18,2],[78,1,78,2],[87,1,87,2],[93,1,93,2],[108,1,108,2],[128,1,128,2],[146,1,146,2]]}
["DATA SHEET (SSR 2025-26)"]
[{"$f":"'lead 2025-26'!B3","v":"Name of the work : "},null,null,{"$f":"'lead 2025-26'!C3","v":"Providing internal CC roads in Ganugapenta GP of Kanigiri Mandal."}]
[{"$nulls":5},{"$f":"'lead 2025-26'!I4","v":"Est. Cost Rs: "},{"$f":"'lead 2025-26'!K4","v":"20.00 Lakhs"}]
["S.No","Qty.","Unit","Description of Tasks","CFMS Code","Rate.","Per","Amount."]
[1,2,3,4,5,{"v":6,"d":"6.00"},7,8]
[1,null,null,"Unskilled Labour Charges for Earthwork excavation by manual means exceeding 1.5 m in width taking out the excavated soil and disposal as directed by engineer in charge in Ordinary soil, with an Initial Lead up to 10 m and lift up to 1.5 m"]
[null,{"v":1,"d":"1.00"},"Cum","RSSR 21-22 GO Ms No 27 Dt 22.04.2021 of PR&RD (RD II)",null,144.26,"1Cum",{"$f":"ROUND(B7*F7,2)","v":144.26}]
[{"$nulls":3},"Rate per 1 Cum",{"$nulls":3},{"$f":"SUM(H7)","v":144.26}]
[2,"RBR-EECD-1 (i)",null,"Scarifying existing granular surface to a depth of 50 mm and disposal of scarified material with a lift upto 3 m and leads upto 1000 m as per Technical Specification Clause 301.4. MORD"]
[{"$nulls":3},"Taking output = 100 sqm"]
[null,4.16,"day","Mazdoor","LAB-00120",{"v":615,"d":"615.00"},"1day",{"$f":"ROUND(B11*F11,2)","v":{"v":2558.4,"d":"2558.40"}}]
[null,{"v":1.5,"d":"1.50"},"Hour ","Tractor with trolley","HIR-00079",{"v":553,"d":"553.00"},"1Hour",{"$f":"ROUND(B12*F12,2)","v":{"v":829.5,"d":"829.50"}}]
[{"$nulls":3},"Rate per 100 Sqm",{"$nulls":3},{"$f":"SUM(H11:H12)","v":{"v":3387.9,"d":"3387.90"}}]
[{"$nulls":3},"Rate per 1.00 Cum",{"$nulls":3},{"$f":"ROUND(H13/100,2)","v":33.88}]
[3,null,null,"Supply and laying of  PVC  pipes 4kg/cm2 110mm dia double socket including all labour charges etc., complete"]
[null,{"v":1,"d":"1.00"},"Rm","110mm dia pipe","BMW-G.13",{"v":451,"d":"451.00"},"3Rm",{"$f":"ROUND(B16*F16/3,2)","v":150.33}]
[null,{"v":1,"d":"1.00"},"No","Labour charges","BMW-G.152",{"v":85,"d":"85.00"},"1No",{"$f":"ROUND(B17*F17,2)","v":{"v":85,"d":"85.00"}}]
[{"$nulls":3},"Rate per 1.00 Cum",{"$nulls":3},{"$f":"SUM(H16:H17)","v":235.33}]
[4,"RBR-SBBS-1-A iii",null,"Construction of granular sub-base by providing well graded HBG material (Grading III material) (Table 400.1A), spreading in uniform layers with motor grader on prepared surface, mixing by mix in place method with rotavator  at OMC, and compacting with smooth  wheel  roller 80-100 kN / vibratory roller to achieve the  desired density, complete as per Technical Specification Clause 401 MORD ."]
[{"$nulls":3},"Taking Output = 300 cum  (Compacted thickness)"]
[{"$nulls":3},"a) Labour:"]
[null,{"v":2.4,"d":"2.40"},"days","Mazdoor(skilled)","LAB-00120",{"v":615,"d":"615.00"},"1day",{"$f":"ROUND(B22*F22,2)","v":{"v":1476,"d":"1476.00"}}]
[null,{"v":8,"d":"8.00"},"days","Mazdoor(Unskilled)","LAB-00120",{"v":615,"d":"615.00"},"1day",{"$f":"ROUND(B23*F23,2)","v":{"v":4920,"d":"4920.00"}}]
[{"$nulls":3},"b) Machinary:"]
[null,{"v":6,"d":"6.00"},"Hrs","vibratory roller 80-100 kN @ 60 cum per hour","HIR--00062",{"v":3518.6,"d":"3518.60"},"1Hour",{"$f":"ROUND(B25*F25,2)","v":{"v":21111.6,"d":"21111.60"}}]
[null,{"v":5,"d":"5.00"},"Hrs","Water tanker 6kl Capacity","HIR-00076",{"v":830,"d":"830.00"},"1Hour",{"$f":"ROUND(B26*F26,2)","v":{"v":4150,"d":"4150.00"}}]
[null,{"v":12,"d":"12.00"},"Hrs","Tractor with rotavator  @ 25 cum per hour","HIR-00078",{"v":553,"d":"553.00"},"1Hour",{"$f":"ROUND(B27*F27,2)","v":{"v":6636,"d":"6636.00"}}]
[{"$nulls":3},"c) Material:"]
[null,{"v":126,"d":"126.00"},"cum","9.5mm to 4.75mm size HMG Chips @ 35%",null,{"$f":"'lead 2025-26'!K20","v":{"v":1690.5600000000002,"d":"1690.56"}},"1Cum",{"$f":"ROUND(B29*F29,2)","v":213010.56}]
[null,{"v":45,"d":"45.00"},"cum","4.75mm to 2.36mm size HMG Chips @ 12.50%",null,{"$f":"'lead 2025-26'!K21","v":{"v":1401.8100000000002,"d":"1401.81"}},"1Cum",{"$f":"ROUND(B30*F30,2)","v":63081.45}]
[null,{"v":189,"d":"189.00"},"cum","2.36mm below chips or Stone Dust @ 52.50%    ",null,{"$f":"'lead 2025-26'!K22","v":{"v":1189.8100000000002,"d":"1189.81"}},"1Cum",{"$f":"ROUND(B31*F31,2)","v":224874.09}]
[null,{"v":12,"d":"12.00"},"KL","Water",null,{"v":105,"d":"105.00"},"1Cum"]
[{"$nulls":3},"Rate per 300 Cum",{"$nulls":3},{"$f":"SUM(H22:H32)","v":{"v":539259.7,"d":"539259.70"}}]
[{"$nulls":3},"Rate per 1 Cum",{"$nulls":3},{"$f":"ROUND(H33/300,2)","v":1797.53}]
[5,null,null,"Plain cement concrete for CC  pavement, thickness as per design, over a prepared sub base, with 43 grade cement or any other type as per Clause 1501.2.2 M20 (Grade), coarse and fine aggregates conforming to IS : 383, maximum in a concrete mixer of not less than 0.2 cum capacity and appropeiate weigh batcher using approved mix design, laid in approved fixed side formwork (steel channel, laying and fixing of 125 mictron thick polythene film, wedges, steel plates including levelling the formwork as per drawing), spreading the concrete with sholvels, rakes, compacted using needle, scareed and plate vibrators and finished in continuous operation including provision of contraction and expansion, construction joints, applying debonding strips, primer, sealant, dowel bars, near approaches to bridge / culvert and construction joints, admixtures as approved, curing of concrete slabs for 28- days, curing compound (where specified) and water finishing to lines and grade as per drawing  and Technical Specification Clause 1501 MORD"]
[{"$nulls":3},"Unit = cum"]
[{"$nulls":3},"Taking output = 75cum (172.50 t)"]
[{"$nulls":3},"(100x3.75 x 0.200)"]
[{"$nulls":3},"Labour"]
[null,{"v":5,"d":"5.00"},"day","Mason (1st class)","LAB-00011",{"v":735,"d":"735.00"},"day",{"$f":"ROUND(B40*F40,2)","v":{"v":3675,"d":"3675.00"}},{"$f":"ROUND(B40*F40,2)","v":3675}]
[null,{"v":5,"d":"5.00"},"day","Mason (2nd class)","LAB-00091",{"v":665,"d":"665.00"},"day",{"$f":"ROUND(B41*F41,2)","v":{"v":3325,"d":"3325.00"}},{"$f":"ROUND(B41*F41,2)","v":3325}]
[null,{"v":150,"d":"150.00"},"day","Mazdoor (unskilled) ","LAB-00120",{"v":615,"d":"615.00"},"day",{"$f":"ROUND(B42*F42,2)","v":{"v":92250,"d":"92250.00"}},{"$f":"ROUND(B42*F42,2)","v":92250}]
[null,{"v":6,"d":"6.00"},"day","Mazdoor(skilled)","LAB-00120",{"v":615,"d":"615.00"},"day",{"$f":"ROUND(B43*F43,2)","v":{"v":3690,"d":"3690.00"}},{"$f":"ROUND(B43*F43,2)","v":3690}]
[null,{"v":6,"d":"6.00"},"day","Mazdoor (semi-skilled)","LAB-00120",{"v":615,"d":"615.00"},"day",{"$f":"ROUND(B44*F44,2)","v":{"v":3690,"d":"3690.00"}},{"$f":"ROUND(B44*F44,2)","v":3690}]
[{"$nulls":3},"Machinery"]
[null,{"v":36,"d":"36.00"},"Hour ","Concrete mixer 0.28/0.40 cum capacity ( 6 mixers) with weight batcher and suitable capacity calibrated water tank","HIR-00018",722.41,"Hour ",{"$f":"ROUND(B46*F46,2)","v":26006.76},{"$f":"ROUND(B46*F46,2)","v":26006.76}]
[null,{"v":9,"d":"9.00"},"Hour ","Pin vibrator","HIR-00174",297.87,"Hour ",{"$f":"ROUND(B47*F47,2)","v":2680.83},{"$f":"ROUND(B47*F47,2)","v":2680.83}]
[null,{"v":9,"d":"9.00"},"Hour ","Plate vibrator","HIR-00115",{"v":71,"d":"71.00"},"Hour ",{"$f":"ROUND(B48*F48,2)","v":{"v":639,"d":"639.00"}},{"$f":"ROUND(B48*F48,2)","v":639}]
[null,{"v":5,"d":"5.00"},"Hour ","Water tanker 6 Kl. Capacity","HIR-00076",{"v":830,"d":"830.00"},"Hour ",{"$f":"ROUND(B49*F49,2)","v":{"v":4150,"d":"4150.00"}},{"$f":"ROUND(B49*F49,2)","v":4150}]
[{"$nulls":3},"Material"]
[{"$nulls":3},"Crushed stone coarse aggregates, grading will be as per clause 1501.2.4.1 (Table 1500.1) of specifications @ 0.90 Cum/cum of concrete"]
[null,{"$f":"ROUND(67.5*0.66,2)","v":44.55},"Cum","20MM HBG metal  67.50 x 66% = 44.55 cum",null,{"$f":"'lead 2025-26'!K11","v":{"v":2393.0600000000004,"d":"2393.06"}},"Cum",{"$f":"ROUND(B52*F52,2)","v":106610.82},{"$f":"ROUND(B52*F52,2)","v":106610.82}]
[null,{"$f":"ROUND(67.5*0.34,2)","v":22.95},"Cum","12MM HBG metal  67.50 x 34% = 22.95 cum",null,{"$f":"'lead 2025-26'!K12","v":{"v":2066.8100000000004,"d":"2066.81"}},"Cum",47433.29,{"$f":"ROUND(B53*F53,2)","v":47433.29}]
[null,33.75,"cum","Sand as per IS:383 and conforming to clause 1500.2.4.2. @ 0.45 cum of concrete",null,{"$f":"'lead 2025-26'!K9","v":{"v":2329.659999999989,"d":"2329.66"}},"cum",78626.02,{"$f":"ROUND(B54*F54,2)","v":78626.02}]
[null,24.75,"MT","Cement @ 330 Kg/cum of concrete",null,{"$f":"'lead 2025-26'!K25","v":{"v":5400,"d":"5400.00"}},"Mt",{"v":133650,"d":"133650.00"},{"$f":"ROUND(B55*F55,2)","v":133650}]
[null,{"v":485,"d":"485.00"},"Sqm"," Polythene sheet 125 micron","MAT-00539",15.25,"1Sqm",7396.25,{"$f":"ROUND(B56*F56,2)","v":7396.25}]
[null,{"v":32,"d":"32.00"},"lt","Bituminous sealant 800 ml per joint for 23 joints","MAT-00538",53.95,"Litre",{"v":1726.4,"d":"1726.40"}]
[null,123.75,"lt","Plasticizer 0.5 % by weight of cement BMT-H.19","MAT-05375",{"v":86,"d":"86.00"},"Litre",{"v":10642.5,"d":"10642.50"}]
[null,{"v":18,"d":"18.00"},"lt","Water for curing","MAT-00333",{"v":105,"d":"105.00"},"Litre",{"v":1890,"d":"1890.00"}]
[null,3.57,"Sqm","Joint filler board 20mm thick as per IS:1838  BMT-U.02","MAT-01514",{"v":574,"d":"574.00"},"1Sqm",2049.18]
[{"$nulls":7},{"$f":"SUM(H40:H60)","v":{"v":530131.0500000002,"d":"530131.05"}},{"$f":"#REF!*3%","v":{"$error":"#REF!"}}]
[{"$nulls":3},"Form work @ 3% ",{"$nulls":3},{"$f":"ROUND(H61*3%,2)","v":15903.93},{"$f":"SUM(I61:I61)","v":{"$error":"#REF!"}}]
[{"$nulls":3},"Rate  per 75 Cum",{"$nulls":3},{"$f":"SUM(H61:H62)","v":{"v":546034.9800000002,"d":"546034.98"}}]
[{"$nulls":3},"Rate per 1 Cum ",{"$nulls":3},{"$f":"ROUND(H63/75,2)","v":7280.47}]
[6,"RBR-SBBS-1 - iii",null,"Improved subgrade / Selected earth shoulders"]
[{"$nulls":3},"Construction of improved shoulders by provided selected earth  on prepared surface and compacted at OMC with vibratory roller 80-100 KN to meet requirement of table 00.2 with as per technical specification clause 303 MORD, 305 MORTH by using machinery"]
[{"$nulls":3},"Taking out put = 100 cum"]
[{"$nulls":3},"Labour"]
[null,1.04,"day","Mazdoor (Un-Skilled)","LAB-00120",{"v":615,"d":"615.00"},"1day",{"$f":"ROUND(F69*B69,2)","v":{"v":639.6,"d":"639.60"}}]
[{"$nulls":3},"Machinery"]
[null,{"v":0.5,"d":"0.50"},"hour","Dozer D-50  for spreading @ 200 cum per hour","HIR-00072",{"v":1945,"d":"1945.00"},"1hour",{"$f":"ROUND(F71*B71,2)","v":{"v":972.5,"d":"972.50"}}]
[null,{"v":1,"d":"1.00"},"hour","vibratory roller 80-100 kN ","HIR--00062",{"v":3518.6,"d":"3518.60"},"1hour",{"$f":"ROUND(F72*B72,2)","v":{"v":3518.6,"d":"3518.60"}}]
[null,{"v":2,"d":"2.00"},"hour","Water tanker 6 kl capacity","HIR-00076",{"v":830,"d":"830.00"},"1hour",{"$f":"ROUND(F73*B73,2)","v":{"v":1660,"d":"1660.00"}}]
[null,{"v":4,"d":"4.00"},"hour","Tractor with Grader @ 25 cum per hour","HIR-00078",{"v":553,"d":"553.00"},"1hour",{"$f":"ROUND(F74*B74,2)","v":{"v":2212,"d":"2212.00"}}]
[{"$nulls":3},"Material"]
[null,{"v":100,"d":"100.00"},"cum","Selected Earth",null,{"$f":"'lead 2025-26'!K23","v":{"v":248,"d":"248.00"}},null,{"$f":"ROUND(F76*B76,2)","v":{"v":24800,"d":"24800.00"}}]
[{"$nulls":3},"Rate  per 100 cum ",{"$nulls":3},{"$f":"SUM(H69:H76)","v":{"v":33802.7,"d":"33802.70"}}]
[{"$nulls":3},"Rate  per 1 cum ",{"$nulls":3},{"$f":"ROUND(H77/100,2)","v":338.03}]
[7,"RBR-FNDN-1 B",null,"Earthwork in excavation for structures as per drawing and technical specifications Clause 305.1 including setting out, construction of shoring and bracing, removal of stumps and other deleterious material and disposal upto a lead of 50 m, dressing of sides and bottom and backfilling in trenches with excavated suitable material as per Technical Specification 305 MORD / 304 MORTH"]
[{"$nulls":3},"Unit = cum"]
[{"$nulls":3},"Taking output = 240 cum"]
[{"$nulls":3},"Mechanical Means "]
[{"$nulls":3},"Labour"]
[null,8.32,"day"," Mazdoor (Unskilled)","LAB-00120",{"v":615,"d":"615.00"},"1day",{"$f":"ROUND(B84*F84,2)","v":{"v":5116.8,"d":"5116.80"}}]
[null,{"v":6,"d":"6.00"},"day","Hydraulic Excavator 1 cum bucket capacity","HIR-00052",3607.52,"1day",{"$f":"ROUND(B85*F85,2)","v":21645.12}]
[{"$nulls":3},"Cost for 240 cum",{"$nulls":3},{"$f":"SUM(H84:H85)","v":26761.92}]
[{"$nulls":3},"Rate per  1 cum",{"$nulls":3},{"$f":"ROUND(H86/240,2)","v":111.51}]
[8,null,null,"Sand filling in trenches, sides of foundations & basement by watering and ramming  including cost and conveyance of material and labour charges etc complete for finished item of the work (APSS No 309& 310) per 1 Cum"]
[{"$nulls":3},"Rate per 6 Cum "]
[null,{"v":6,"d":"6.00"},"Cum","Sand filling",null,{"$f":"'lead 2025-26'!K10","v":{"v":103,"d":"103.00"}},"1Cum",{"$f":"ROUND(B90*F90,2)","v":{"v":618,"d":"618.00"}}]
[null,{"v":0.31,"d":"0.310"},"Cum","Mazdoor","LAB-00120",{"v":615,"d":"615.00"},"1day",{"$f":"ROUND(B91*F91,2)","v":190.65}]
[{"$nulls":3},"Rate per 6 Cum ",{"$nulls":3},{"$f":"SUM(H90:H91)","v":808.65}]
[{"$nulls":3},"Rate per 1 Cum ",{"$nulls":3},{"$f":"ROUND(H92/6,2)","v":134.78}]
[9,"RBR-FNDN-4 (i)",null,"Providing concrete for plain concrete M10 Grade in open foundations using 40 mm nominal size Graded hard stone aggregate, mechanically mixed, placed in foundation and compacted by vibration including curing for 14 days complete as per drawings and technical specifications Clause 802, 803, 1202 & 1203 MORD and 1500, 1700 & 2100 MORTH"]
[{"$nulls":3},"P.C.C grade M 10"]
[{"$nulls":3},"Nominal mix 1:3:6 (Concrete Mixer)"]
[{"$nulls":3},"Unit = cum"]
[{"$nulls":3},"Material"]
[null,{"v":0.22,"d":"0.220"},"t","Cement",null,{"$f":"'lead 2025-26'!$K$25","v":{"v":5400,"d":"5400.00"}},"t",{"$f":"ROUND(B99*F99,2)","v":{"v":1188,"d":"1188.00"}}]
[null,{"v":0.45,"d":"0.450"},"cum","Coarse sand",null,{"$f":"'lead 2025-26'!$K$9","v":{"v":2329.659999999989,"d":"2329.66"}},"cum",1048.35]
[null,{"v":0.9,"d":"0.900"},"cum","40 mm aggregate",null,{"$f":"'lead 2025-26'!$K$13","v":{"v":1749.3100000000002,"d":"1749.31"}},"cum",1574.38]
[{"$nulls":3},"Labour "]
[null,{"v":0.1,"d":"0.100"},"day","Mason (1st Class)","LAB-00011",{"v":735,"d":"735.00"},"day",{"$f":"ROUND(B103*F103,2)","v":{"v":73.5,"d":"73.50"}}]
[null,{"v":1.39,"d":"1.390"},"day","Mazdoor (Unskilled)","LAB-00120",{"v":615,"d":"615.00"},"day",854.85]
[{"$nulls":3},"Machinery"]
[null,{"v":0.4,"d":"0.400"},"hour","Mechanical concrete mixer 0.4/0.28 cum capacity fitted with water measuring device and preferably also with load cell.","HIR-00018",722.41,"hour",{"$f":"ROUND(B106*F106,2)","v":288.96}]
[null,{"v":0.13,"d":"0.130"},"hour","Water tanker 6 kl capacity","HIR-00076",{"v":830,"d":"830.00"},"hour",{"v":107.9,"d":"107.90"}]
[{"$nulls":3},"Rate per cum",{"$nulls":3},{"$f":"SUM(H99:H107)","v":5135.94}]
[10,"RBR-SBST-5 i",null,"Plain cement concrete M 15 grade  using 40,20 & 12mm metal mechanically mixed in Open foundations complete as per drawings and technical specification Clauses 802, 804, 805, 806, 807, 1202 and 1204 MORD and 1500, 1700 & 2200 MORTH "]
[{"$nulls":3},"P.C.C grade M 15"]
[{"$nulls":3},"Nominal mix (1:2.5:5) using CC Mixer (MORD)"]
[{"$nulls":3},"Unit = cum"]
[{"$nulls":3},"Material"]
[null,0.275,"t","Cement",null,{"$f":"'lead 2025-26'!$K$25","v":{"v":5400,"d":"5400.00"}},"t",{"$f":"ROUND(B114*F114,2)","v":{"v":1485,"d":"1485.00"}}]
[null,{"v":0.48,"d":"0.480"},"cum","Coarse sand",null,{"$f":"'lead 2025-26'!$K$9","v":{"v":2329.659999999989,"d":"2329.66"}},"cum",1118.24]
[null,{"v":0.48,"d":"0.480"},"cum","40 mm aggregate",null,{"$f":"'lead 2025-26'!$K$13","v":{"v":1749.3100000000002,"d":"1749.31"}},"cum",839.67]
[null,{"v":0.24,"d":"0.240"},"cum","20 mm aggregate",null,{"$f":"'lead 2025-26'!$K$11","v":{"v":2393.0600000000004,"d":"2393.06"}},"cum",574.33]
[null,{"v":0.08,"d":"0.080"},"cum","12 mm aggregate",null,{"$f":"'lead 2025-26'!$K$12","v":{"v":2066.8100000000004,"d":"2066.81"}},"cum",165.34]
[{"$nulls":3},"Labour "]
[null,{"v":0.1,"d":"0.100"},"day","Mason (1st Class)","LAB-00011",{"v":735,"d":"735.00"},"day",{"$f":"ROUND(B120*F120,2)","v":{"v":73.5,"d":"73.50"}}]
[null,{"v":1.39,"d":"1.390"},"day","Mazdoor (Unskilled)","LAB-00120",{"v":615,"d":"615.00"},"day",854.85]
[{"$nulls":3},"Machinery"]
[null,{"v":0.4,"d":"0.400"},"hour","Mechanical concrete mixer 0.4/0.28 cum capacity fitted with water measuring device and preferably also with load cell.","HIR-00018",722.41,"hour",{"$f":"ROUND(B123*F123,2)","v":288.96}]
[{"$nulls":7},{"$f":"SUM(H114:H123)","v":5399.89}]
[{"$nulls":3},"Formwork @ 10% on cost of material, labour and machinery ",{"$nulls":3},{"$f":"ROUND(H124*10%,2)","v":539.99}]
[{"$nulls":7},{"$f":"SUM(H124:H125)","v":5939.88}]
[{"$nulls":3},"Plinth beam centring charges",{"$nulls":3},{"v":3073,"d":"3073.00"}]
[{"$nulls":3},"Rate per cum",{"$nulls":3},{"$f":"SUM(H126:H127)","v":{"v":9012.880000000001,"d":"9012.88"}}]
[11,"RBR-SBST-5 V (i)",null,"Providing  RCC M-20 grade cement concrete using  using 20 mm to 12 mm Graded HBG crushed Metal ( 66% of 20 mm and 34% of 12mm )s from approved source for deck slab including cost of all ,materials, machinery, labour, formwork,  scaffolding,placing in position, levelling, vibrating, finishing, curing etc., complete with initial lead upto 50 m and all lifts."]
[{"$nulls":3},"R.C.C grade M 20 (MORD)"]
[{"$nulls":3},"For nominal mix 1:2:4 (Using Concrete Mixture)"]
[{"$nulls":3},"Material"]
[null,{"v":0.33,"d":"0.330"},"t","Cement",null,{"$f":"'lead 2025-26'!$K$25","v":{"v":5400,"d":"5400.00"}},"t",{"$f":"ROUND(B133*F133,2)","v":{"v":1782,"d":"1782.00"}}]
[null,{"v":0.45,"d":"0.450"},"cum","Coarse sand",null,{"$f":"'lead 2025-26'!$K$9","v":{"v":2329.659999999989,"d":"2329.66"}},"cum",1048.35]
[null,0.594,"cum","20  MM HBG emtal",null,{"$f":"'lead 2025-26'!$K$11","v":{"v":2393.0600000000004,"d":"2393.06"}},"cum",1421.48,0.9,60,{"$f":"I135*J135%","v":0.54}]
[null,0.306,"cum","12mm HBG Metal",null,{"$f":"'lead 2025-26'!$K$12","v":{"v":2066.8100000000004,"d":"2066.81"}},"cum",632.44,0.9,60,{"$f":"I136*J136%","v":0.54}]
[{"$nulls":3},"Labour "]
[null,{"v":0.1,"d":"0.10"},"day","Mason (1st Class)","LAB-00011",{"v":735,"d":"735.00"},"day",{"$f":"ROUND(B138*F138,2)","v":{"v":73.5,"d":"73.50"}}]
[null,1.39,"day","Mazdoor (Unskilled)","LAB-00120",{"v":615,"d":"615.00"},"day",854.85]
[{"$nulls":3},"Machinery"]
[null,{"v":0.4,"d":"0.40"},"hour","Concrete mixer 0.4/0.28 cum capacity","HIR-00018",722.41,"hour",{"$f":"ROUND(B141*F141,2)","v":288.96}]
[null,{"v":0.4,"d":"0.40"},"hour","Generator 33 KVA","HIR-00023",1356.25,"hour",{"v":542.5,"d":"542.50"}]
[null,{"v":0.4,"d":"0.40"},"hour","Needle vibrator","HIR-00040",297.87,"hour",119.15]
[{"$nulls":7},{"$f":"SUM(H133:H143)","v":{"v":6763.2300000000005,"d":"6763.23"}}]
[{"$nulls":3},"Add for formwork and staging upto 5Mts height @  10%",{"$nulls":3},{"$f":"ROUND(H144*10%,2)","v":676.32}]
[{"$nulls":3},"Rate per cum",{"$nulls":3},{"$f":"SUM(H144:H145)","v":7439.55}]
[12,null,null,"Supplying, fitting and placing HYSD bar reinforcement in foundation complete as per drawings and technical specifications Clauses 1000 and 1202  MORD & 1100, 1600 MORTH for Bars below 36 mm dia including over laps and wastage, where they are not welded."]
[{"$nulls":3},"Procs. No. ENCB/TA8/AEE3/DATA: 2010-11 Dt: 01-08-2011\n(AMENDMENT to Standard Data)"]
[{"$nulls":3},"Taking Output 1.00 tonne"]
[{"$nulls":3},"Material"]
[null,1.05,"t","HYSD Bars including 5% for overlaps & wastage",null,{"$f":"'lead 2025-26'!K26","v":{"v":58000,"d":"58000.00"}},"1MT",{"$f":"ROUND(B151*F151,2)","v":{"v":60900,"d":"60900.00"}}]
[null,{"v":6,"d":"6.00"},"Kg","Binding wire","MAT-00003",{"v":70,"d":"70.00"},"1Kg",{"$f":"ROUND(B152*F152,2)","v":{"v":420,"d":"420.00"}}]
[{"$nulls":3},"Labour for cutting, bending, shifting to site, tying and placing in position"]
[null,{"v":10,"d":"10.00"},"day","Bar bender  ","LAB-00001",{"v":870,"d":"870.00"},"1day",{"$f":"ROUND(B154*F154,2)","v":{"v":8700,"d":"8700.00"}}]
[null,{"v":10,"d":"10.00"},"day","Mazdoor (Un-Skilled)","LAB-00120",{"v":615,"d":"615.00"},"1day",{"v":6150,"d":"6150.00"}]
[{"$nulls":3},"Rate per 1 MT",{"$nulls":3},{"$f":"SUM(H151:H155)","v":{"v":76170,"d":"76170.00"}}]
[]
[]
[]
[{"$nulls":3},{"$f":"'lead 2025-26'!$G$35","v":"Dy. Executive Engineer"},null,{"$f":"'lead 2025-26'!$J$35","v":"Assistant Engineer"}]
[{"$nulls":3},{"$f":"'lead 2025-26'!$G$36","v":"PRI Sub Division"},null,{"$f":"'lead 2025-26'!$J$36","v":"Mandal Praja Parishad"}]
[{"$nulls":3},{"$f":"'lead 2025-26'!$G$37","v":"Kanigiri"},null,{"$f":"'lead 2025-26'!$J$37","v":"Kanigiri"}]

{"sheet":"CS","index":8,"n_rows":78,"n_cols":14,"rows_kept":78,"hidden":true,"merged":[[0,0,0,12],[1,0,1,12],[2,10,2,12],[3,0,4,0],[3,1,4,1],[3,2,3,5],[3,6,3,9],[3,10,3,11],[3,12,4,12],[4,2,4,3],[4,6,4,7],[5,2,5,3],[5,6,5,7],[70,2,70,4],[71,2,71,4],[72,2,72,4]]}
["COMPARATIVE STATEMENT"]
[{"$f":"'lead 2025-26'!B3&'lead 2025-26'!C3","v":"Name of the work : Providing internal CC roads in Ganugapenta GP of Kanigiri Mandal."}]
[{"$nulls":9},"Est Rs.",{"$f":"'lead 2025-26'!K4","v":"20.00 Lakhs"}]
["S.No","Description of the work","As per detailed estimate",{"$nulls":3},"As per Working estimate",{"$nulls":3},"Difference ",null,"Remarks"]
[null,null,"Quantity ",null,"Rate ","Amount","Quantity ",null,"Rate ","Amount","Excess","Less"]
["1","2","3",null,"4","5","6",null,"7","8","9","10","11"]
["1","Unskilled Labour Charges for Earthwork excavation by manual means exceeding 1.5 m in width taking out the excavated soil and disposal as directed by engineer in charge in Ordinary soil, with an Initial Lead up to 10 m and lift up to 1.5 m",{"$nulls":3},{"$f":"ROUND(C7*E7,0)","v":{"v":0,"d":"0.00"}},{"$f":"DET!I10","v":{"v":3.6,"d":"3.60"}},"Cum",{"$f":"DET!K10","v":144.26},{"$f":"ROUND(G7*I7,0)","v":{"v":519,"d":"519.00"}},{"$f":"IF(J7>F7,J7-F7,0)","v":{"v":519,"d":"519.00"}},{"$f":"IF(J7<F7,F7-J7,0)","v":{"v":0,"d":"0.00"}},"-",{"$f":"E7-I7","v":-144.26}]
["1","Clearing and grubbing road land including uprooting wild vegetation, grass, bushes, shrubs, saplings and trees of girth up to 300 mm, removal of stumps of such trees cut earlier and disposal of unserviceable materials and stacking of serviceable material to be used or auctioned, up to a lead of 1000 m including removal and disposal of top organic soil not exceeding 150 mm in thickness (in area of non thorny /light jungle) as per Technical Specification Clause 201 MORD.",{"$nulls":3},{"$f":"ROUND(C8*E8,0)","v":{"v":0,"d":"0.00"}},{"$f":"DET!#REF!","v":{"$error":"#REF!"}},"Sqm",{"$f":"DET!#REF!","v":{"$error":"#REF!"}},{"$f":"ROUND(G8*I8,0)","v":{"$error":"#REF!"}},{"$f":"IF(J8>F8,J8-F8,0)","v":{"$error":"#REF!"}},{"$f":"IF(J8<F8,F8-J8,0)","v":{"$error":"#REF!"}},"-",{"$f":"E8-I8","v":{"$error":"#REF!"}}]
[null,"Construction of embankment with approved material obtained from borrow pits with all lifts, transporting to site, spreading, grading to required slope and compacting with vibratory roller 80-100 KN to meet requirement of Tables 300.1 and 300.2 with a lead upto 1000 m as per Technical Specification Clause 301.5 MORD/305 MORTH.",{"$nulls":4},{"$f":"DET!#REF!","v":{"$error":"#REF!"}},"Cum",{"$f":"DET!#REF!","v":{"$error":"#REF!"}},{"$error":"#REF!"},{"$error":"#REF!"},{"$error":"#REF!"},"-",{"$error":"#REF!"}]
["6","Scarifying existing granular surface to a depth of 50 mm and disposal of scarified material with a lift upto 3 m and leads upto 1000 m as per Technical Specification Clause 301.4. MORD",{"$nulls":3},{"$f":"ROUND(C10*E10,0)","v":{"v":0,"d":"0.00"}},{"$f":"DET!I14","v":{"v":1405.8,"d":"1405.80"}},"Sqm",{"$f":"DET!K14","v":33.88},{"$f":"ROUND(G10*I10,0)","v":{"v":47629,"d":"47629.00"}},{"v":47629,"d":"47629.00"},{"v":0,"d":"0.00"},"-",-33.88]
["7","Construction of Granular Sub Base using well graded material, spreading in uniform layers with tractor  mounted grader on prepared surface , mixing by mix in place  method with   rotovator at OMC and compacting  with Smooth wheel roller  to achive the desired  density , Complete as per technical speficaction clause 401 of MORD",{"$nulls":3},{"$f":"ROUND(C11*E11,0)","v":{"v":0,"d":"0.00"}},{"$f":"DET!I19","v":{"v":140.32000000000002,"d":"140.32"}},"Cum",{"$f":"DET!K19","v":1797.53},{"v":252229,"d":"252229.00"},{"v":252229,"d":"252229.00"},{"v":0,"d":"0.00"},"-",-1797.53]
["7","Providing, laying, spreading and compacting graded stone aggregate to wet mix macadam specification including premixing the  material with water at OMC in mechanical mixer (Pug Mill), carriage of mixed material by tipper to site, laying  in uniform layers in sub-base/base course on a well prepared sub-base and compacting with smooth  wheel roller of 80 to 100kN / Vibratory Roller 80-100 kN weight to achieve the desired density including lighting, barricading and maintenance of diversion, etc as per Tables 400.11 & 400.12 and Technical Specification Clause 406 MORD / MORTH. ",{"$nulls":3},{"$f":"ROUND(C12*E12,0)","v":{"v":0,"d":"0.00"}},{"$f":"DET!#REF!","v":{"$error":"#REF!"}},"Cum",{"$f":"DET!#REF!","v":{"$error":"#REF!"}},{"$error":"#REF!"},{"$error":"#REF!"},{"$error":"#REF!"},"-",{"$error":"#REF!"}]
[null,"Providing and applying primer coat with bitumen emulsion (SS-1) on prepared surface of granular base including cleaning of road surface and spraying primer at the rate of 0.70-1.0 kg/sqm using mechanical means as per Technical Specification Clause 502 MORD (for use on Wet mix macadam & WBM)",{"$nulls":4},{"$f":"DET!#REF!","v":{"$error":"#REF!"}},"Sqm",{"$f":"DET!#REF!","v":{"$error":"#REF!"}},{"$error":"#REF!"},{"$error":"#REF!"},{"$error":"#REF!"},"-",{"$error":"#REF!"}]
[null,"Providing and applying tack coat with Bitumen emulsion (RS-1)  using emulsion  distributor at the rate of 0.25 to 0.30 kg per sqm on the prepared granular surfaces treated with primer & cleaned with Hydraulic broom as per Technical Specification Clause 503 MORD,",{"$nulls":4},{"$f":"DET!#REF!","v":{"$error":"#REF!"}},"Sqm",{"$f":"DET!#REF!","v":{"$error":"#REF!"}},{"$error":"#REF!"},{"$error":"#REF!"},{"$error":"#REF!"},"-",{"$error":"#REF!"}]
[null,"Providing and laying semi dense bituminous concrete with 40-60 TPH batch type HMP producing an average output of 37.5 tonnes per hour using crushed aggregates of specified grading, premixed with bituminous binder @ 4.5 to 5  per cent  of mix and filler, transporting the hot mix to work site, laying with a hydrostatic paver finisher with sensor control to the required grade, level and alignment, rolling with smooth wheeled, vibratory and tandem rollers to achieve the desired compaction as per MoRTH specification clause No. 508 complete in all respects",{"$nulls":4},{"$f":"DET!#REF!","v":{"$error":"#REF!"}},"Cum",{"$f":"DET!#REF!","v":{"$error":"#REF!"}},{"$error":"#REF!"},{"$error":"#REF!"},{"$error":"#REF!"},"-",{"$error":"#REF!"}]
[null,"Construction of improved shoulders by provided selected earth having minimum CBR of 10% MD not less than 1.85 G/CC with LL & PI not more than 40% and 20 respectively and spreading in uniform layers with tractor grader on prepared surface and compacted at OMC with vibratory roller 80-100 KN to meet requirement of table 00.2 with as per technical specification clause 303 MORD, 305 MORTH by using machinery",{"$nulls":4},{"$f":"DET!I32","v":{"v":34.50000000000001,"d":"34.50"}},"Cum",{"$f":"DET!K32","v":338.03},{"v":11662,"d":"11662.00"},{"v":11662,"d":"11662.00"},{"v":0,"d":"0.00"},"-",-338.03]
[null,"Sub estimate",{"$nulls":8},{"v":0,"d":"0.00"},{"v":0,"d":"0.00"},"-",{"v":0,"d":"0.00"}]
["1","Earthwork in excavation for structures as per drawing and technical specifications Clause 305.1 including setting out, construction of shoring and bracing, removal of stumps and other deleterious material and disposal upto a lead of 50 m, dressing of sides and bottom and backfilling in trenches with excavated suitable material as per Technical Specification 305 MORD / 304 MORTH",{"$nulls":3},{"$f":"ROUND(C18*E18,0)","v":{"v":0,"d":"0.00"}},{"$f":"#REF!","v":{"$error":"#REF!"}},"Cum",{"$f":"#REF!","v":{"$error":"#REF!"}},{"$f":"ROUND(G18*I18,0)","v":{"$error":"#REF!"}},{"$error":"#REF!"},{"$error":"#REF!"},"-",{"$error":"#REF!"}]
["2","Providing concrete for plain concrete M10 Grade in open foundations using 40 mm nominal size Graded hard stone aggregate, mechanically mixed, placed in foundation and compacted by vibration including curing for 14 days complete as per drawings and technical specifications Clause 802, 803, 1202 & 1203 MORD and 1500, 1700 & 2100 MORTH",{"$nulls":3},{"$f":"ROUND(C19*E19,0)","v":{"v":0,"d":"0.00"}},{"$f":"#REF!","v":{"$error":"#REF!"}},"Cum",{"$f":"#REF!","v":{"$error":"#REF!"}},{"$f":"ROUND(G19*I19,0)","v":{"$error":"#REF!"}},{"$error":"#REF!"},{"$error":"#REF!"},"-",{"$error":"#REF!"}]
["2","Providing and laying reinforced cement concrete pipe 1000 dia NP3 for culverts on first class bedding of granular  material but excluding excavation, protection works, backfilling, concrete and masonry works in head wall and parapets. Tech Specification Clause 1106 MORD.",{"$nulls":3},{"$f":"ROUND(C20*E20,0)","v":{"v":0,"d":"0.00"}},{"$f":"#REF!","v":{"$error":"#REF!"}},"Rm",{"$f":"#REF!","v":{"$error":"#REF!"}},{"$f":"ROUND(G20*I20,0)","v":{"$error":"#REF!"}},{"$error":"#REF!"},{"$error":"#REF!"},"-",{"$error":"#REF!"}]
["3","Plain cement concrete M 15 grade  using 40,20 & 12mm metal mechanically mixed in Substructures complete as per drawings and technical specification Clauses 802, 804, 805, 806, 807, 1202 and 1204 MORD and 1500, 1700 & 2200 MORTH. ",{"$nulls":3},{"$f":"ROUND(C21*E21,0)","v":{"v":0,"d":"0.00"}},{"$f":"#REF!","v":{"$error":"#REF!"}},"Cum",{"$f":"#REF!","v":{"$error":"#REF!"}},{"$f":"ROUND(G21*I21,0)","v":{"$error":"#REF!"}},{"$error":"#REF!"},{"$error":"#REF!"},"-",{"$error":"#REF!"}]
["3","Providing  RCC M-25 grade cement concrete using  using 20 mm to 12 mm Graded HBG crushed Metal ( 66% of 20 mm and 34% of 12mm )s from approved source including cost of all ,materials, machinery, labour, formwork,  scaffolding,placing in position, levelling, vibrating, finishing, curing etc., complete with initial lead upto 50 m and all lifts. for Guide Posts",{"$nulls":3},{"$f":"ROUND(C22*E22,0)","v":{"v":0,"d":"0.00"}},{"$f":"#REF!","v":{"$error":"#REF!"}},"Cum",{"$f":"#REF!","v":{"$error":"#REF!"}},{"$f":"ROUND(G22*I22,0)","v":{"$error":"#REF!"}},{"$error":"#REF!"},{"$error":"#REF!"},"-",{"$error":"#REF!"}]
[null,"Supplying, fitting and placing HYSD bar reinforcement in foundation complete as per drawings and technical specifications Clauses 1000 and 1202  MORD & 1100, 1600 MORTH for Bars below 36 mm dia including over laps and wastage, where they are not welded.",{"$nulls":4},{"$f":"#REF!","v":{"$error":"#REF!"}},"MT",{"$f":"#REF!","v":{"$error":"#REF!"}},{"$error":"#REF!"},{"$error":"#REF!"},{"$error":"#REF!"},"-",{"$error":"#REF!"}]
["4","Filling with selected earth in trenches, sides of foundations & basement by watering and ramming  including cost and conveyance of material and labour charges etc complete for finished item of the work (APSS No 309& 310) per 1 Cum",{"$nulls":3},{"$f":"ROUND(C24*E24,0)","v":{"v":0,"d":"0.00"}},{"$f":"#REF!","v":{"$error":"#REF!"}},"Cum",{"$f":"#REF!","v":{"$error":"#REF!"}},{"$f":"ROUND(G24*I24,0)","v":{"$error":"#REF!"}},{"$error":"#REF!"},{"$error":"#REF!"},"-",{"$error":"#REF!"}]
["8","Plain cement concrete for CC  pavement, thickness as per design, over a prepared sub base, with 43 grade cement or any other type as per Clause 1501.2.2 M20 (Grade), coarse and fine aggregates conforming to IS : 383, maximum in a concrete mixer of not less than 0.2 cum capacity and appropeiate weigh batcher using approved mix design, laid in approved fixed side formwork (steel channel, laying and fixing of 125 mictron thick polythene film, wedges, steel plates including levelling the formwork as per drawing), spreading the concrete with sholvels, rakes, compacted using needle, scareed and plate vibrators and finished in continuous operation including provision of contraction and expansion, construction joints, applying debonding strips, primer, sealant, dowel bars, near approaches to bridge / culvert and construction joints, admixtures as approved, curing of concrete slabs for 28- days, curing compound (where specified) and water finishing to lines and grade as per drawing  and Technical Specification Clause 1501 MORD",{"$nulls":3},{"$f":"ROUND(C25*E25,0)","v":{"v":0,"d":"0.00"}},{"$f":"#REF!","v":{"$error":"#REF!"}},"Cum",{"$f":"#REF!","v":{"$error":"#REF!"}},{"$f":"ROUND(G25*I25,0)","v":{"$error":"#REF!"}},{"$error":"#REF!"},{"$error":"#REF!"},"-",{"$error":"#REF!"}]
[null,"Sub estimate",{"$nulls":8},{"v":0,"d":"0.00"},{"v":0,"d":"0.00"},"-",{"v":0,"d":"0.00"}]
["1","Earthwork in excavation for structures as per drawing and technical specifications Clause 305.1 including setting out, construction of shoring and bracing, removal of stumps and other deleterious material and disposal upto a lead of 50 m, dressing of sides and bottom and backfilling in trenches with excavated suitable material as per Technical Specification 305 MORD / 304 MORTH",{"$nulls":3},{"$f":"ROUND(C27*E27,0)","v":{"v":0,"d":"0.00"}},{"$f":"DET!I37","v":{"v":0,"d":"0.00"}},"Cum",{"$f":"DET!K37","v":111.51},{"$f":"ROUND(G27*I27,0)","v":{"v":0,"d":"0.00"}},{"v":0,"d":"0.00"},{"v":0,"d":"0.00"},"-",-111.51]
["2","Providing concrete for plain concrete M10 Grade in open foundations using 40 mm nominal size Graded hard stone aggregate, mechanically mixed, placed in foundation and compacted by vibration including curing for 14 days complete as per drawings and technical specifications Clause 802, 803, 1202 & 1203 MORD and 1500, 1700 & 2100 MORTH",{"$nulls":3},{"v":0,"d":"0.00"},{"$f":"DET!I46","v":{"v":0,"d":"0.00"}},"Cum",{"$f":"DET!K46","v":5135.94},{"v":0,"d":"0.00"},{"v":0,"d":"0.00"},{"v":0,"d":"0.00"},"-",-5135.94]
["2","Providing and laying reinforced cement concrete pipe 1000 dia NP3 for culverts on first class bedding of granular  material but excluding excavation, protection works, backfilling, concrete and masonry works in head wall and parapets. Tech Specification Clause 1106 MORD.",{"$nulls":3},{"v":0,"d":"0.00"},{"$f":"DET!#REF!","v":{"$error":"#REF!"}},"Rm",{"$f":"DET!#REF!","v":{"$error":"#REF!"}},{"$error":"#REF!"},{"$error":"#REF!"},{"$error":"#REF!"},"-",{"$error":"#REF!"}]
["3","Plain cement concrete M 15 grade  using 40,20 & 12mm metal mechanically mixed in Substructures complete as per drawings and technical specification Clauses 802, 804, 805, 806, 807, 1202 and 1204 MORD and 1500, 1700 & 2200 MORTH. ",{"$nulls":3},{"v":0,"d":"0.00"},{"$f":"DET!I51","v":{"v":0,"d":"0.00"}},"Cum",{"$f":"DET!K51","v":{"v":9012.880000000001,"d":"9012.88"}},{"v":0,"d":"0.00"},{"v":0,"d":"0.00"},{"v":0,"d":"0.00"},"-",{"v":-9012.880000000001,"d":"-9012.88"}]
["3","Providing  RCC M-25 grade cement concrete using  using 20 mm to 12 mm Graded HBG crushed Metal ( 66% of 20 mm and 34% of 12mm )s from approved source including cost of all ,materials, machinery, labour, formwork,  scaffolding,placing in position, levelling, vibrating, finishing, curing etc., complete with initial lead upto 50 m and all lifts. for Guide Posts",{"$nulls":3},{"v":0,"d":"0.00"},{"$f":"DET!#REF!","v":{"$error":"#REF!"}},"Cum",{"$f":"DET!#REF!","v":{"$error":"#REF!"}},{"$error":"#REF!"},{"$error":"#REF!"},{"$error":"#REF!"},"-",{"$error":"#REF!"}]
[null,"Supplying, fitting and placing HYSD bar reinforcement in foundation complete as per drawings and technical specifications Clauses 1000 and 1202  MORD & 1100, 1600 MORTH for Bars below 36 mm dia including over laps and wastage, where they are not welded.",{"$nulls":4},{"$f":"DET!I62","v":{"v":0,"d":"0.00"}},"MT",{"$f":"DET!K62","v":{"v":76170,"d":"76170.00"}},{"v":0,"d":"0.00"},{"v":0,"d":"0.00"},{"v":0,"d":"0.00"},"-",{"v":-76170,"d":"-76170.00"}]
["4","Filling with selected earth in trenches, sides of foundations & basement by watering and ramming  including cost and conveyance of material and labour charges etc complete for finished item of the work (APSS No 309& 310) per 1 Cum",{"$nulls":3},{"$f":"ROUND(C33*E33,0)","v":{"v":0,"d":"0.00"}},{"$f":"DET!#REF!","v":{"$error":"#REF!"}},"Cum",{"$f":"DET!#REF!","v":{"$error":"#REF!"}},{"$f":"ROUND(G33*I33,0)","v":{"$error":"#REF!"}},{"$error":"#REF!"},{"$error":"#REF!"},"-",{"$error":"#REF!"}]
["8","Plain cement concrete for CC  pavement, thickness as per design, over a prepared sub base, with 43 grade cement or any other type as per Clause 1501.2.2 M20 (Grade), coarse and fine aggregates conforming to IS : 383, maximum in a concrete mixer of not less than 0.2 cum capacity and appropeiate weigh batcher using approved mix design, laid in approved fixed side formwork (steel channel, laying and fixing of 125 mictron thick polythene film, wedges, steel plates including levelling the formwork as per drawing), spreading the concrete with sholvels, rakes, compacted using needle, scareed and plate vibrators and finished in continuous operation including provision of contraction and expansion, construction joints, applying debonding strips, primer, sealant, dowel bars, near approaches to bridge / culvert and construction joints, admixtures as approved, curing of concrete slabs for 28- days, curing compound (where specified) and water finishing to lines and grade as per drawing  and Technical Specification Clause 1501 MORD",{"$nulls":3},{"$f":"ROUND(C34*E34,0)","v":{"v":0,"d":"0.00"}},{"$f":"DET!#REF!","v":{"$error":"#REF!"}},"Cum",{"$f":"DET!#REF!","v":{"$error":"#REF!"}},{"$f":"ROUND(G34*I34,0)","v":{"$error":"#REF!"}},{"$error":"#REF!"},{"$error":"#REF!"},"-",{"$error":"#REF!"}]
[null,"Sub estimate",{"$nulls":8},{"v":0,"d":"0.00"},{"v":0,"d":"0.00"},"-",{"v":0,"d":"0.00"}]
["1","Earthwork in excavation for structures as per drawing and technical specifications Clause 305.1 including setting out, construction of shoring and bracing, removal of stumps and other deleterious material and disposal upto a lead of 50 m, dressing of sides and bottom and backfilling in trenches with excavated suitable material as per Technical Specification 305 MORD / 304 MORTH",{"$nulls":3},{"$f":"ROUND(C36*E36,0)","v":{"v":0,"d":"0.00"}},{"$f":"#REF!","v":{"$error":"#REF!"}},"Cum",{"$f":"#REF!","v":{"$error":"#REF!"}},{"$f":"ROUND(G36*I36,0)","v":{"$error":"#REF!"}},{"$error":"#REF!"},{"$error":"#REF!"},"-",{"$error":"#REF!"}]
["2","Providing concrete for plain concrete M10 Grade in open foundations using 40 mm nominal size Graded hard stone aggregate, mechanically mixed, placed in foundation and compacted by vibration including curing for 14 days complete as per drawings and technical specifications Clause 802, 803, 1202 & 1203 MORD and 1500, 1700 & 2100 MORTH",{"$nulls":3},{"v":0,"d":"0.00"},{"$f":"#REF!","v":{"$error":"#REF!"}},"Cum",{"$f":"#REF!","v":{"$error":"#REF!"}},{"$error":"#REF!"},{"$error":"#REF!"},{"$error":"#REF!"},"-",{"$error":"#REF!"}]
["2","Providing and laying reinforced cement concrete pipe 1000 dia NP3 for culverts on first class bedding of granular  material but excluding excavation, protection works, backfilling, concrete and masonry works in head wall and parapets. Tech Specification Clause 1106 MORD.",{"$nulls":3},{"v":0,"d":"0.00"},{"$f":"#REF!","v":{"$error":"#REF!"}},"Rm",{"$f":"#REF!","v":{"$error":"#REF!"}},{"$error":"#REF!"},{"$error":"#REF!"},{"$error":"#REF!"},"-",{"$error":"#REF!"}]
["3","Plain cement concrete M 15 grade  using 40,20 & 12mm metal mechanically mixed in Substructures complete as per drawings and technical specification Clauses 802, 804, 805, 806, 807, 1202 and 1204 MORD and 1500, 1700 & 2200 MORTH. ",{"$nulls":3},{"v":0,"d":"0.00"},{"$f":"#REF!","v":{"$error":"#REF!"}},"Cum",{"$f":"#REF!","v":{"$error":"#REF!"}},{"$error":"#REF!"},{"$error":"#REF!"},{"$error":"#REF!"},"-",{"$error":"#REF!"}]
["3","Providing  RCC M-25 grade cement concrete using  using 20 mm to 12 mm Graded HBG crushed Metal ( 66% of 20 mm and 34% of 12mm )s from approved source including cost of all ,materials, machinery, labour, formwork,  scaffolding,placing in position, levelling, vibrating, finishing, curing etc., complete with initial lead upto 50 m and all lifts. for Guide Posts",{"$nulls":3},{"v":0,"d":"0.00"},{"$f":"#REF!","v":{"$error":"#REF!"}},"Cum",{"$f":"#REF!","v":{"$error":"#REF!"}},{"$error":"#REF!"},{"$error":"#REF!"},{"$error":"#REF!"},"-",{"$error":"#REF!"}]
[null,"Supplying, fitting and placing HYSD bar reinforcement in foundation complete as per drawings and technical specifications Clauses 1000 and 1202  MORD & 1100, 1600 MORTH for Bars below 36 mm dia including over laps and wastage, where they are not welded.",{"$nulls":4},{"$f":"#REF!","v":{"$error":"#REF!"}},"MT",{"$f":"#REF!","v":{"$error":"#REF!"}},{"$error":"#REF!"},{"$error":"#REF!"},{"$error":"#REF!"},"-",{"$error":"#REF!"}]
["4","Filling with selected earth in trenches, sides of foundations & basement by watering and ramming  including cost and conveyance of material and labour charges etc complete for finished item of the work (APSS No 309& 310) per 1 Cum",{"$nulls":3},{"$f":"ROUND(C42*E42,0)","v":{"v":0,"d":"0.00"}},{"$f":"#REF!","v":{"$error":"#REF!"}},"Cum",{"$f":"#REF!","v":{"$error":"#REF!"}},{"$f":"ROUND(G42*I42,0)","v":{"$error":"#REF!"}},{"$error":"#REF!"},{"$error":"#REF!"},"-",{"$error":"#REF!"}]
["8","Plain cement concrete for CC  pavement, thickness as per design, over a prepared sub base, with 43 grade cement or any other type as per Clause 1501.2.2 M20 (Grade), coarse and fine aggregates conforming to IS : 383, maximum in a concrete mixer of not less than 0.2 cum capacity and appropeiate weigh batcher using approved mix design, laid in approved fixed side formwork (steel channel, laying and fixing of 125 mictron thick polythene film, wedges, steel plates including levelling the formwork as per drawing), spreading the concrete with sholvels, rakes, compacted using needle, scareed and plate vibrators and finished in continuous operation including provision of contraction and expansion, construction joints, applying debonding strips, primer, sealant, dowel bars, near approaches to bridge / culvert and construction joints, admixtures as approved, curing of concrete slabs for 28- days, curing compound (where specified) and water finishing to lines and grade as per drawing  and Technical Specification Clause 1501 MORD",{"$nulls":3},{"$f":"ROUND(C43*E43,0)","v":{"v":0,"d":"0.00"}},{"$f":"#REF!","v":{"$error":"#REF!"}},"Cum",{"$f":"#REF!","v":{"$error":"#REF!"}},{"$f":"ROUND(G43*I43,0)","v":{"$error":"#REF!"}},{"$error":"#REF!"},{"$error":"#REF!"},"-",{"$error":"#REF!"}]
[null,"Sub estimate",{"$nulls":8},{"v":0,"d":"0.00"},{"v":0,"d":"0.00"},"-",{"v":0,"d":"0.00"}]
["1","Earthwork in excavation for structures as per drawing and technical specifications Clause 305.1 including setting out, construction of shoring and bracing, removal of stumps and other deleterious material and disposal upto a lead of 50 m, dressing of sides and bottom and backfilling in trenches with excavated suitable material as per Technical Specification 305 MORD / 304 MORTH",{"$nulls":3},{"$f":"ROUND(C45*E45,0)","v":{"v":0,"d":"0.00"}},{"$f":"#REF!","v":{"$error":"#REF!"}},"Cum",{"$f":"#REF!","v":{"$error":"#REF!"}},{"$f":"ROUND(G45*I45,0)","v":{"$error":"#REF!"}},{"$error":"#REF!"},{"$error":"#REF!"},"-",{"$error":"#REF!"}]
["2","Providing concrete for plain concrete M10 Grade in open foundations using 40 mm nominal size Graded hard stone aggregate, mechanically mixed, placed in foundation and compacted by vibration including curing for 14 days complete as per drawings and technical specifications Clause 802, 803, 1202 & 1203 MORD and 1500, 1700 & 2100 MORTH",{"$nulls":3},{"v":0,"d":"0.00"},{"$f":"#REF!","v":{"$error":"#REF!"}},"Cum",{"$f":"#REF!","v":{"$error":"#REF!"}},{"$error":"#REF!"},{"$error":"#REF!"},{"$error":"#REF!"},"-",{"$error":"#REF!"}]
["2","Providing and laying reinforced cement concrete pipe 1000 dia NP3 for culverts on first class bedding of granular  material but excluding excavation, protection works, backfilling, concrete and masonry works in head wall and parapets. Tech Specification Clause 1106 MORD.",{"$nulls":3},{"v":0,"d":"0.00"},{"$f":"#REF!","v":{"$error":"#REF!"}},"Rm",{"$f":"#REF!","v":{"$error":"#REF!"}},{"$error":"#REF!"},{"$error":"#REF!"},{"$error":"#REF!"},"-",{"$error":"#REF!"}]
["3","Plain cement concrete M 15 grade  using 40,20 & 12mm metal mechanically mixed in Substructures complete as per drawings and technical specification Clauses 802, 804, 805, 806, 807, 1202 and 1204 MORD and 1500, 1700 & 2200 MORTH. ",{"$nulls":3},{"v":0,"d":"0.00"},{"$f":"#REF!","v":{"$error":"#REF!"}},"Cum",{"$f":"#REF!","v":{"$error":"#REF!"}},{"$error":"#REF!"},{"$error":"#REF!"},{"$error":"#REF!"},"-",{"$error":"#REF!"}]
["3","Providing  RCC M-25 grade cement concrete using  using 20 mm to 12 mm Graded HBG crushed Metal ( 66% of 20 mm and 34% of 12mm )s from approved source including cost of all ,materials, machinery, labour, formwork,  scaffolding,placing in position, levelling, vibrating, finishing, curing etc., complete with initial lead upto 50 m and all lifts. for Guide Posts",{"$nulls":3},{"v":0,"d":"0.00"},{"$f":"#REF!","v":{"$error":"#REF!"}},"Cum",{"$f":"#REF!","v":{"$error":"#REF!"}},{"$error":"#REF!"},{"$error":"#REF!"},{"$error":"#REF!"},"-",{"$error":"#REF!"}]
[null,"Supplying, fitting and placing HYSD bar reinforcement in foundation complete as per drawings and technical specifications Clauses 1000 and 1202  MORD & 1100, 1600 MORTH for Bars below 36 mm dia including over laps and wastage, where they are not welded.",{"$nulls":4},{"$f":"#REF!","v":{"$error":"#REF!"}},"MT",{"$f":"#REF!","v":{"$error":"#REF!"}},{"$error":"#REF!"},{"$error":"#REF!"},{"$error":"#REF!"},"-",{"$error":"#REF!"}]
["4","Filling with selected earth in trenches, sides of foundations & basement by watering and ramming  including cost and conveyance of material and labour charges etc complete for finished item of the work (APSS No 309& 310) per 1 Cum",{"$nulls":3},{"$f":"ROUND(C51*E51,0)","v":{"v":0,"d":"0.00"}},{"$f":"#REF!","v":{"$error":"#REF!"}},"Cum",{"$f":"#REF!","v":{"$error":"#REF!"}},{"$f":"ROUND(G51*I51,0)","v":{"$error":"#REF!"}},{"$error":"#REF!"},{"$error":"#REF!"},"-",{"$error":"#REF!"}]
["8","Plain cement concrete for CC  pavement, thickness as per design, over a prepared sub base, with 43 grade cement or any other type as per Clause 1501.2.2 M20 (Grade), coarse and fine aggregates conforming to IS : 383, maximum in a concrete mixer of not less than 0.2 cum capacity and appropeiate weigh batcher using approved mix design, laid in approved fixed side formwork (steel channel, laying and fixing of 125 mictron thick polythene film, wedges, steel plates including levelling the formwork as per drawing), spreading the concrete with sholvels, rakes, compacted using needle, scareed and plate vibrators and finished in continuous operation including provision of contraction and expansion, construction joints, applying debonding strips, primer, sealant, dowel bars, near approaches to bridge / culvert and construction joints, admixtures as approved, curing of concrete slabs for 28- days, curing compound (where specified) and water finishing to lines and grade as per drawing  and Technical Specification Clause 1501 MORD",{"$nulls":3},{"$f":"ROUND(C52*E52,0)","v":{"v":0,"d":"0.00"}},{"$f":"#REF!","v":{"$error":"#REF!"}},"Cum",{"$f":"#REF!","v":{"$error":"#REF!"}},{"$f":"ROUND(G52*I52,0)","v":{"$error":"#REF!"}},{"$error":"#REF!"},{"$error":"#REF!"},"-",{"$error":"#REF!"}]
[null,"Sub estimate",{"$nulls":8},{"v":0,"d":"0.00"},{"v":0,"d":"0.00"},"-",{"v":0,"d":"0.00"}]
["1","Earthwork in excavation for structures as per drawing and technical specifications Clause 305.1 including setting out, construction of shoring and bracing, removal of stumps and other deleterious material and disposal upto a lead of 50 m, dressing of sides and bottom and backfilling in trenches with excavated suitable material as per Technical Specification 305 MORD / 304 MORTH",{"$nulls":3},{"$f":"ROUND(C54*E54,0)","v":{"v":0,"d":"0.00"}},{"$f":"#REF!","v":{"$error":"#REF!"}},"Cum",{"$f":"#REF!","v":{"$error":"#REF!"}},{"$f":"ROUND(G54*I54,0)","v":{"$error":"#REF!"}},{"$error":"#REF!"},{"$error":"#REF!"},"-",{"$error":"#REF!"}]
["2","Providing concrete for plain concrete M10 Grade in open foundations using 40 mm nominal size Graded hard stone aggregate, mechanically mixed, placed in foundation and compacted by vibration including curing for 14 days complete as per drawings and technical specifications Clause 802, 803, 1202 & 1203 MORD and 1500, 1700 & 2100 MORTH",{"$nulls":3},{"v":0,"d":"0.00"},{"$f":"#REF!","v":{"$error":"#REF!"}},"Cum",{"$f":"#REF!","v":{"$error":"#REF!"}},{"$error":"#REF!"},{"$error":"#REF!"},{"$error":"#REF!"},"-",{"$error":"#REF!"}]
["2","Providing and laying reinforced cement concrete pipe 6000 dia NP3 for culverts on first class bedding of granular  material but excluding excavation, protection works, backfilling, concrete and masonry works in head wall and parapets. Tech Specification Clause 1106 MORD.",{"$nulls":3},{"v":0,"d":"0.00"},{"$f":"#REF!","v":{"$error":"#REF!"}},"Rm",{"$f":"#REF!","v":{"$error":"#REF!"}},{"$error":"#REF!"},{"$error":"#REF!"},{"$error":"#REF!"},"-",{"$error":"#REF!"}]
[null,"Sub estimate",{"$nulls":8},{"v":0,"d":"0.00"},{"v":0,"d":"0.00"},"-",{"v":0,"d":"0.00"}]
["1","Supply and fixing of KM Stones including painting and required  lettering.",{"$nulls":3},{"$f":"ROUND(C58*E58,0)","v":{"v":0,"d":"0.00"}},{"$f":"#REF!","v":{"$error":"#REF!"}},"No",{"$f":"#REF!","v":{"$error":"#REF!"}},{"$f":"ROUND(G58*I58,0)","v":{"$error":"#REF!"}},{"$error":"#REF!"},{"$error":"#REF!"},"-",{"$error":"#REF!"}]
["1","Supply and fixing of HM Stones including painting and required  lettering.",{"$nulls":3},{"$f":"ROUND(C59*E59,0)","v":{"v":0,"d":"0.00"}},{"$f":"#REF!","v":{"$error":"#REF!"}},"No",{"$f":"#REF!","v":{"$error":"#REF!"}},{"$f":"ROUND(G59*I59,0)","v":{"$error":"#REF!"}},{"$error":"#REF!"},{"$error":"#REF!"},"-",{"$error":"#REF!"}]
[null,"Providing and fixing of retro-reflectorised cautionary,mandatory and informatory sign as per IRC:67 made of encapsulated lens type reflective sheeting vide clause 1701.2.3 MORD fixed over aluminium sheeting 1.50 mm thick supported on a mild steel iron post 75mmx75 mm x6 mm firmly fixed to the ground by means of properly designed foundation with M15 cement concrete 450mm x450mmx600 mm,600 mm below ground level as per drawings and technical specification clause 1701 MORD",{"$nulls":4},{"$f":"#REF!","v":{"$error":"#REF!"}},"No",{"$f":"#REF!","v":{"$error":"#REF!"}},{"$error":"#REF!"},{"$error":"#REF!"},{"$error":"#REF!"},"-",{"$error":"#REF!"}]
[null,"Providing and erecting direction and place identification of retroreflective reflective sign boards as per as per IRC 67 made of 2 mm thick MS sheet duly stove enameled paint white colour in front and grey colour on back with reflective border of 70mm width& required message letters & figures with reflective tape engineering grade as per  MoRD specifications of required shade & colour supported & welded on two numbers  47mmX47mmX12SWG sheet tube of 3050 mm height duly strengthened by 25 mm x 5 mm MS flat iron on edges on back firmly fixed to ground by mean of property designed foundation with M-20 grade cement concrete 450mmX600mmX600mm below ground level as per approved drawing clause 1701",{"$nulls":4},{"$f":"#REF!","v":{"$error":"#REF!"}},"Sqm",{"$f":"#REF!","v":{"$error":"#REF!"}},{"$f":"ROUND(G61*I61,0)","v":{"$error":"#REF!"}},{"$error":"#REF!"},{"$error":"#REF!"},"-",{"$error":"#REF!"}]
[null,"Providing and erecting direction and place identification retro-reflective Village boards sign as per IRC:67 made of encapsulated lens type refective type sheeting vide clause 1701.2.3 MORD fixed over aluiminium sheeting,2 mm thick with area not exceeding 0.90 sqm supported on 47mmx47mmx12SWG sheet tube of 3050 mm height duly strengthned by 25mm x5mm MS flat iron on edges on black firmly fixed to ground by means of propoerly designed foundation with M15 grade cement concrete 450x600 mmx600 mm below groubd level as per drawings and technical specification clause 1701 MORD.",{"$nulls":4},{"$f":"#REF!","v":{"$error":"#REF!"}},"Sqm",{"$f":"#REF!","v":{"$error":"#REF!"}},{"$f":"ROUND(G62*I62,0)","v":{"$error":"#REF!"}},{"$error":"#REF!"},{"$error":"#REF!"},"-",{"$error":"#REF!"}]
[null,"Pavement markings with hot line applied Thermo plastic compound 2.50 mm thick including reflecting glass beads at 250 gms/sqm, thickness of 2.5mm is exclusive of surface applied glass beads for providing centerline marking 300 cms length and 10cm width with a gap of 450 cms including cost and convenyace of all materials  equipment machinary and labour with all leads and lifts loading and unloading charges necessary for sucessful completion of work as directed by the Engineer-in-Charge and confirming to IS 164 - 1981 (1st revison reaffirmed in 1986) and clause 803 of MOST specification for roads and bridge works and also confirming to IRC 35 -1997 ",{"$nulls":4},{"$f":"#REF!","v":{"$error":"#REF!"}},"Sqm",{"$f":"#REF!","v":{"$error":"#REF!"}},{"$f":"ROUND(G63*I63,0)","v":{"$error":"#REF!"}},{"$error":"#REF!"},{"$error":"#REF!"},"-",{"$error":"#REF!"}]
["11","Provision for Seigneorage charges (As per Calculatioln sheet)",{"$nulls":7},{"$f":"DET!M65","v":{"v":79414,"d":"79414.00"}},{"v":79414,"d":"79414.00"},{"v":0,"d":"0.00"},"-",{"v":0,"d":"0.00"}]
["12","Provision QC charges @ 0.50%",{"$nulls":7},{"$f":"DET!M67","v":{"v":9913,"d":"9913.00"}},{"v":9913,"d":"9913.00"},{"v":0,"d":"0.00"},"-",{"v":0,"d":"0.00"}]
["8","Provision GST  charges @ 18%",{"$nulls":7},{"$f":"DET!M68","v":{"v":0,"d":"0.00"}},{"v":0,"d":"0.00"},{"v":0,"d":"0.00"},"-",{"v":0,"d":"0.00"}]
[null,"Provision for Name board",{"$nulls":7},{"$f":"DET!M69","v":{"v":3600,"d":"3600.00"}},{"v":3600,"d":"3600.00"},{"v":0,"d":"0.00"},"-",{"v":0,"d":"0.00"}]
["13","Provision for work wise file",{"$nulls":7},{"$f":"DET!M70","v":{"v":100,"d":"100.00"}},{"v":100,"d":"100.00"},{"v":0,"d":"0.00"},"-",{"v":0,"d":"0.00"}]
["14","Unforseen items such as if any",{"$nulls":7},{"$f":"DET!M71","v":{"v":3766,"d":"3766.00"}},{"v":3766,"d":"3766.00"},{"v":0,"d":"0.00"},"-",{"v":0,"d":"0.00"}]
[{"$nulls":10},{"$f":"IF(J70>F70,J70-F70,0)","v":{"v":0,"d":"0.00"}},{"$f":"IF(J70<F70,F70-J70,0)","v":{"v":0,"d":"0.00"}},"-",{"$f":"E70-I70","v":{"v":0,"d":"0.00"}}]
[null,null,"As per detailed estimate",null,null,{"$f":"SUM(F7:F70)","v":{"v":0,"d":"0.00"}},{"$nulls":3},{"$f":"SUM(J7:J70)","v":{"$error":"#REF!"}},{"$f":"SUM(K7:K70)","v":{"$error":"#REF!"}},{"$f":"SUM(L7:L70)","v":{"$error":"#REF!"}}]
[null,null,"As per Working estimate",null,null,{"$f":"J71","v":{"$error":"#REF!"}},{"$nulls":5},{"$f":"K71","v":{"$error":"#REF!"}}]
[null,"TOTAL","Difference in estimate",null,null,{"$f":"F71-F72","v":{"$error":"#REF!"}},{"$nulls":5},{"$f":"L71-L72","v":{"$error":"#REF!"}}]
[]
[]
[{"$nulls":7},{"$f":"'lead 2025-26'!G36","v":"PRI Sub Division"},null,null,{"$f":"'lead 2025-26'!J36","v":"Mandal Praja Parishad"}]
[{"$nulls":7},{"$f":"'lead 2025-26'!G37","v":"Kanigiri"},null,null,{"$f":"'lead 2025-26'!J37","v":"Kanigiri"}]
[{"$nulls":10},{"$f":"'lead 2025-26'!J38","v":{"v":0,"d":"0.000"}}]

{"sheet":"CR","index":9,"n_rows":78,"n_cols":14,"rows_kept":78,"hidden":true,"merged":[[0,0,0,12],[1,0,1,12],[2,10,2,12],[3,0,4,0],[3,1,4,1],[3,2,3,5],[3,6,3,9],[3,10,3,11],[3,12,4,12],[4,2,4,3],[4,6,4,7],[5,2,5,3],[5,6,5,7],[70,2,70,4],[71,2,71,4],[72,2,72,4]]}
["COMPLETION REPORT"]
[{"$f":"'lead 2025-26'!B3&'lead 2025-26'!C3","v":"Name of the work : Providing internal CC roads in Ganugapenta GP of Kanigiri Mandal."}]
[{"$nulls":9},"Est Rs.",{"$f":"'lead 2025-26'!K4","v":"20.00 Lakhs"}]
["S.No","Description of the work","As per Working estimate",{"$nulls":3},"As per M.Book",{"$nulls":3},"Difference ",null,"Remarks"]
[null,null,"Quantity ",null,"Rate ","Amount","Quantity ",null,"Rate ","Amount","Excess","Less"]
["1","2","3",null,"4","5","6",null,"7","8","9","10","11"]
["1","Unskilled Labour Charges for Earthwork excavation by manual means exceeding 1.5 m in width taking out the excavated soil and disposal as directed by engineer in charge in Ordinary soil, with an Initial Lead up to 10 m and lift up to 1.5 m",{"$f":"G7","v":{"v":3.6,"d":"3.600"}},"Cum",{"$f":"I7","v":144.26},{"$f":"ROUND(C7*E7,0)","v":{"v":519,"d":"519.00"}},{"$f":"DET!I10","v":{"v":3.6,"d":"3.60"}},"Cum",{"$f":"DET!K10","v":144.26},{"$f":"ROUND(G7*I7,2)","v":519.34},{"$f":"IF(J7>F7,J7-F7,0)","v":{"v":0.34000000000003183,"d":"0.34"}},{"$f":"IF(J7<F7,F7-J7,0)","v":{"v":0,"d":"0.00"}},"-",{"$f":"E7-I7","v":{"v":0,"d":"0.00"}}]
["1","Clearing and grubbing road land including uprooting wild vegetation, grass, bushes, shrubs, saplings and trees of girth up to 300 mm, removal of stumps of such trees cut earlier and disposal of unserviceable materials and stacking of serviceable material to be used or auctioned, up to a lead of 1000 m including removal and disposal of top organic soil not exceeding 150 mm in thickness (in area of non thorny /light jungle) as per Technical Specification Clause 201 MORD.",{"$f":"G8","v":{"$error":"#REF!"}},"Sqm",{"$f":"I8","v":{"$error":"#REF!"}},{"$f":"ROUND(C8*E8,0)","v":{"$error":"#REF!"}},{"$f":"DET!#REF!","v":{"$error":"#REF!"}},"Sqm",{"$f":"DET!#REF!","v":{"$error":"#REF!"}},{"$error":"#REF!"},{"$f":"IF(J8>F8,J8-F8,0)","v":{"$error":"#REF!"}},{"$f":"IF(J8<F8,F8-J8,0)","v":{"$error":"#REF!"}},"-",{"$f":"E8-I8","v":{"$error":"#REF!"}}]
[null,"Construction of embankment with approved material obtained from borrow pits with all lifts, transporting to site, spreading, grading to required slope and compacting with vibratory roller 80-100 KN to meet requirement of Tables 300.1 and 300.2 with a lead upto 1000 m as per Technical Specification Clause 301.5 MORD/305 MORTH.",{"$error":"#REF!"},"Cum",{"$error":"#REF!"},{"$error":"#REF!"},{"$f":"DET!#REF!","v":{"$error":"#REF!"}},"Cum",{"$f":"DET!#REF!","v":{"$error":"#REF!"}},{"$error":"#REF!"},{"$error":"#REF!"},{"$error":"#REF!"},"-",{"$error":"#REF!"}]
["6","Scarifying existing granular surface to a depth of 50 mm and disposal of scarified material with a lift upto 3 m and leads upto 1000 m as per Technical Specification Clause 301.4. MORD",{"v":1405.8,"d":"1405.800"},"Sqm",33.88,{"v":47629,"d":"47629.00"},{"$f":"DET!I14","v":{"v":1405.8,"d":"1405.80"}},"Sqm",{"$f":"DET!K14","v":33.88},{"v":47628.5,"d":"47628.50"},{"v":0,"d":"0.00"},{"v":0.5,"d":"0.50"},"-",{"v":0,"d":"0.00"}]
["7","Construction of Granular Sub Base using well graded material, spreading in uniform layers with tractor  mounted grader on prepared surface , mixing by mix in place  method with   rotovator at OMC and compacting  with Smooth wheel roller  to achive the desired  density , Complete as per technical speficaction clause 401 of MORD",{"v":140.32000000000002,"d":"140.320"},"Cum",1797.53,{"v":252229,"d":"252229.00"},{"$f":"DET!I19","v":{"v":140.32000000000002,"d":"140.32"}},"Cum",{"$f":"DET!K19","v":1797.53},252229.41,{"v":0.41000000000349246,"d":"0.41"},{"v":0,"d":"0.00"},"-",{"v":0,"d":"0.00"}]
["7","Providing, laying, spreading and compacting graded stone aggregate to wet mix macadam specification including premixing the  material with water at OMC in mechanical mixer (Pug Mill), carriage of mixed material by tipper to site, laying  in uniform layers in sub-base/base course on a well prepared sub-base and compacting with smooth  wheel roller of 80 to 100kN / Vibratory Roller 80-100 kN weight to achieve the desired density including lighting, barricading and maintenance of diversion, etc as per Tables 400.11 & 400.12 and Technical Specification Clause 406 MORD / MORTH. ",{"$error":"#REF!"},"Cum",{"$error":"#REF!"},{"$error":"#REF!"},{"$f":"DET!#REF!","v":{"$error":"#REF!"}},"Cum",{"$f":"DET!#REF!","v":{"$error":"#REF!"}},{"$error":"#REF!"},{"$error":"#REF!"},{"$error":"#REF!"},"-",{"$error":"#REF!"}]
[null,"Providing and applying primer coat with bitumen emulsion (SS-1) on prepared surface of granular base including cleaning of road surface and spraying primer at the rate of 0.70-1.0 kg/sqm using mechanical means as per Technical Specification Clause 502 MORD (for use on Wet mix macadam & WBM)",{"$error":"#REF!"},"Sqm",{"$error":"#REF!"},{"$error":"#REF!"},{"$f":"DET!#REF!","v":{"$error":"#REF!"}},"Sqm",{"$f":"DET!#REF!","v":{"$error":"#REF!"}},{"$error":"#REF!"},{"$error":"#REF!"},{"$error":"#REF!"},"-",{"$error":"#REF!"}]
[null,"Providing and applying tack coat with Bitumen emulsion (RS-1)  using emulsion  distributor at the rate of 0.25 to 0.30 kg per sqm on the prepared granular surfaces treated with primer & cleaned with Hydraulic broom as per Technical Specification Clause 503 MORD,",{"$error":"#REF!"},"Sqm",{"$error":"#REF!"},{"$error":"#REF!"},{"$f":"DET!#REF!","v":{"$error":"#REF!"}},"Sqm",{"$f":"DET!#REF!","v":{"$error":"#REF!"}},{"$error":"#REF!"},{"$error":"#REF!"},{"$error":"#REF!"},"-",{"$error":"#REF!"}]
[null,"Providing and laying semi dense bituminous concrete with 40-60 TPH batch type HMP producing an average output of 37.5 tonnes per hour using crushed aggregates of specified grading, premixed with bituminous binder @ 4.5 to 5  per cent  of mix and filler, transporting the hot mix to work site, laying with a hydrostatic paver finisher with sensor control to the required grade, level and alignment, rolling with smooth wheeled, vibratory and tandem rollers to achieve the desired compaction as per MoRTH specification clause No. 508 complete in all respects",{"$error":"#REF!"},"Cum",{"$error":"#REF!"},{"$error":"#REF!"},{"$f":"DET!#REF!","v":{"$error":"#REF!"}},"Cum",{"$f":"DET!#REF!","v":{"$error":"#REF!"}},{"$error":"#REF!"},{"$error":"#REF!"},{"$error":"#REF!"},"-",{"$error":"#REF!"}]
[null,"Construction of improved shoulders by provided selected earth having minimum CBR of 10% MD not less than 1.85 G/CC with LL & PI not more than 40% and 20 respectively and spreading in uniform layers with tractor grader on prepared surface and compacted at OMC with vibratory roller 80-100 KN to meet requirement of table 00.2 with as per technical specification clause 303 MORD, 305 MORTH by using machinery",{"v":34.50000000000001,"d":"34.500"},"Cum",338.03,{"v":11662,"d":"11662.00"},{"$f":"DET!I32","v":{"v":34.50000000000001,"d":"34.50"}},"Cum",{"$f":"DET!K32","v":338.03},11662.04,{"v":0.040000000000873115,"d":"0.04"},{"v":0,"d":"0.00"},"-",{"v":0,"d":"0.00"}]
[null,"Sub estimate"]
["1","Earthwork in excavation for structures as per drawing and technical specifications Clause 305.1 including setting out, construction of shoring and bracing, removal of stumps and other deleterious material and disposal upto a lead of 50 m, dressing of sides and bottom and backfilling in trenches with excavated suitable material as per Technical Specification 305 MORD / 304 MORTH",{"$error":"#REF!"},"Cum",{"$error":"#REF!"},{"$error":"#REF!"},{"$f":"#REF!","v":{"$error":"#REF!"}},"Cum",{"$f":"#REF!","v":{"$error":"#REF!"}},{"$f":"ROUND(G18*I18,2)","v":{"$error":"#REF!"}},{"$error":"#REF!"},{"$error":"#REF!"},"-",{"$error":"#REF!"}]
["2","Providing concrete for plain concrete M10 Grade in open foundations using 40 mm nominal size Graded hard stone aggregate, mechanically mixed, placed in foundation and compacted by vibration including curing for 14 days complete as per drawings and technical specifications Clause 802, 803, 1202 & 1203 MORD and 1500, 1700 & 2100 MORTH",{"$error":"#REF!"},"Cum",{"$error":"#REF!"},{"$error":"#REF!"},{"$f":"#REF!","v":{"$error":"#REF!"}},"Cum",{"$f":"#REF!","v":{"$error":"#REF!"}},{"$error":"#REF!"},{"$error":"#REF!"},{"$error":"#REF!"},"-",{"$error":"#REF!"}]
["2","Providing and laying reinforced cement concrete pipe 1000 dia NP3 for culverts on first class bedding of granular  material but excluding excavation, protection works, backfilling, concrete and masonry works in head wall and parapets. Tech Specification Clause 1106 MORD.",{"$error":"#REF!"},"Rm",{"$error":"#REF!"},{"$error":"#REF!"},{"$f":"#REF!","v":{"$error":"#REF!"}},"Rm",{"$f":"#REF!","v":{"$error":"#REF!"}},{"$error":"#REF!"},{"$error":"#REF!"},{"$error":"#REF!"},"-",{"$error":"#REF!"}]
["3","Plain cement concrete M 15 grade  using 40,20 & 12mm metal mechanically mixed in Substructures complete as per drawings and technical specification Clauses 802, 804, 805, 806, 807, 1202 and 1204 MORD and 1500, 1700 & 2200 MORTH. ",{"$error":"#REF!"},"Cum",{"$error":"#REF!"},{"$error":"#REF!"},{"$f":"#REF!","v":{"$error":"#REF!"}},"Cum",{"$f":"#REF!","v":{"$error":"#REF!"}},{"$error":"#REF!"},{"$error":"#REF!"},{"$error":"#REF!"},"-",{"$error":"#REF!"}]
["3","Providing  RCC M-25 grade cement concrete using  using 20 mm to 12 mm Graded HBG crushed Metal ( 66% of 20 mm and 34% of 12mm )s from approved source including cost of all ,materials, machinery, labour, formwork,  scaffolding,placing in position, levelling, vibrating, finishing, curing etc., complete with initial lead upto 50 m and all lifts. for Guide Posts",{"$error":"#REF!"},"Cum",{"$error":"#REF!"},{"$error":"#REF!"},{"$f":"#REF!","v":{"$error":"#REF!"}},"Cum",{"$f":"#REF!","v":{"$error":"#REF!"}},{"$error":"#REF!"},{"$error":"#REF!"},{"$error":"#REF!"},"-",{"$error":"#REF!"}]
[null,"Supplying, fitting and placing HYSD bar reinforcement in foundation complete as per drawings and technical specifications Clauses 1000 and 1202  MORD & 1100, 1600 MORTH for Bars below 36 mm dia including over laps and wastage, where they are not welded.",{"$error":"#REF!"},"MT",{"$error":"#REF!"},{"$error":"#REF!"},{"$f":"#REF!","v":{"$error":"#REF!"}},"MT",{"$f":"#REF!","v":{"$error":"#REF!"}},{"$error":"#REF!"},{"$error":"#REF!"},{"$error":"#REF!"},"-",{"$error":"#REF!"}]
["4","Filling with selected earth in trenches, sides of foundations & basement by watering and ramming  including cost and conveyance of material and labour charges etc complete for finished item of the work (APSS No 309& 310) per 1 Cum",{"$error":"#REF!"},"Cum",{"$error":"#REF!"},{"$error":"#REF!"},{"$f":"#REF!","v":{"$error":"#REF!"}},"Cum",{"$f":"#REF!","v":{"$error":"#REF!"}},{"$error":"#REF!"},{"$error":"#REF!"},{"$error":"#REF!"},"-",{"$error":"#REF!"}]
["8","Plain cement concrete for CC  pavement, thickness as per design, over a prepared sub base, with 43 grade cement or any other type as per Clause 1501.2.2 M20 (Grade), coarse and fine aggregates conforming to IS : 383, maximum in a concrete mixer of not less than 0.2 cum capacity and appropeiate weigh batcher using approved mix design, laid in approved fixed side formwork (steel channel, laying and fixing of 125 mictron thick polythene film, wedges, steel plates including levelling the formwork as per drawing), spreading the concrete with sholvels, rakes, compacted using needle, scareed and plate vibrators and finished in continuous operation including provision of contraction and expansion, construction joints, applying debonding strips, primer, sealant, dowel bars, near approaches to bridge / culvert and construction joints, admixtures as approved, curing of concrete slabs for 28- days, curing compound (where specified) and water finishing to lines and grade as per drawing  and Technical Specification Clause 1501 MORD",{"$error":"#REF!"},"Cum",{"$error":"#REF!"},{"$error":"#REF!"},{"$f":"#REF!","v":{"$error":"#REF!"}},"Cum",{"$f":"#REF!","v":{"$error":"#REF!"}},{"$error":"#REF!"},{"$error":"#REF!"},{"$error":"#REF!"},"-",{"$error":"#REF!"}]
[null,"Sub estimate"]
["1","Earthwork in excavation for structures as per drawing and technical specifications Clause 305.1 including setting out, construction of shoring and bracing, removal of stumps and other deleterious material and disposal upto a lead of 50 m, dressing of sides and bottom and backfilling in trenches with excavated suitable material as per Technical Specification 305 MORD / 304 MORTH",{"v":0,"d":"0.000"},"Cum",111.51,{"v":0,"d":"0.00"},{"$f":"DET!I37","v":{"v":0,"d":"0.00"}},"Cum",{"$f":"DET!K37","v":111.51},{"$f":"ROUND(G27*I27,2)","v":{"v":0,"d":"0.00"}},{"v":0,"d":"0.00"},{"v":0,"d":"0.00"},"-",{"v":0,"d":"0.00"}]
["2","Providing concrete for plain concrete M10 Grade in open foundations using 40 mm nominal size Graded hard stone aggregate, mechanically mixed, placed in foundation and compacted by vibration including curing for 14 days complete as per drawings and technical specifications Clause 802, 803, 1202 & 1203 MORD and 1500, 1700 & 2100 MORTH",{"v":0,"d":"0.000"},"Cum",5135.94,{"v":0,"d":"0.00"},{"$f":"DET!I46","v":{"v":0,"d":"0.00"}},"Cum",{"$f":"DET!K46","v":5135.94},{"v":0,"d":"0.00"},{"v":0,"d":"0.00"},{"v":0,"d":"0.00"},"-",{"v":0,"d":"0.00"}]
["2","Providing and laying reinforced cement concrete pipe 1000 dia NP3 for culverts on first class bedding of granular  material but excluding excavation, protection works, backfilling, concrete and masonry works in head wall and parapets. Tech Specification Clause 1106 MORD.",{"$error":"#REF!"},"Rm",{"$error":"#REF!"},{"$error":"#REF!"},{"$f":"DET!#REF!","v":{"$error":"#REF!"}},"Rm",{"$f":"DET!#REF!","v":{"$error":"#REF!"}},{"$error":"#REF!"},{"$error":"#REF!"},{"$error":"#REF!"},"-",{"$error":"#REF!"}]
["3","Plain cement concrete M 15 grade  using 40,20 & 12mm metal mechanically mixed in Substructures complete as per drawings and technical specification Clauses 802, 804, 805, 806, 807, 1202 and 1204 MORD and 1500, 1700 & 2200 MORTH. ",{"v":0,"d":"0.000"},"Cum",{"v":9012.880000000001,"d":"9012.88"},{"v":0,"d":"0.00"},{"$f":"DET!I51","v":{"v":0,"d":"0.00"}},"Cum",{"$f":"DET!K51","v":{"v":9012.880000000001,"d":"9012.88"}},{"v":0,"d":"0.00"},{"v":0,"d":"0.00"},{"v":0,"d":"0.00"},"-",{"v":0,"d":"0.00"}]
["3","Providing  RCC M-25 grade cement concrete using  using 20 mm to 12 mm Graded HBG crushed Metal ( 66% of 20 mm and 34% of 12mm )s from approved source including cost of all ,materials, machinery, labour, formwork,  scaffolding,placing in position, levelling, vibrating, finishing, curing etc., complete with initial lead upto 50 m and all lifts. for Guide Posts",{"$error":"#REF!"},"Cum",{"$error":"#REF!"},{"$error":"#REF!"},{"$f":"DET!#REF!","v":{"$error":"#REF!"}},"Cum",{"$f":"DET!#REF!","v":{"$error":"#REF!"}},{"$error":"#REF!"},{"$error":"#REF!"},{"$error":"#REF!"},"-",{"$error":"#REF!"}]
[null,"Supplying, fitting and placing HYSD bar reinforcement in foundation complete as per drawings and technical specifications Clauses 1000 and 1202  MORD & 1100, 1600 MORTH for Bars below 36 mm dia including over laps and wastage, where they are not welded.",{"v":0,"d":"0.000"},"MT",{"v":76170,"d":"76170.00"},{"v":0,"d":"0.00"},{"$f":"DET!I62","v":{"v":0,"d":"0.00"}},"MT",{"$f":"DET!K62","v":{"v":76170,"d":"76170.00"}},{"v":0,"d":"0.00"},{"v":0,"d":"0.00"},{"v":0,"d":"0.00"},"-",{"v":0,"d":"0.00"}]
["4","Filling with selected earth in trenches, sides of foundations & basement by watering and ramming  including cost and conveyance of material and labour charges etc complete for finished item of the work (APSS No 309& 310) per 1 Cum",{"$error":"#REF!"},"Cum",{"$error":"#REF!"},{"$error":"#REF!"},{"$f":"DET!#REF!","v":{"$error":"#REF!"}},"Cum",{"$f":"DET!#REF!","v":{"$error":"#REF!"}},{"$error":"#REF!"},{"$error":"#REF!"},{"$error":"#REF!"},"-",{"$error":"#REF!"}]
["8","Plain cement concrete for CC  pavement, thickness as per design, over a prepared sub base, with 43 grade cement or any other type as per Clause 1501.2.2 M20 (Grade), coarse and fine aggregates conforming to IS : 383, maximum in a concrete mixer of not less than 0.2 cum capacity and appropeiate weigh batcher using approved mix design, laid in approved fixed side formwork (steel channel, laying and fixing of 125 mictron thick polythene film, wedges, steel plates including levelling the formwork as per drawing), spreading the concrete with sholvels, rakes, compacted using needle, scareed and plate vibrators and finished in continuous operation including provision of contraction and expansion, construction joints, applying debonding strips, primer, sealant, dowel bars, near approaches to bridge / culvert and construction joints, admixtures as approved, curing of concrete slabs for 28- days, curing compound (where specified) and water finishing to lines and grade as per drawing  and Technical Specification Clause 1501 MORD",{"$error":"#REF!"},"Cum",{"$error":"#REF!"},{"$error":"#REF!"},{"$f":"DET!#REF!","v":{"$error":"#REF!"}},"Cum",{"$f":"DET!#REF!","v":{"$error":"#REF!"}},{"$error":"#REF!"},{"$error":"#REF!"},{"$error":"#REF!"},"-",{"$error":"#REF!"}]
[null,"Sub estimate"]
["1","Earthwork in excavation for structures as per drawing and technical specifications Clause 305.1 including setting out, construction of shoring and bracing, removal of stumps and other deleterious material and disposal upto a lead of 50 m, dressing of sides and bottom and backfilling in trenches with excavated suitable material as per Technical Specification 305 MORD / 304 MORTH",{"$error":"#REF!"},"Cum",{"$error":"#REF!"},{"$error":"#REF!"},{"$f":"#REF!","v":{"$error":"#REF!"}},"Cum",{"$f":"#REF!","v":{"$error":"#REF!"}},{"$f":"ROUND(G36*I36,2)","v":{"$error":"#REF!"}},{"$error":"#REF!"},{"$error":"#REF!"},"-",{"$error":"#REF!"}]
["2","Providing concrete for plain concrete M10 Grade in open foundations using 40 mm nominal size Graded hard stone aggregate, mechanically mixed, placed in foundation and compacted by vibration including curing for 14 days complete as per drawings and technical specifications Clause 802, 803, 1202 & 1203 MORD and 1500, 1700 & 2100 MORTH",{"$error":"#REF!"},"Cum",{"$error":"#REF!"},{"$error":"#REF!"},{"$f":"#REF!","v":{"$error":"#REF!"}},"Cum",{"$f":"#REF!","v":{"$error":"#REF!"}},{"$error":"#REF!"},{"$error":"#REF!"},{"$error":"#REF!"},"-",{"$error":"#REF!"}]
["2","Providing and laying reinforced cement concrete pipe 1000 dia NP3 for culverts on first class bedding of granular  material but excluding excavation, protection works, backfilling, concrete and masonry works in head wall and parapets. Tech Specification Clause 1106 MORD.",{"$error":"#REF!"},"Rm",{"$error":"#REF!"},{"$error":"#REF!"},{"$f":"#REF!","v":{"$error":"#REF!"}},"Rm",{"$f":"#REF!","v":{"$error":"#REF!"}},{"$error":"#REF!"},{"$error":"#REF!"},{"$error":"#REF!"},"-",{"$error":"#REF!"}]
["3","Plain cement concrete M 15 grade  using 40,20 & 12mm metal mechanically mixed in Substructures complete as per drawings and technical specification Clauses 802, 804, 805, 806, 807, 1202 and 1204 MORD and 1500, 1700 & 2200 MORTH. ",{"$error":"#REF!"},"Cum",{"$error":"#REF!"},{"$error":"#REF!"},{"$f":"#REF!","v":{"$error":"#REF!"}},"Cum",{"$f":"#REF!","v":{"$error":"#REF!"}},{"$error":"#REF!"},{"$error":"#REF!"},{"$error":"#REF!"},"-",{"$error":"#REF!"}]
["3","Providing  RCC M-25 grade cement concrete using  using 20 mm to 12 mm Graded HBG crushed Metal ( 66% of 20 mm and 34% of 12mm )s from approved source including cost of all ,materials, machinery, labour, formwork,  scaffolding,placing in position, levelling, vibrating, finishing, curing etc., complete with initial lead upto 50 m and all lifts. for Guide Posts",{"$error":"#REF!"},"Cum",{"$error":"#REF!"},{"$error":"#REF!"},{"$f":"#REF!","v":{"$error":"#REF!"}},"Cum",{"$f":"#REF!","v":{"$error":"#REF!"}},{"$error":"#REF!"},{"$error":"#REF!"},{"$error":"#REF!"},"-",{"$error":"#REF!"}]
[null,"Supplying, fitting and placing HYSD bar reinforcement in foundation complete as per drawings and technical specifications Clauses 1000 and 1202  MORD & 1100, 1600 MORTH for Bars below 36 mm dia including over laps and wastage, where they are not welded.",{"$error":"#REF!"},"MT",{"$error":"#REF!"},{"$error":"#REF!"},{"$f":"#REF!","v":{"$error":"#REF!"}},"MT",{"$f":"#REF!","v":{"$error":"#REF!"}},{"$error":"#REF!"},{"$error":"#REF!"},{"$error":"#REF!"},"-",{"$error":"#REF!"}]
["4","Filling with selected earth in trenches, sides of foundations & basement by watering and ramming  including cost and conveyance of material and labour charges etc complete for finished item of the work (APSS No 309& 310) per 1 Cum",{"$error":"#REF!"},"Cum",{"$error":"#REF!"},{"$error":"#REF!"},{"$f":"#REF!","v":{"$error":"#REF!"}},"Cum",{"$f":"#REF!","v":{"$error":"#REF!"}},{"$error":"#REF!"},{"$error":"#REF!"},{"$error":"#REF!"},"-",{"$error":"#REF!"}]
["8","Plain cement concrete for CC  pavement, thickness as per design, over a prepared sub base, with 43 grade cement or any other type as per Clause 1501.2.2 M20 (Grade), coarse and fine aggregates conforming to IS : 383, maximum in a concrete mixer of not less than 0.2 cum capacity and appropeiate weigh batcher using approved mix design, laid in approved fixed side formwork (steel channel, laying and fixing of 125 mictron thick polythene film, wedges, steel plates including levelling the formwork as per drawing), spreading the concrete with sholvels, rakes, compacted using needle, scareed and plate vibrators and finished in continuous operation including provision of contraction and expansion, construction joints, applying debonding strips, primer, sealant, dowel bars, near approaches to bridge / culvert and construction joints, admixtures as approved, curing of concrete slabs for 28- days, curing compound (where specified) and water finishing to lines and grade as per drawing  and Technical Specification Clause 1501 MORD",{"$error":"#REF!"},"Cum",{"$error":"#REF!"},{"$error":"#REF!"},{"$f":"#REF!","v":{"$error":"#REF!"}},"Cum",{"$f":"#REF!","v":{"$error":"#REF!"}},{"$error":"#REF!"},{"$error":"#REF!"},{"$error":"#REF!"},"-",{"$error":"#REF!"}]
[null,"Sub estimate"]
["1","Earthwork in excavation for structures as per drawing and technical specifications Clause 305.1 including setting out, construction of shoring and bracing, removal of stumps and other deleterious material and disposal upto a lead of 50 m, dressing of sides and bottom and backfilling in trenches with excavated suitable material as per Technical Specification 305 MORD / 304 MORTH",{"$error":"#REF!"},"Cum",{"$error":"#REF!"},{"$error":"#REF!"},{"$f":"#REF!","v":{"$error":"#REF!"}},"Cum",{"$f":"#REF!","v":{"$error":"#REF!"}},{"$f":"ROUND(G45*I45,2)","v":{"$error":"#REF!"}},{"$error":"#REF!"},{"$error":"#REF!"},"-",{"$error":"#REF!"}]
["2","Providing concrete for plain concrete M10 Grade in open foundations using 40 mm nominal size Graded hard stone aggregate, mechanically mixed, placed in foundation and compacted by vibration including curing for 14 days complete as per drawings and technical specifications Clause 802, 803, 1202 & 1203 MORD and 1500, 1700 & 2100 MORTH",{"$error":"#REF!"},"Cum",{"$error":"#REF!"},{"$error":"#REF!"},{"$f":"#REF!","v":{"$error":"#REF!"}},"Cum",{"$f":"#REF!","v":{"$error":"#REF!"}},{"$error":"#REF!"},{"$error":"#REF!"},{"$error":"#REF!"},"-",{"$error":"#REF!"}]
["2","Providing and laying reinforced cement concrete pipe 1000 dia NP3 for culverts on first class bedding of granular  material but excluding excavation, protection works, backfilling, concrete and masonry works in head wall and parapets. Tech Specification Clause 1106 MORD.",{"$error":"#REF!"},"Rm",{"$error":"#REF!"},{"$error":"#REF!"},{"$f":"#REF!","v":{"$error":"#REF!"}},"Rm",{"$f":"#REF!","v":{"$error":"#REF!"}},{"$error":"#REF!"},{"$error":"#REF!"},{"$error":"#REF!"},"-",{"$error":"#REF!"}]
["3","Plain cement concrete M 15 grade  using 40,20 & 12mm metal mechanically mixed in Substructures complete as per drawings and technical specification Clauses 802, 804, 805, 806, 807, 1202 and 1204 MORD and 1500, 1700 & 2200 MORTH. ",{"$error":"#REF!"},"Cum",{"$error":"#REF!"},{"$error":"#REF!"},{"$f":"#REF!","v":{"$error":"#REF!"}},"Cum",{"$f":"#REF!","v":{"$error":"#REF!"}},{"$error":"#REF!"},{"$error":"#REF!"},{"$error":"#REF!"},"-",{"$error":"#REF!"}]
["3","Providing  RCC M-25 grade cement concrete using  using 20 mm to 12 mm Graded HBG crushed Metal ( 66% of 20 mm and 34% of 12mm )s from approved source including cost of all ,materials, machinery, labour, formwork,  scaffolding,placing in position, levelling, vibrating, finishing, curing etc., complete with initial lead upto 50 m and all lifts. for Guide Posts",{"$error":"#REF!"},"Cum",{"$error":"#REF!"},{"$error":"#REF!"},{"$f":"#REF!","v":{"$error":"#REF!"}},"Cum",{"$f":"#REF!","v":{"$error":"#REF!"}},{"$error":"#REF!"},{"$error":"#REF!"},{"$error":"#REF!"},"-",{"$error":"#REF!"}]
[null,"Supplying, fitting and placing HYSD bar reinforcement in foundation complete as per drawings and technical specifications Clauses 1000 and 1202  MORD & 1100, 1600 MORTH for Bars below 36 mm dia including over laps and wastage, where they are not welded.",{"$error":"#REF!"},"MT",{"$error":"#REF!"},{"$error":"#REF!"},{"$f":"#REF!","v":{"$error":"#REF!"}},"MT",{"$f":"#REF!","v":{"$error":"#REF!"}},{"$error":"#REF!"},{"$error":"#REF!"},{"$error":"#REF!"},"-",{"$error":"#REF!"}]
["4","Filling with selected earth in trenches, sides of foundations & basement by watering and ramming  including cost and conveyance of material and labour charges etc complete for finished item of the work (APSS No 309& 310) per 1 Cum",{"$error":"#REF!"},"Cum",{"$error":"#REF!"},{"$error":"#REF!"},{"$f":"#REF!","v":{"$error":"#REF!"}},"Cum",{"$f":"#REF!","v":{"$error":"#REF!"}},{"$error":"#REF!"},{"$error":"#REF!"},{"$error":"#REF!"},"-",{"$error":"#REF!"}]
["8","Plain cement concrete for CC  pavement, thickness as per design, over a prepared sub base, with 43 grade cement or any other type as per Clause 1501.2.2 M20 (Grade), coarse and fine aggregates conforming to IS : 383, maximum in a concrete mixer of not less than 0.2 cum capacity and appropeiate weigh batcher using approved mix design, laid in approved fixed side formwork (steel channel, laying and fixing of 125 mictron thick polythene film, wedges, steel plates including levelling the formwork as per drawing), spreading the concrete with sholvels, rakes, compacted using needle, scareed and plate vibrators and finished in continuous operation including provision of contraction and expansion, construction joints, applying debonding strips, primer, sealant, dowel bars, near approaches to bridge / culvert and construction joints, admixtures as approved, curing of concrete slabs for 28- days, curing compound (where specified) and water finishing to lines and grade as per drawing  and Technical Specification Clause 1501 MORD",{"$error":"#REF!"},"Cum",{"$error":"#REF!"},{"$error":"#REF!"},{"$f":"#REF!","v":{"$error":"#REF!"}},"Cum",{"$f":"#REF!","v":{"$error":"#REF!"}},{"$error":"#REF!"},{"$error":"#REF!"},{"$error":"#REF!"},"-",{"$error":"#REF!"}]
[null,"Sub estimate"]
["1","Earthwork in excavation for structures as per drawing and technical specifications Clause 305.1 including setting out, construction of shoring and bracing, removal of stumps and other deleterious material and disposal upto a lead of 50 m, dressing of sides and bottom and backfilling in trenches with excavated suitable material as per Technical Specification 305 MORD / 304 MORTH",{"$error":"#REF!"},"Cum",{"$error":"#REF!"},{"$error":"#REF!"},{"$f":"#REF!","v":{"$error":"#REF!"}},"Cum",{"$f":"#REF!","v":{"$error":"#REF!"}},{"$f":"ROUND(G54*I54,2)","v":{"$error":"#REF!"}},{"$error":"#REF!"},{"$error":"#REF!"},"-",{"$error":"#REF!"}]
["2","Providing concrete for plain concrete M10 Grade in open foundations using 40 mm nominal size Graded hard stone aggregate, mechanically mixed, placed in foundation and compacted by vibration including curing for 14 days complete as per drawings and technical specifications Clause 802, 803, 1202 & 1203 MORD and 1500, 1700 & 2100 MORTH",{"$error":"#REF!"},"Cum",{"$error":"#REF!"},{"$error":"#REF!"},{"$f":"#REF!","v":{"$error":"#REF!"}},"Cum",{"$f":"#REF!","v":{"$error":"#REF!"}},{"$f":"ROUND(G55*I55,2)","v":{"$error":"#REF!"}},{"$error":"#REF!"},{"$error":"#REF!"},"-",{"$error":"#REF!"}]
["2","Providing and laying reinforced cement concrete pipe 6000 dia NP3 for culverts on first class bedding of granular  material but excluding excavation, protection works, backfilling, concrete and masonry works in head wall and parapets. Tech Specification Clause 1106 MORD.",{"$error":"#REF!"},"Rm",{"$error":"#REF!"},{"$error":"#REF!"},{"$f":"#REF!","v":{"$error":"#REF!"}},"Rm",{"$f":"#REF!","v":{"$error":"#REF!"}},{"$f":"ROUND(G56*I56,2)","v":{"$error":"#REF!"}},{"$error":"#REF!"},{"$error":"#REF!"},"-",{"$error":"#REF!"}]
[null,"Sub estimate"]
["1","Supply and fixing of KM Stones including painting and required  lettering.",{"$error":"#REF!"},"No",{"$error":"#REF!"},{"$error":"#REF!"},{"$f":"#REF!","v":{"$error":"#REF!"}},"No",{"$f":"#REF!","v":{"$error":"#REF!"}},{"$f":"ROUND(G58*I58,2)","v":{"$error":"#REF!"}},{"$error":"#REF!"},{"$error":"#REF!"},"-",{"$error":"#REF!"}]
["1","Supply and fixing of HM Stones including painting and required  lettering.",{"$error":"#REF!"},"No",{"$error":"#REF!"},{"$error":"#REF!"},{"$f":"#REF!","v":{"$error":"#REF!"}},"No",{"$f":"#REF!","v":{"$error":"#REF!"}},{"$error":"#REF!"},{"$error":"#REF!"},{"$error":"#REF!"},"-",{"$error":"#REF!"}]
[null,"Providing and fixing of retro-reflectorised cautionary,mandatory and informatory sign as per IRC:67 made of encapsulated lens type reflective sheeting vide clause 1701.2.3 MORD fixed over aluminium sheeting 1.50 mm thick supported on a mild steel iron post 75mmx75 mm x6 mm firmly fixed to the ground by means of properly designed foundation with M15 cement concrete 450mm x450mmx600 mm,600 mm below ground level as per drawings and technical specification clause 1701 MORD",{"$error":"#REF!"},"No",{"$error":"#REF!"},{"$error":"#REF!"},{"$f":"#REF!","v":{"$error":"#REF!"}},"No",{"$f":"#REF!","v":{"$error":"#REF!"}},{"$error":"#REF!"},{"$error":"#REF!"},{"$error":"#REF!"},"-",{"$error":"#REF!"}]
[null,"Providing and erecting direction and place identification of retroreflective reflective sign boards as per as per IRC 67 made of 2 mm thick MS sheet duly stove enameled paint white colour in front and grey colour on back with reflective border of 70mm width& required message letters & figures with reflective tape engineering grade as per  MoRD specifications of required shade & colour supported & welded on two numbers  47mmX47mmX12SWG sheet tube of 3050 mm height duly strengthened by 25 mm x 5 mm MS flat iron on edges on back firmly fixed to ground by mean of property designed foundation with M-20 grade cement concrete 450mmX600mmX600mm below ground level as per approved drawing clause 1701",{"$error":"#REF!"},"Sqm",{"$error":"#REF!"},{"$error":"#REF!"},{"$f":"#REF!","v":{"$error":"#REF!"}},"Sqm",{"$f":"#REF!","v":{"$error":"#REF!"}},{"$error":"#REF!"},{"$error":"#REF!"},{"$error":"#REF!"},"-",{"$error":"#REF!"}]
[null,"Providing and erecting direction and place identification retro-reflective Village boards sign as per IRC:67 made of encapsulated lens type refective type sheeting vide clause 1701.2.3 MORD fixed over aluiminium sheeting,2 mm thick with area not exceeding 0.90 sqm supported on 47mmx47mmx12SWG sheet tube of 3050 mm height duly strengthned by 25mm x5mm MS flat iron on edges on black firmly fixed to ground by means of propoerly designed foundation with M15 grade cement concrete 450x600 mmx600 mm below groubd level as per drawings and technical specification clause 1701 MORD.",{"$error":"#REF!"},"Sqm",{"$error":"#REF!"},{"$error":"#REF!"},{"$f":"#REF!","v":{"$error":"#REF!"}},"Sqm",{"$f":"#REF!","v":{"$error":"#REF!"}},{"$error":"#REF!"},{"$error":"#REF!"},{"$error":"#REF!"},"-",{"$error":"#REF!"}]
[null,"Pavement markings with hot line applied Thermo plastic compound 2.50 mm thick including reflecting glass beads at 250 gms/sqm, thickness of 2.5mm is exclusive of surface applied glass beads for providing centerline marking 300 cms length and 10cm width with a gap of 450 cms including cost and convenyace of all materials  equipment machinary and labour with all leads and lifts loading and unloading charges necessary for sucessful completion of work as directed by the Engineer-in-Charge and confirming to IS 164 - 1981 (1st revison reaffirmed in 1986) and clause 803 of MOST specification for roads and bridge works and also confirming to IRC 35 -1997 ",{"$error":"#REF!"},"Sqm",{"$error":"#REF!"},{"$error":"#REF!"},{"$f":"#REF!","v":{"$error":"#REF!"}},"Sqm",{"$f":"#REF!","v":{"$error":"#REF!"}},{"$error":"#REF!"},{"$error":"#REF!"},{"$error":"#REF!"},"-",{"$error":"#REF!"}]
["11","Provision for Seigneorage charges (As per Calculatioln sheet)",{"$nulls":3},{"$f":"CS!J64","v":{"v":79414,"d":"79414.00"}},{"$nulls":3},{"$f":"DET!M65","v":{"v":79414,"d":"79414.00"}},{"v":0,"d":"0.00"},{"v":0,"d":"0.00"},"-",{"v":0,"d":"0.00"}]
["12","Provision QC charges @ 0.50%",{"$nulls":3},{"$f":"CS!J65","v":{"v":9913,"d":"9913.00"}},{"$nulls":3},{"$f":"DET!M67","v":{"v":9913,"d":"9913.00"}},{"v":0,"d":"0.00"},{"v":0,"d":"0.00"},"-",{"v":0,"d":"0.00"}]
["8","Provision GST  charges @ 18%",{"$nulls":3},{"$f":"CS!J66","v":{"v":0,"d":"0.00"}},{"$nulls":3},{"$f":"DET!M68","v":{"v":0,"d":"0.00"}},{"v":0,"d":"0.00"},{"v":0,"d":"0.00"},"-",{"v":0,"d":"0.00"}]
[null,"Provision for Name board",{"$nulls":3},{"$f":"CS!J67","v":{"v":3600,"d":"3600.00"}},{"$nulls":3},{"$f":"DET!M69","v":{"v":3600,"d":"3600.00"}},{"v":0,"d":"0.00"},{"v":0,"d":"0.00"},"-",{"v":0,"d":"0.00"}]
["13","Provision for work wise file",{"$nulls":3},{"$f":"CS!J68","v":{"v":100,"d":"100.00"}},{"$nulls":3},{"$f":"DET!M70","v":{"v":100,"d":"100.00"}},{"v":0,"d":"0.00"},{"v":0,"d":"0.00"},"-",{"v":0,"d":"0.00"}]
["14","Unforseen items such as if any",{"$nulls":3},{"$f":"CS!J69","v":{"v":3766,"d":"3766.00"}},{"$nulls":3},{"$f":"DET!M71","v":{"v":3766,"d":"3766.00"}},{"v":0,"d":"0.00"},{"v":0,"d":"0.00"},"-",{"v":0,"d":"0.00"}]
[{"$nulls":10},{"v":0,"d":"0.00"},{"v":0,"d":"0.00"},"-",{"v":0,"d":"0.00"}]
[null,null,"As per Working estimate",null,null,{"$f":"SUM(F7:F70)","v":{"$error":"#REF!"}},{"$nulls":3},{"$f":"SUM(J7:J70)","v":{"$error":"#REF!"}},{"$f":"SUM(K7:K70)","v":{"$error":"#REF!"}},{"$f":"SUM(L7:L70)","v":{"$error":"#REF!"}}]
[null,null,"As per M.Book",null,null,{"$f":"J71","v":{"$error":"#REF!"}},{"$nulls":5},{"$f":"K71","v":{"$error":"#REF!"}}]
[null,"TOTAL","Difference in estimate",null,null,{"$f":"F71-F72","v":{"$error":"#REF!"}},{"$nulls":5},{"$f":"L71-L72","v":{"$error":"#REF!"}}]
[]
[]
[{"$nulls":7},{"$f":"'lead 2025-26'!G36","v":"PRI Sub Division"},null,null,{"$f":"'lead 2025-26'!J36","v":"Mandal Praja Parishad"}]
[{"$nulls":7},{"$f":"'lead 2025-26'!G37","v":"Kanigiri"},null,null,{"$f":"'lead 2025-26'!J37","v":"Kanigiri"}]
[{"$nulls":10},{"$f":"'lead 2025-26'!J38","v":{"v":0,"d":"0.000"}}]

{"sheet":"R-1","index":10,"n_rows":70,"n_cols":10,"rows_kept":70,"hidden":true,"merged":[[0,0,0,9],[1,0,1,9],[2,8,2,9],[3,2,3,3]]}
["BILL"]
[{"$f":"'lead 2025-26'!B3&'lead 2025-26'!C3","v":"Name of the work : Providing internal CC roads in Ganugapenta GP of Kanigiri Mandal."}]
[{"$nulls":7},"Est.Rs.",{"$f":"'lead 2025-26'!K4","v":"20.00 Lakhs"}]
["S.No.","Item","Quantity ",null,"Rate ","Amount","Quantity","Amount","Quantity","Amount"]
["1","Unskilled Labour - Earthwork",{"$f":"CR!G7","v":{"v":3.6,"d":"3.60"}},"Cum",{"$f":"CR!I7","v":144.26},{"$f":"ROUND(C5*E5,0)","v":{"v":519,"d":"519.00"}},null,null,{"$f":"C5-G5","v":{"v":3.6,"d":"3.60"}},{"$f":"F5-H5","v":{"v":519,"d":"519.00"}}]
["2","Clearing and grubbing road",{"$f":"CR!G8","v":{"$error":"#REF!"}},"Sqm",{"$f":"CR!I8","v":{"$error":"#REF!"}},{"$error":"#REF!"},null,null,{"$error":"#REF!"},{"$error":"#REF!"}]
["2","Construction of embankment",{"$f":"CR!G9","v":{"$error":"#REF!"}},"Cum",{"$f":"CR!I9","v":{"$error":"#REF!"}},{"$error":"#REF!"},null,null,{"$error":"#REF!"},{"$error":"#REF!"}]
["3","Scarifying existing granular surface",{"$f":"CR!G10","v":{"v":1405.8,"d":"1405.80"}},"Sqm",{"$f":"CR!I10","v":33.88},{"v":47629,"d":"47629.00"},null,null,{"v":1405.8,"d":"1405.80"},{"v":47629,"d":"47629.00"}]
["4","Construction of Granular Sub Base ",{"$f":"CR!G11","v":{"v":140.32000000000002,"d":"140.32"}},"Cum",{"$f":"CR!I11","v":1797.53},{"$f":"ROUND(C9*E9,0)","v":{"v":252229,"d":"252229.00"}},null,null,{"$f":"C9-G9","v":{"v":140.32000000000002,"d":"140.32"}},{"$f":"F9-H9","v":{"v":252229,"d":"252229.00"}}]
["5","Providing, laying, wet mix macadam ",{"$f":"CR!G12","v":{"$error":"#REF!"}},"Cum",{"$f":"CR!I12","v":{"$error":"#REF!"}},{"$error":"#REF!"},null,null,{"$error":"#REF!"},{"$error":"#REF!"}]
["4","Providing and applying primer coat",{"$f":"CR!G13","v":{"$error":"#REF!"}},"Sqm",{"$f":"CR!I13","v":{"$error":"#REF!"}},{"$error":"#REF!"},null,null,{"$error":"#REF!"},{"$error":"#REF!"}]
["4","Providing and applying tack coat",{"$f":"CR!G14","v":{"$error":"#REF!"}},"Sqm",{"$f":"CR!I14","v":{"$error":"#REF!"}},{"$error":"#REF!"},null,null,{"$error":"#REF!"},{"$error":"#REF!"}]
["4","Providing and laying  of SDBC",{"$f":"CR!G15","v":{"$error":"#REF!"}},"Cum",{"$f":"CR!I15","v":{"$error":"#REF!"}},{"$error":"#REF!"},null,null,{"$error":"#REF!"},{"$error":"#REF!"}]
["4","Construction of improved shoulders ",{"$f":"CR!G16","v":{"v":34.50000000000001,"d":"34.50"}},"Cum",{"$f":"CR!I16","v":338.03},{"v":11662,"d":"11662.00"},null,null,{"v":34.50000000000001,"d":"34.50"},{"v":11662,"d":"11662.00"}]
[null,"Sub estimate"]
["4","Earthwork in excavation for structures ",{"$f":"CR!G18","v":{"$error":"#REF!"}},"Cum",{"$f":"CR!I18","v":{"$error":"#REF!"}},{"$f":"ROUND(C16*E16,0)","v":{"$error":"#REF!"}},null,null,{"$f":"C16-G16","v":{"$error":"#REF!"}},{"$f":"F16-H16","v":{"$error":"#REF!"}}]
["4","PCC M10 Grade in open foundations",{"$f":"CR!G19","v":{"$error":"#REF!"}},"Cum",{"$f":"CR!I19","v":{"$error":"#REF!"}},{"$error":"#REF!"},null,null,{"$error":"#REF!"},{"$error":"#REF!"}]
["4","Providing and laying RCC pipe 1000 dia NP3 ",{"$f":"CR!G20","v":{"$error":"#REF!"}},"Rm",{"$f":"CR!I20","v":{"$error":"#REF!"}},{"$error":"#REF!"},null,null,{"$error":"#REF!"},{"$error":"#REF!"}]
["4","PCC M 15 grade  for abutment",{"$f":"CR!G21","v":{"$error":"#REF!"}},"Cum",{"$f":"CR!I21","v":{"$error":"#REF!"}},{"$error":"#REF!"},null,null,{"$error":"#REF!"},{"$error":"#REF!"}]
["4","Providing  RCC M-25 grade  for Guide Posts",{"$f":"CR!G22","v":{"$error":"#REF!"}},"Cum",{"$f":"CR!I22","v":{"$error":"#REF!"}},{"$error":"#REF!"},null,null,{"$error":"#REF!"},{"$error":"#REF!"}]
["4","Cost of Steel",{"$f":"CR!G23","v":{"$error":"#REF!"}},"MT",{"$f":"CR!I23","v":{"$error":"#REF!"}},{"$error":"#REF!"},null,null,{"$error":"#REF!"},{"$error":"#REF!"}]
["4","Filling with selected earth ",{"$f":"CR!G24","v":{"$error":"#REF!"}},"Cum",{"$f":"CR!I24","v":{"$error":"#REF!"}},{"$error":"#REF!"},null,null,{"$error":"#REF!"},{"$error":"#REF!"}]
["4","PCC M-20 Grade for CC Pavement",{"$f":"CR!G25","v":{"$error":"#REF!"}},"Cum",{"$f":"CR!I25","v":{"$error":"#REF!"}},{"$error":"#REF!"},null,null,{"$error":"#REF!"},{"$error":"#REF!"}]
[null,"Sub estimate"]
["4","Earthwork in excavation for structures ",{"$f":"CR!G27","v":{"v":0,"d":"0.00"}},"Cum",{"$f":"CR!I27","v":111.51},{"v":0,"d":"0.00"},null,null,{"v":0,"d":"0.00"},{"v":0,"d":"0.00"}]
["4","PCC M10 Grade in open foundations",{"$f":"CR!G28","v":{"v":0,"d":"0.00"}},"Cum",{"$f":"CR!I28","v":5135.94},{"v":0,"d":"0.00"},null,null,{"v":0,"d":"0.00"},{"v":0,"d":"0.00"}]
["4","Providing and laying RCC pipe 1000 dia NP3 ",{"$f":"CR!G29","v":{"$error":"#REF!"}},"Rm",{"$f":"CR!I29","v":{"$error":"#REF!"}},{"$error":"#REF!"},null,null,{"$error":"#REF!"},{"$error":"#REF!"}]
["4","PCC M 15 grade  for abutment",{"$f":"CR!G30","v":{"v":0,"d":"0.00"}},"Cum",{"$f":"CR!I30","v":{"v":9012.880000000001,"d":"9012.88"}},{"v":0,"d":"0.00"},null,null,{"v":0,"d":"0.00"},{"v":0,"d":"0.00"}]
["4","Providing  RCC M-25 grade  for Guide Posts",{"$f":"CR!G31","v":{"$error":"#REF!"}},"Cum",{"$f":"CR!I31","v":{"$error":"#REF!"}},{"$error":"#REF!"},null,null,{"$error":"#REF!"},{"$error":"#REF!"}]
["4","Cost of Steel",{"$f":"CR!G32","v":{"v":0,"d":"0.00"}},"MT",{"$f":"CR!I32","v":{"v":76170,"d":"76170.00"}},{"v":0,"d":"0.00"},null,null,{"v":0,"d":"0.00"},{"v":0,"d":"0.00"}]
["4","Filling with selected earth ",{"$f":"CR!G33","v":{"$error":"#REF!"}},"Cum",{"$f":"CR!I33","v":{"$error":"#REF!"}},{"$error":"#REF!"},null,null,{"$error":"#REF!"},{"$error":"#REF!"}]
["4","PCC M-20 Grade for CC Pavement",{"$f":"CR!G34","v":{"$error":"#REF!"}},"Cum",{"$f":"CR!I34","v":{"$error":"#REF!"}},{"$error":"#REF!"},null,null,{"$error":"#REF!"},{"$error":"#REF!"}]
["4","Sub estimate"]
["4","Earthwork in excavation for structures ",{"$f":"CR!G36","v":{"$error":"#REF!"}},"Cum",{"$f":"CR!I36","v":{"$error":"#REF!"}},{"$error":"#REF!"},null,null,{"$error":"#REF!"},{"$error":"#REF!"}]
["4","PCC M10 Grade in open foundations",{"$f":"CR!G37","v":{"$error":"#REF!"}},"Cum",{"$f":"CR!I37","v":{"$error":"#REF!"}},{"$error":"#REF!"},null,null,{"$error":"#REF!"},{"$error":"#REF!"}]
["4","Providing and laying RCC pipe 1000 dia NP3 ",{"$f":"CR!G38","v":{"$error":"#REF!"}},"Rm",{"$f":"CR!I38","v":{"$error":"#REF!"}},{"$error":"#REF!"},null,null,{"$error":"#REF!"},{"$error":"#REF!"}]
["4","PCC M 15 grade  for abutment",{"$f":"CR!G39","v":{"$error":"#REF!"}},"Cum",{"$f":"CR!I39","v":{"$error":"#REF!"}},{"$error":"#REF!"},null,null,{"$error":"#REF!"},{"$error":"#REF!"}]
["4","Providing  RCC M-25 grade  for Guide Posts",{"$f":"CR!G40","v":{"$error":"#REF!"}},"Cum",{"$f":"CR!I40","v":{"$error":"#REF!"}},{"$error":"#REF!"},null,null,{"$error":"#REF!"},{"$error":"#REF!"}]
["4","Cost of Steel",{"$f":"CR!G41","v":{"$error":"#REF!"}},"MT",{"$f":"CR!I41","v":{"$error":"#REF!"}},{"$error":"#REF!"},null,null,{"$error":"#REF!"},{"$error":"#REF!"}]
["4","Filling with selected earth ",{"$f":"CR!G42","v":{"$error":"#REF!"}},"Cum",{"$f":"CR!I42","v":{"$error":"#REF!"}},{"$error":"#REF!"},null,null,{"$error":"#REF!"},{"$error":"#REF!"}]
["4","PCC M-20 Grade for CC Pavement",{"$f":"CR!G43","v":{"$error":"#REF!"}},"Cum",{"$f":"CR!I43","v":{"$error":"#REF!"}},{"$error":"#REF!"},null,null,{"$error":"#REF!"},{"$error":"#REF!"}]
[null,"Sub estimate"]
["4","Earthwork in excavation for structures ",{"$f":"CR!G45","v":{"$error":"#REF!"}},"Cum",{"$f":"CR!I45","v":{"$error":"#REF!"}},{"$error":"#REF!"},null,null,{"$error":"#REF!"},{"$error":"#REF!"}]
["4","PCC M10 Grade in open foundations",{"$f":"CR!G46","v":{"$error":"#REF!"}},"Cum",{"$f":"CR!I46","v":{"$error":"#REF!"}},{"$error":"#REF!"},null,null,{"$error":"#REF!"},{"$error":"#REF!"}]
["4","Providing and laying RCC pipe 1000 dia NP3 ",{"$f":"CR!G47","v":{"$error":"#REF!"}},"Rm",{"$f":"CR!I47","v":{"$error":"#REF!"}},{"$error":"#REF!"},null,null,{"$error":"#REF!"},{"$error":"#REF!"}]
["4","PCC M 15 grade  for abutment",{"$f":"CR!G48","v":{"$error":"#REF!"}},"Cum",{"$f":"CR!I48","v":{"$error":"#REF!"}},{"$error":"#REF!"},null,null,{"$error":"#REF!"},{"$error":"#REF!"}]
["4","Providing  RCC M-25 grade  for Guide Posts",{"$f":"CR!G49","v":{"$error":"#REF!"}},"Cum",{"$f":"CR!I49","v":{"$error":"#REF!"}},{"$error":"#REF!"},null,null,{"$error":"#REF!"},{"$error":"#REF!"}]
["4","Cost of Steel",{"$f":"CR!G50","v":{"$error":"#REF!"}},"MT",{"$f":"CR!I50","v":{"$error":"#REF!"}},{"$error":"#REF!"},null,null,{"$error":"#REF!"},{"$error":"#REF!"}]
["4","Filling with selected earth ",{"$f":"CR!G51","v":{"$error":"#REF!"}},"Cum",{"$f":"CR!I51","v":{"$error":"#REF!"}},{"$error":"#REF!"},null,null,{"$error":"#REF!"},{"$error":"#REF!"}]
["4","PCC M-20 Grade for CC Pavement",{"$f":"CR!G52","v":{"$error":"#REF!"}},"Cum",{"$f":"CR!I52","v":{"$error":"#REF!"}},{"$error":"#REF!"},null,null,{"$error":"#REF!"},{"$error":"#REF!"}]
[null,"Sub estimate"]
["4","Earthwork in excavation for structures ",{"$f":"CR!G54","v":{"$error":"#REF!"}},"Cum",{"$f":"CR!I54","v":{"$error":"#REF!"}},{"$error":"#REF!"},null,null,{"$error":"#REF!"},{"$error":"#REF!"}]
["4","PCC M10 Grade in open foundations",{"$f":"CR!G55","v":{"$error":"#REF!"}},"Cum",{"$f":"CR!I55","v":{"$error":"#REF!"}},{"$error":"#REF!"},null,null,{"$error":"#REF!"},{"$error":"#REF!"}]
["4","Providing and laying RCC pipe 600 dia NP3 ",{"$f":"CR!G56","v":{"$error":"#REF!"}},"Rm",{"$f":"CR!I56","v":{"$error":"#REF!"}},{"$error":"#REF!"},null,null,{"$error":"#REF!"},{"$error":"#REF!"}]
["4","Sub estimate"]
["4","Supply and fixing of KM Stones",{"$f":"CR!G58","v":{"$error":"#REF!"}},"No",{"$f":"CR!I58","v":{"$error":"#REF!"}},{"$error":"#REF!"},null,null,{"$error":"#REF!"},{"$error":"#REF!"}]
["4","Supply and fixing of HM Stones ",{"$f":"CR!G59","v":{"$error":"#REF!"}},"No",{"$f":"CR!I59","v":{"$error":"#REF!"}},{"$error":"#REF!"},null,null,{"$error":"#REF!"},{"$error":"#REF!"}]
["4","Providing and fixing of  informatory sign",{"$f":"CR!G60","v":{"$error":"#REF!"}},"No",{"$f":"CR!I60","v":{"$error":"#REF!"}},{"$error":"#REF!"},null,null,{"$error":"#REF!"},{"$error":"#REF!"}]
["4","Providing and fixing of  Place identification board",{"$f":"CR!G61","v":{"$error":"#REF!"}},"Sqm",{"$f":"CR!I61","v":{"$error":"#REF!"}},{"$error":"#REF!"},null,null,{"$error":"#REF!"},{"$error":"#REF!"}]
["4","Providing and fixing of  Village information board",{"$f":"CR!G62","v":{"$error":"#REF!"}},"Sqm",{"$f":"CR!I62","v":{"$error":"#REF!"}},{"$f":"ROUND(C60*E60,0)","v":{"$error":"#REF!"}},null,null,{"$f":"C60-G60","v":{"$error":"#REF!"}},{"$f":"F60-H60","v":{"$error":"#REF!"}}]
["6","hot line applied Thermo plastic compound ",{"$f":"CR!G63","v":{"$error":"#REF!"}},"Sqm",{"$f":"CR!I63","v":{"$error":"#REF!"}},{"$error":"#REF!"},null,null,{"$error":"#REF!"},{"$error":"#REF!"}]
["7","Provision for Seigneorage charges",{"$f":"CR!G64","v":{"v":0,"d":"0.00"}},null,{"$f":"CR!I64","v":{"v":0,"d":"0.00"}},{"$f":"CR!J64","v":{"v":79414,"d":"79414.00"}},null,null,{"v":0,"d":"0.00"},{"v":79414,"d":"79414.00"}]
["8","Provision QC charges @ 0.50%",{"$f":"CR!G65","v":{"v":0,"d":"0.00"}},null,{"$f":"CR!I65","v":{"v":0,"d":"0.00"}},{"$f":"CR!J65","v":{"v":9913,"d":"9913.00"}},null,null,{"v":0,"d":"0.00"},{"v":9913,"d":"9913.00"}]
["4","Provision GST  charges @ 18%",{"$f":"CR!G66","v":{"v":0,"d":"0.00"}},null,{"$f":"CR!I66","v":{"v":0,"d":"0.00"}},{"$f":"CR!J66","v":{"v":0,"d":"0.00"}},null,null,{"v":0,"d":"0.00"},{"v":0,"d":"0.00"}]
["4","Provision for Name board",{"$f":"CR!G67","v":{"v":0,"d":"0.00"}},null,{"$f":"CR!I67","v":{"v":0,"d":"0.00"}},{"$f":"CR!J67","v":{"v":3600,"d":"3600.00"}},null,null,{"v":0,"d":"0.00"},{"v":3600,"d":"3600.00"}]
["4","Provision for work wise file",{"$f":"CR!G68","v":{"v":0,"d":"0.00"}},null,{"$f":"CR!I68","v":{"v":0,"d":"0.00"}},{"$f":"CR!J68","v":{"v":100,"d":"100.00"}},null,null,{"v":0,"d":"0.00"},{"v":100,"d":"100.00"}]
["9","Unforseen items such as if any",{"$f":"CR!G69","v":{"v":0,"d":"0.00"}},null,null,{"$f":"CR!J69","v":{"v":3766,"d":"3766.00"}},null,null,{"v":0,"d":"0.00"},{"v":3766,"d":"3766.00"}]
[]
[]
[{"$nulls":5},{"$f":"SUM(F5:F69)","v":{"$error":"#REF!"}},null,{"$f":"SUM(H5:H69)","v":{"v":0,"d":"0.00"}},null,{"$f":"SUM(J5:J69)","v":{"$error":"#REF!"}}]

{"sheet":"R-2","index":11,"n_rows":71,"n_cols":21,"rows_kept":71,"hidden":true,"merged":[[1,0,1,15],[3,2,3,3]]}
[]
["Material Wise Abstract"]
[]
["S No","Description of the work","Total",null,"Labour","GSB","Cement","40mm","20mm","12mm","Sand","S.earth","Sand Convey","Np3 Pipes","Others","metal Conveyance"]
[1,"Earthwork",{"$f":"'R-1'!C5","v":{"v":3.6,"d":"3.60"}},"M3",{"$f":"'R-1'!F5","v":519},0,0,null,0,0,null,0,{"$nulls":3},0]
[1,"Jungle",{"$f":"'R-1'!C6","v":{"$error":"#REF!"}},"M2",null,0,0,null,0,0,null,0,null,null,{"$f":"'R-1'!F6","v":{"$error":"#REF!"}},0]
[null,"Embankment",{"$f":"'R-1'!C7","v":{"$error":"#REF!"}},"M3",{"$nulls":10},{"$f":"'R-1'!F7","v":{"$error":"#REF!"}}]
[null,"Scrifying",{"$f":"'R-1'!C8","v":{"v":1405.8,"d":"1405.80"}},"M2",{"$nulls":10},{"$f":"'R-1'!F8","v":{"v":47629,"d":"47629.00"}}]
[null,"Granular sub base",{"$f":"'R-1'!C9","v":{"v":140.32000000000002,"d":"140.32"}},"M3",null,{"$f":"C9","v":{"v":140.32000000000002,"d":"140.32"}}]
[null,"Wet Mix mecadam",{"$f":"'R-1'!C10","v":{"$error":"#REF!"}},"M3",{"$nulls":10},{"$f":"Q10-P10","v":{"$error":"#REF!"}},{"$f":"ROUND(seigneorage!#REF!*'lead 2025-26'!G15,0)","v":{"$error":"#REF!"}},{"$f":"'R-1'!F10","v":{"$error":"#REF!"}}]
[null,"Primary coat",{"$f":"'R-1'!C11","v":{"$error":"#REF!"}},"M2",{"$nulls":10},{"$f":"'R-1'!F11","v":{"$error":"#REF!"}}]
[null,"Tack coat",{"$f":"'R-1'!C12","v":{"$error":"#REF!"}},"M2",{"$nulls":10},{"$f":"'R-1'!F12","v":{"$error":"#REF!"}}]
[null,"SDBC",{"$f":"'R-1'!C13","v":{"$error":"#REF!"}},"M3",{"$nulls":10},{"$f":"Q13-P13","v":{"$error":"#REF!"}},{"$f":"ROUND(seigneorage!#REF!*'lead 2025-26'!G21,0)","v":{"$error":"#REF!"}},{"$f":"'R-1'!F13","v":{"$error":"#REF!"}}]
[null,"Shoulders",{"$f":"'R-1'!C14","v":{"v":34.50000000000001,"d":"34.50"}},"M3",{"$nulls":7},{"$f":"C14","v":{"v":34.50000000000001,"d":"34.50"}},{"$nulls":3},{"$f":"ROUND(seigneorage!N9*'lead 2025-26'!G22,0)","v":0},{"$f":"'R-1'!F14","v":{"v":11662,"d":"11662.00"}}]
[null,"Sub estimate"]
[1,"Earthwork",{"$f":"'R-1'!I16","v":{"$error":"#REF!"}},"M3",null,0,0,null,0,0,null,0,null,null,{"$f":"'R-1'!F16","v":{"$error":"#REF!"}},0]
[2,"PCC M-10",{"$f":"'R-1'!I17","v":{"$error":"#REF!"}},"M3",null,null,{"$f":"ROUND(C17*220/1000,2)","v":{"$error":"#REF!"}},{"$f":"ROUND(C17*0.9,2)","v":{"$error":"#REF!"}},null,null,{"$f":"ROUND(C17*0.45,2)","v":{"$error":"#REF!"}},null,{"$f":"ROUND(K17*'lead 2025-26'!$G$9,0)","v":{"$error":"#REF!"}},null,{"$f":"Q17-M17-P17-R17-S17","v":{"$error":"#REF!"}},{"$f":"ROUND((H17)*'lead 2025-26'!$G$13,0)","v":{"$error":"#REF!"}},{"$f":"'R-1'!J17","v":{"$error":"#REF!"}},{"$f":"ROUND(G17*'lead 2025-26'!$K$25,0)","v":{"$error":"#REF!"}},{"$f":"ROUND(H17*('lead 2025-26'!$K$13-'lead 2025-26'!$G$13),0)","v":{"$error":"#REF!"}}]
[4,"1000 NP3",{"$f":"'R-1'!I18","v":{"$error":"#REF!"}},"Rm",{"$nulls":9},{"$f":"'R-1'!J18","v":{"$error":"#REF!"}},null,{"$f":"ROUND((I18*'lead 2025-26'!$G$13)+(J18*'lead 2025-26'!$G$13),0)","v":0},null,{"$f":"ROUND(G18*5400,0)","v":0}]
[3,"PCC M-15",{"$f":"'R-1'!I19","v":{"$error":"#REF!"}},"M3",null,null,{"$f":"ROUND(C19*275/1000,2)","v":{"$error":"#REF!"}},{"$f":"ROUND(C19*0.48,2)","v":{"$error":"#REF!"}},{"$f":"ROUND(C19*0.24,2)","v":{"$error":"#REF!"}},{"$f":"ROUND(C19*0.08,2)","v":{"$error":"#REF!"}},{"$f":"ROUND(C19*0.48,2)","v":{"$error":"#REF!"}},null,{"$f":"ROUND(K19*'input data'!$F$17,0)","v":{"$error":"#REF!"}},null,{"$f":"Q19-M19-P19-R19-S19-T19-U19","v":{"$error":"#REF!"}},{"$f":"ROUND((H19+I19+J19)*'lead 2025-26'!$G$13,0)","v":{"$error":"#REF!"}},{"$f":"'R-1'!J19","v":{"$error":"#REF!"}},{"$f":"ROUND(G19*'lead 2025-26'!$K$25,0)","v":{"$error":"#REF!"}},{"$f":"ROUND(H19*('lead 2025-26'!$K$13-'lead 2025-26'!$G$13),0)","v":{"$error":"#REF!"}},{"$f":"ROUND(I19*('lead 2025-26'!$K$11-'lead 2025-26'!$G$11),0)","v":{"$error":"#REF!"}},{"$f":"ROUND(J19*('lead 2025-26'!$K$12-'lead 2025-26'!$G$12),0)","v":{"$error":"#REF!"}}]
[3,"RCC M-25",{"$f":"'R-1'!I20","v":{"$error":"#REF!"}},"M3",null,null,{"$f":"ROUND(C20*403/1000,2)","v":{"$error":"#REF!"}},null,{"$f":"ROUND(C20*0.594,2)","v":{"$error":"#REF!"}},{"$f":"ROUND(C20*0.306,2)","v":{"$error":"#REF!"}},{"$f":"ROUND(C20*0.45,2)","v":{"$error":"#REF!"}},null,{"$f":"ROUND(K20*'input data'!$F$17,0)","v":{"$error":"#REF!"}},null,{"$f":"Q20-M20-P20-R20-T20-U20","v":{"$error":"#REF!"}},{"$f":"ROUND((H20+I20+J20)*'lead 2025-26'!$G$13,0)","v":{"$error":"#REF!"}},{"$f":"'R-1'!J20","v":{"$error":"#REF!"}},{"$f":"ROUND(G20*'lead 2025-26'!$K$25,0)","v":{"$error":"#REF!"}},{"$f":"ROUND(K20*'lead 2025-26'!$H$9,0)","v":{"$error":"#REF!"}},{"$f":"ROUND(I20*('lead 2025-26'!$K$11-'lead 2025-26'!$G$11),0)","v":{"$error":"#REF!"}},{"$f":"ROUND(J20*('lead 2025-26'!$K$12-'lead 2025-26'!$G$12),0)","v":{"$error":"#REF!"}}]
[3,"Steel",{"$f":"'R-1'!I21","v":{"$error":"#REF!"}},"MT",{"$nulls":10},{"$f":"'R-1'!J21","v":{"$error":"#REF!"}},{"$f":"ROUND((H21+I21+J21)*'lead 2025-26'!$G$13,0)","v":0},null,{"$f":"ROUND(G21*5400,0)","v":0},{"$f":"ROUND(K21*'lead 2025-26'!$H$9,0)","v":{"v":0,"d":"0.00"}}]
[3,"S.earth filling",{"$f":"'R-1'!I22","v":{"$error":"#REF!"}},"M3",{"$nulls":10},{"$f":"'R-1'!J22","v":{"$error":"#REF!"}},{"$f":"ROUND((H22+I22+J22)*'lead 2025-26'!$G$13,0)","v":0},null,{"$f":"ROUND(G22*5400,0)","v":0},{"$f":"ROUND(K22*'lead 2025-26'!$H$9,0)","v":{"v":0,"d":"0.00"}}]
[8,"CC Pavement",{"$f":"'R-1'!I23","v":{"$error":"#REF!"}},"M3",null,null,{"$f":"ROUND(C23*330/1000,2)","v":{"$error":"#REF!"}},null,{"$f":"ROUND(C23*0.594,2)","v":{"$error":"#REF!"}},{"$f":"ROUND(C23*0.306,2)","v":{"$error":"#REF!"}},{"$f":"ROUND(C23*0.45,2)","v":{"$error":"#REF!"}},null,{"$f":"ROUND(K23*'input data'!$F$17,0)","v":{"$error":"#REF!"}},null,{"$f":"Q23-M23-P23-R23-S23-T23-U23","v":{"$error":"#REF!"}},{"$f":"ROUND((H23+I23+J23)*'lead 2025-26'!$G$13,0)","v":{"$error":"#REF!"}},{"$f":"'R-1'!J23","v":{"$error":"#REF!"}},{"$f":"ROUND(G23*'lead 2025-26'!$K$25,0)","v":{"$error":"#REF!"}},{"$f":"ROUND(H23*('lead 2025-26'!$K$13-'lead 2025-26'!$G$13),0)","v":{"v":0,"d":"0.00"}},{"$f":"ROUND(I23*('lead 2025-26'!$K$11-'lead 2025-26'!$G$11),0)","v":{"$error":"#REF!"}},{"$f":"ROUND(J23*('lead 2025-26'!$K$12-'lead 2025-26'!$G$12),0)","v":{"$error":"#REF!"}}]
[null,"Sub estimate"]
[1,"Earthwork",{"$f":"'R-1'!I25","v":{"v":0,"d":"0.00"}},"M3",null,0,0,null,0,0,null,0,null,null,{"$f":"'R-1'!F25","v":{"v":0,"d":"0.00"}},0]
[2,"PCC M-10",{"$f":"'R-1'!I26","v":{"v":0,"d":"0.00"}},"M3",null,null,{"$f":"ROUND(C26*220/1000,2)","v":{"v":0,"d":"0.000"}},{"$f":"ROUND(C26*0.9,2)","v":{"v":0,"d":"0.00"}},null,null,{"$f":"ROUND(C26*0.45,2)","v":{"v":0,"d":"0.00"}},null,{"$f":"ROUND(K26*'lead 2025-26'!$G$9,0)","v":0},null,{"$f":"Q26-M26-P26-R26-S26-T26-U26","v":0},{"$f":"ROUND((H26)*'lead 2025-26'!$G$13,0)","v":0},{"$f":"'R-1'!J26","v":{"v":0,"d":"0.00"}},{"$f":"ROUND(G26*'lead 2025-26'!$K$25,0)","v":0},{"$f":"ROUND(H26*('lead 2025-26'!$K$13-'lead 2025-26'!$G$13),0)","v":{"v":0,"d":"0.00"}},{"$f":"ROUND(I26*('lead 2025-26'!$K$11-'lead 2025-26'!$G$11),0)","v":{"v":0,"d":"0.00"}},{"$f":"ROUND(J26*('lead 2025-26'!$K$12-'lead 2025-26'!$G$12),0)","v":{"v":0,"d":"0.00"}}]
[4,"1000 NP3",{"$f":"'R-1'!I27","v":{"$error":"#REF!"}},"Rm",{"$nulls":9},{"$f":"'R-1'!J27","v":{"$error":"#REF!"}},null,{"$f":"ROUND((I27*'lead 2025-26'!$G$13)+(J27*'lead 2025-26'!$G$13),0)","v":0},null,{"$f":"ROUND(G27*5400,0)","v":0}]
[3,"PCC M-15",{"$f":"'R-1'!I28","v":{"v":0,"d":"0.00"}},"M3",null,null,{"$f":"ROUND(C28*275/1000,2)","v":{"v":0,"d":"0.000"}},{"$f":"ROUND(C28*0.48,2)","v":{"v":0,"d":"0.00"}},{"$f":"ROUND(C28*0.24,2)","v":{"v":0,"d":"0.00"}},{"$f":"ROUND(C28*0.08,2)","v":{"v":0,"d":"0.00"}},{"$f":"ROUND(C28*0.48,2)","v":{"v":0,"d":"0.00"}},null,{"$f":"ROUND(K28*'input data'!$F$17,0)","v":0},null,{"$f":"Q28-M28-P28-R28-S28-T28-U28","v":0},{"$f":"ROUND((H28+I28+J28)*'lead 2025-26'!$G$13,0)","v":0},{"$f":"'R-1'!J28","v":{"v":0,"d":"0.00"}},{"$f":"ROUND(G28*'lead 2025-26'!$K$25,0)","v":0},{"$f":"ROUND(H28*('lead 2025-26'!$K$13-'lead 2025-26'!$G$13),0)","v":{"v":0,"d":"0.00"}},{"$f":"ROUND(I28*('lead 2025-26'!$K$11-'lead 2025-26'!$G$11),0)","v":{"v":0,"d":"0.00"}},{"$f":"ROUND(J28*('lead 2025-26'!$K$12-'lead 2025-26'!$G$12),0)","v":{"v":0,"d":"0.00"}}]
[3,"RCC M-25",{"$f":"'R-1'!I29","v":{"$error":"#REF!"}},"M3",null,null,{"$f":"ROUND(C29*403/1000,2)","v":{"$error":"#REF!"}},null,{"$f":"ROUND(C29*0.594,2)","v":{"$error":"#REF!"}},{"$f":"ROUND(C29*0.306,2)","v":{"$error":"#REF!"}},{"$f":"ROUND(C29*0.45,2)","v":{"$error":"#REF!"}},null,{"$f":"ROUND(K29*'input data'!$F$17,0)","v":{"$error":"#REF!"}},null,{"$f":"Q29-M29-P29-R29-S29-T29-U29","v":{"$error":"#REF!"}},{"$f":"ROUND((H29+I29+J29)*'lead 2025-26'!$G$13,0)","v":{"$error":"#REF!"}},{"$f":"'R-1'!J29","v":{"$error":"#REF!"}},{"$f":"ROUND(G29*'lead 2025-26'!$K$25,0)","v":{"$error":"#REF!"}},{"$f":"ROUND(H29*('lead 2025-26'!$K$13-'lead 2025-26'!$G$13),0)","v":{"v":0,"d":"0.00"}},{"$f":"ROUND(I29*('lead 2025-26'!$K$11-'lead 2025-26'!$G$11),0)","v":{"$error":"#REF!"}},{"$f":"ROUND(J29*('lead 2025-26'!$K$12-'lead 2025-26'!$G$12),0)","v":{"$error":"#REF!"}}]
[3,"Steel",{"$f":"'R-1'!I30","v":{"v":0,"d":"0.00"}},"MT",{"$nulls":10},{"$f":"'R-1'!J30","v":0},{"$f":"ROUND((H30+I30+J30)*'lead 2025-26'!$G$13,0)","v":0},null,{"$f":"ROUND(G30*5400,0)","v":0},{"$f":"ROUND(K30*'lead 2025-26'!$H$9,0)","v":{"v":0,"d":"0.00"}}]
[3,"S.earth filling",{"$f":"'R-1'!I31","v":{"$error":"#REF!"}},"M3",{"$nulls":10},{"$f":"'R-1'!J31","v":{"$error":"#REF!"}},{"$f":"ROUND((H31+I31+J31)*'lead 2025-26'!$G$13,0)","v":0},null,{"$f":"ROUND(G31*5400,0)","v":0},{"$f":"ROUND(K31*'lead 2025-26'!$H$9,0)","v":{"v":0,"d":"0.00"}}]
[8,"CC Pavement",{"$f":"'R-1'!I32","v":{"$error":"#REF!"}},"M3",null,null,{"$f":"ROUND(C32*330/1000,2)","v":{"$error":"#REF!"}},null,{"$f":"ROUND(C32*0.594,2)","v":{"$error":"#REF!"}},{"$f":"ROUND(C32*0.306,2)","v":{"$error":"#REF!"}},{"$f":"ROUND(C32*0.45,2)","v":{"$error":"#REF!"}},null,{"$f":"ROUND(K32*'input data'!$F$17,0)","v":{"$error":"#REF!"}},null,{"$f":"Q32-M32-P32-R32-S32-T32-U32","v":{"$error":"#REF!"}},{"$f":"ROUND((H32+I32+J32)*'lead 2025-26'!$G$13,0)","v":{"$error":"#REF!"}},{"$f":"'R-1'!J32","v":{"$error":"#REF!"}},{"$f":"ROUND(G32*'lead 2025-26'!$K$25,0)","v":{"$error":"#REF!"}},{"$f":"ROUND(H32*('lead 2025-26'!$K$13-'lead 2025-26'!$G$13),0)","v":{"v":0,"d":"0.00"}},{"$f":"ROUND(I32*('lead 2025-26'!$K$11-'lead 2025-26'!$G$11),0)","v":{"$error":"#REF!"}},{"$f":"ROUND(J32*('lead 2025-26'!$K$12-'lead 2025-26'!$G$12),0)","v":{"$error":"#REF!"}}]
[null,"Sub estimate"]
[1,"Earthwork",{"$f":"'R-1'!I34","v":{"$error":"#REF!"}},"M3",null,0,0,null,0,0,null,0,null,null,{"$f":"'R-1'!F34","v":{"$error":"#REF!"}},0]
[2,"PCC M-10",{"$f":"'R-1'!I35","v":{"$error":"#REF!"}},"M3",null,null,{"$f":"ROUND(C35*220/1000,2)","v":{"$error":"#REF!"}},{"$f":"ROUND(C35*0.9,2)","v":{"$error":"#REF!"}},null,null,{"$f":"ROUND(C35*0.45,2)","v":{"$error":"#REF!"}},null,{"$f":"ROUND(K35*'lead 2025-26'!$G$9,0)","v":{"$error":"#REF!"}},null,{"$f":"Q35-M35-P35-R35-S35-T35-U35","v":{"$error":"#REF!"}},{"$f":"ROUND((H35)*'lead 2025-26'!$G$13,0)","v":{"$error":"#REF!"}},{"$f":"'R-1'!J35","v":{"$error":"#REF!"}},{"$f":"ROUND(G35*'lead 2025-26'!$K$25,0)","v":{"$error":"#REF!"}},{"$f":"ROUND(H35*('lead 2025-26'!$K$13-'lead 2025-26'!$G$13),0)","v":{"$error":"#REF!"}},{"$f":"ROUND(I35*('lead 2025-26'!$K$11-'lead 2025-26'!$G$11),0)","v":{"v":0,"d":"0.00"}},{"$f":"ROUND(J35*('lead 2025-26'!$K$12-'lead 2025-26'!$G$12),0)","v":{"v":0,"d":"0.00"}}]
[4,"1000 NP3",{"$f":"'R-1'!I36","v":{"$error":"#REF!"}},"Rm",{"$nulls":9},{"$f":"'R-1'!J36","v":{"$error":"#REF!"}},null,{"$f":"ROUND((I36*'lead 2025-26'!$G$13)+(J36*'lead 2025-26'!$G$13),0)","v":0},null,{"$f":"ROUND(G36*5400,0)","v":0}]
[3,"PCC M-15",{"$f":"'R-1'!I37","v":{"$error":"#REF!"}},"M3",null,null,{"$f":"ROUND(C37*275/1000,2)","v":{"$error":"#REF!"}},{"$f":"ROUND(C37*0.48,2)","v":{"$error":"#REF!"}},{"$f":"ROUND(C37*0.24,2)","v":{"$error":"#REF!"}},{"$f":"ROUND(C37*0.08,2)","v":{"$error":"#REF!"}},{"$f":"ROUND(C37*0.48,2)","v":{"$error":"#REF!"}},null,{"$f":"ROUND(K37*'input data'!$F$17,0)","v":{"$error":"#REF!"}},null,{"$f":"Q37-M37-P37-R37-S37-T37-U37","v":{"$error":"#REF!"}},{"$f":"ROUND((H37+I37+J37)*'lead 2025-26'!$G$13,0)","v":{"$error":"#REF!"}},{"$f":"'R-1'!J37","v":{"$error":"#REF!"}},{"$f":"ROUND(G37*'lead 2025-26'!$K$25,0)","v":{"$error":"#REF!"}},{"$f":"ROUND(H37*('lead 2025-26'!$K$13-'lead 2025-26'!$G$13),0)","v":{"$error":"#REF!"}},{"$f":"ROUND(I37*('lead 2025-26'!$K$11-'lead 2025-26'!$G$11),0)","v":{"$error":"#REF!"}},{"$f":"ROUND(J37*('lead 2025-26'!$K$12-'lead 2025-26'!$G$12),0)","v":{"$error":"#REF!"}}]
[3,"RCC M-25",{"$f":"'R-1'!I38","v":{"$error":"#REF!"}},"M3",null,null,{"$f":"ROUND(C38*403/1000,2)","v":{"$error":"#REF!"}},null,{"$f":"ROUND(C38*0.594,2)","v":{"$error":"#REF!"}},{"$f":"ROUND(C38*0.306,2)","v":{"$error":"#REF!"}},{"$f":"ROUND(C38*0.45,2)","v":{"$error":"#REF!"}},null,{"$f":"ROUND(K38*'input data'!$F$17,0)","v":{"$error":"#REF!"}},null,{"$f":"Q38-M38-P38-R38-S38-T38-U38","v":{"$error":"#REF!"}},{"$f":"ROUND((H38+I38+J38)*'lead 2025-26'!$G$13,0)","v":{"$error":"#REF!"}},{"$f":"'R-1'!J38","v":{"$error":"#REF!"}},{"$f":"ROUND(G38*'lead 2025-26'!$K$25,0)","v":{"$error":"#REF!"}},{"$f":"ROUND(H38*('lead 2025-26'!$K$13-'lead 2025-26'!$G$13),0)","v":{"v":0,"d":"0.00"}},{"$f":"ROUND(I38*('lead 2025-26'!$K$11-'lead 2025-26'!$G$11),0)","v":{"$error":"#REF!"}},{"$f":"ROUND(J38*('lead 2025-26'!$K$12-'lead 2025-26'!$G$12),0)","v":{"$error":"#REF!"}}]
[3,"Steel",{"$f":"'R-1'!I39","v":{"$error":"#REF!"}},"MT",{"$nulls":10},{"$f":"'R-1'!J39","v":{"$error":"#REF!"}},{"$f":"ROUND((H39+I39+J39)*'lead 2025-26'!$G$13,0)","v":0},null,{"$f":"ROUND(G39*5400,0)","v":0},{"$f":"ROUND(K39*'lead 2025-26'!$H$9,0)","v":{"v":0,"d":"0.00"}}]
[3,"S.earth filling",{"$f":"'R-1'!I40","v":{"$error":"#REF!"}},"M3",{"$nulls":10},{"$f":"'R-1'!J40","v":{"$error":"#REF!"}},{"$f":"ROUND((H40+I40+J40)*'lead 2025-26'!$G$13,0)","v":0},null,{"$f":"ROUND(G40*5400,0)","v":0},{"$f":"ROUND(K40*'lead 2025-26'!$H$9,0)","v":{"v":0,"d":"0.00"}}]
[8,"CC Pavement",{"$f":"'R-1'!I41","v":{"$error":"#REF!"}},"M3",null,null,{"$f":"ROUND(C41*330/1000,2)","v":{"$error":"#REF!"}},null,{"$f":"ROUND(C41*0.594,2)","v":{"$error":"#REF!"}},{"$f":"ROUND(C41*0.306,2)","v":{"$error":"#REF!"}},{"$f":"ROUND(C41*0.45,2)","v":{"$error":"#REF!"}},null,{"$f":"ROUND(K41*'input data'!$F$17,0)","v":{"$error":"#REF!"}},null,{"$f":"Q41-M41-P41-R41-S41-T41-U41","v":{"$error":"#REF!"}},{"$f":"ROUND((H41+I41+J41)*'lead 2025-26'!$G$13,0)","v":{"$error":"#REF!"}},{"$f":"'R-1'!J41","v":{"$error":"#REF!"}},{"$f":"ROUND(G41*'lead 2025-26'!$K$25,0)","v":{"$error":"#REF!"}},{"$f":"ROUND(H41*('lead 2025-26'!$K$13-'lead 2025-26'!$G$13),0)","v":{"v":0,"d":"0.00"}},{"$f":"ROUND(I41*('lead 2025-26'!$K$11-'lead 2025-26'!$G$11),0)","v":{"$error":"#REF!"}},{"$f":"ROUND(J41*('lead 2025-26'!$K$12-'lead 2025-26'!$G$12),0)","v":{"$error":"#REF!"}}]
[null,"Sub estimate"]
[1,"Earthwork",{"$f":"'R-1'!I43","v":{"$error":"#REF!"}},"M3",null,0,0,null,0,0,null,0,null,null,{"$f":"'R-1'!F43","v":{"$error":"#REF!"}},0]
[2,"PCC M-10",{"$f":"'R-1'!I44","v":{"$error":"#REF!"}},"M3",null,null,{"$f":"ROUND(C44*220/1000,2)","v":{"$error":"#REF!"}},{"$f":"ROUND(C44*0.9,2)","v":{"$error":"#REF!"}},null,null,{"$f":"ROUND(C44*0.45,2)","v":{"$error":"#REF!"}},null,{"$f":"ROUND(K44*'lead 2025-26'!$G$9,0)","v":{"$error":"#REF!"}},null,{"$f":"Q44-M44-P44-R44-S44-T44-U44","v":{"$error":"#REF!"}},{"$f":"ROUND((H44)*'lead 2025-26'!$G$13,0)","v":{"$error":"#REF!"}},{"$f":"'R-1'!J44","v":{"$error":"#REF!"}},{"$f":"ROUND(G44*'lead 2025-26'!$K$25,0)","v":{"$error":"#REF!"}},{"$f":"ROUND(H44*('lead 2025-26'!$K$13-'lead 2025-26'!$G$13),0)","v":{"$error":"#REF!"}},{"$f":"ROUND(I44*('lead 2025-26'!$K$11-'lead 2025-26'!$G$11),0)","v":{"v":0,"d":"0.00"}},{"$f":"ROUND(J44*('lead 2025-26'!$K$12-'lead 2025-26'!$G$12),0)","v":{"v":0,"d":"0.00"}}]
[4,"1000 NP3",{"$f":"'R-1'!I45","v":{"$error":"#REF!"}},"Rm",{"$nulls":9},{"$f":"'R-1'!J45","v":{"$error":"#REF!"}},null,{"$f":"ROUND((I45*'lead 2025-26'!$G$13)+(J45*'lead 2025-26'!$G$13),0)","v":0},null,{"$f":"ROUND(G45*5400,0)","v":0}]
[3,"PCC M-15",{"$f":"'R-1'!I46","v":{"$error":"#REF!"}},"M3",null,null,{"$f":"ROUND(C46*275/1000,2)","v":{"$error":"#REF!"}},{"$f":"ROUND(C46*0.48,2)","v":{"$error":"#REF!"}},{"$f":"ROUND(C46*0.24,2)","v":{"$error":"#REF!"}},{"$f":"ROUND(C46*0.08,2)","v":{"$error":"#REF!"}},{"$f":"ROUND(C46*0.48,2)","v":{"$error":"#REF!"}},null,{"$f":"ROUND(K46*'input data'!$F$17,0)","v":{"$error":"#REF!"}},null,{"$f":"Q46-M46-P46-R46-S46-T46-U46","v":{"$error":"#REF!"}},{"$f":"ROUND((H46+I46+J46)*'lead 2025-26'!$G$13,0)","v":{"$error":"#REF!"}},{"$f":"'R-1'!J46","v":{"$error":"#REF!"}},{"$f":"ROUND(G46*'lead 2025-26'!$K$25,0)","v":{"$error":"#REF!"}},{"$f":"ROUND(H46*('lead 2025-26'!$K$13-'lead 2025-26'!$G$13),0)","v":{"$error":"#REF!"}},{"$f":"ROUND(I46*('lead 2025-26'!$K$11-'lead 2025-26'!$G$11),0)","v":{"$error":"#REF!"}},{"$f":"ROUND(J46*('lead 2025-26'!$K$12-'lead 2025-26'!$G$12),0)","v":{"$error":"#REF!"}}]
[3,"RCC M-25",{"$f":"'R-1'!I47","v":{"$error":"#REF!"}},"M3",null,null,{"$f":"ROUND(C47*403/1000,2)","v":{"$error":"#REF!"}},null,{"$f":"ROUND(C47*0.594,2)","v":{"$error":"#REF!"}},{"$f":"ROUND(C47*0.306,2)","v":{"$error":"#REF!"}},{"$f":"ROUND(C47*0.45,2)","v":{"$error":"#REF!"}},null,{"$f":"ROUND(K47*'input data'!$F$17,0)","v":{"$error":"#REF!"}},null,{"$f":"Q47-M47-P47-R47-S47-T47-U47","v":{"$error":"#REF!"}},{"$f":"ROUND((H47+I47+J47)*'lead 2025-26'!$G$13,0)","v":{"$error":"#REF!"}},{"$f":"'R-1'!J47","v":{"$error":"#REF!"}},{"$f":"ROUND(G47*'lead 2025-26'!$K$25,0)","v":{"$error":"#REF!"}},{"$f":"ROUND(H47*('lead 2025-26'!$K$13-'lead 2025-26'!$G$13),0)","v":{"v":0,"d":"0.00"}},{"$f":"ROUND(I47*('lead 2025-26'!$K$11-'lead 2025-26'!$G$11),0)","v":{"$error":"#REF!"}},{"$f":"ROUND(J47*('lead 2025-26'!$K$12-'lead 2025-26'!$G$12),0)","v":{"$error":"#REF!"}}]
[3,"Steel",{"$f":"'R-1'!I48","v":{"$error":"#REF!"}},"MT",{"$nulls":10},{"$f":"'R-1'!J48","v":{"$error":"#REF!"}},{"$f":"ROUND((H48+I48+J48)*'lead 2025-26'!$G$13,0)","v":0},null,{"$f":"ROUND(G48*5400,0)","v":0},{"$f":"ROUND(K48*'lead 2025-26'!$H$9,0)","v":{"v":0,"d":"0.00"}}]
[3,"S.earth filling",{"$f":"'R-1'!I49","v":{"$error":"#REF!"}},"M3",{"$nulls":10},{"$f":"'R-1'!J49","v":{"$error":"#REF!"}},{"$f":"ROUND((H49+I49+J49)*'lead 2025-26'!$G$13,0)","v":0},null,{"$f":"ROUND(G49*5400,0)","v":0},{"$f":"ROUND(K49*'lead 2025-26'!$H$9,0)","v":{"v":0,"d":"0.00"}}]
[8,"CC Pavement",{"$f":"'R-1'!I50","v":{"$error":"#REF!"}},"M3",null,null,{"$f":"ROUND(C50*330/1000,2)","v":{"$error":"#REF!"}},null,{"$f":"ROUND(C50*0.594,2)","v":{"$error":"#REF!"}},{"$f":"ROUND(C50*0.306,2)","v":{"$error":"#REF!"}},{"$f":"ROUND(C50*0.45,2)","v":{"$error":"#REF!"}},null,{"$f":"ROUND(K50*'input data'!$F$17,0)","v":{"$error":"#REF!"}},null,{"$f":"Q50-M50-P50-R50-S50-T50-U50","v":{"$error":"#REF!"}},{"$f":"ROUND((H50+I50+J50)*'lead 2025-26'!$G$13,0)","v":{"$error":"#REF!"}},{"$f":"'R-1'!J50","v":{"$error":"#REF!"}},{"$f":"ROUND(G50*'lead 2025-26'!$K$25,0)","v":{"$error":"#REF!"}},{"$f":"ROUND(H50*('lead 2025-26'!$K$13-'lead 2025-26'!$G$13),0)","v":{"v":0,"d":"0.00"}},{"$f":"ROUND(I50*('lead 2025-26'!$K$11-'lead 2025-26'!$G$11),0)","v":{"$error":"#REF!"}},{"$f":"ROUND(J50*('lead 2025-26'!$K$12-'lead 2025-26'!$G$12),0)","v":{"$error":"#REF!"}}]
[null,"Sub estimate"]
[1,"Earthwork",{"$f":"'R-1'!I52","v":{"$error":"#REF!"}},"M3",null,0,0,null,0,0,null,0,null,null,{"$f":"'R-1'!F52","v":{"$error":"#REF!"}},0]
[2,"PCC M-10",{"$f":"'R-1'!I53","v":{"$error":"#REF!"}},"M3",null,null,{"$f":"ROUND(C53*220/1000,2)","v":{"$error":"#REF!"}},{"$f":"ROUND(C53*0.9,2)","v":{"$error":"#REF!"}},null,null,{"$f":"ROUND(C53*0.45,2)","v":{"$error":"#REF!"}},null,{"$f":"ROUND(K53*'lead 2025-26'!$G$9,0)","v":{"$error":"#REF!"}},null,{"$f":"Q53-M53-P53-R53-S53-T53-U53","v":{"$error":"#REF!"}},{"$f":"ROUND((H53)*'lead 2025-26'!$G$13,0)","v":{"$error":"#REF!"}},{"$f":"'R-1'!J53","v":{"$error":"#REF!"}},{"$f":"ROUND(G53*'lead 2025-26'!$K$25,0)","v":{"$error":"#REF!"}},{"$f":"ROUND(H53*('lead 2025-26'!$K$13-'lead 2025-26'!$G$13),0)","v":{"$error":"#REF!"}},{"$f":"ROUND(I53*('lead 2025-26'!$K$11-'lead 2025-26'!$G$11),0)","v":{"v":0,"d":"0.00"}},{"$f":"ROUND(J53*('lead 2025-26'!$K$12-'lead 2025-26'!$G$12),0)","v":{"v":0,"d":"0.00"}}]
[4,"600 NP3",{"$f":"'R-1'!I54","v":{"$error":"#REF!"}},"Rm",{"$nulls":9},{"$f":"'R-1'!J54","v":{"$error":"#REF!"}},null,{"$f":"ROUND((I54*'lead 2025-26'!$G$13)+(J54*'lead 2025-26'!$G$13),0)","v":0},null,{"$f":"ROUND(G54*5400,0)","v":0}]
[null,"Sub estimate"]
[1,"KM stone",{"$f":"'R-1'!I56","v":{"$error":"#REF!"}},"No",null,0,0,null,0,0,null,0,null,null,{"$f":"'R-1'!F56","v":{"$error":"#REF!"}},0]
[1,"HM stone",{"$f":"'R-1'!I57","v":{"$error":"#REF!"}},"No",null,0,0,null,0,0,null,0,null,null,{"$f":"'R-1'!F57","v":{"$error":"#REF!"}},0]
[1,"Sign board",{"$f":"'R-1'!I58","v":{"$error":"#REF!"}},"No",null,0,0,null,0,0,null,0,null,null,{"$f":"'R-1'!F58","v":{"$error":"#REF!"}},0]
[1,"Place Identification board",{"$f":"'R-1'!I59","v":{"$error":"#REF!"}},"M2",null,0,0,null,0,0,null,0,null,null,{"$f":"'R-1'!F59","v":{"$error":"#REF!"}},0]
[1,"village board",{"$f":"'R-1'!I60","v":{"$error":"#REF!"}},"M2",null,0,0,null,0,0,null,0,null,null,{"$f":"'R-1'!F60","v":{"$error":"#REF!"}},0]
[1,"Thermo Plastic compound",{"$f":"'R-1'!I61","v":{"$error":"#REF!"}},"M2",null,0,0,null,0,0,null,0,null,null,{"$f":"'R-1'!F61","v":{"$error":"#REF!"}},0]
[]
[null,null,"Total Qty",null,{"$f":"SUM(E5:E62)","v":519},{"v":140.32000000000002,"d":"140.32"},{"$error":"#REF!"},{"$error":"#REF!"},{"$error":"#REF!"},{"$error":"#REF!"},{"$error":"#REF!"},{"v":34.50000000000001,"d":"34.50"},{"$error":"#REF!"},{"$error":"#REF!"},{"$error":"#REF!"},{"$error":"#REF!"}]
[]
[{"$nulls":4},{"$f":"A.M!H8","v":519},{"$f":"'input data'!E15","v":{"v":140.32000000000002,"d":"140.32"}},{"$f":"'input data'!E10","v":{"v":71.7,"d":"71.70"}},{"$f":"'input data'!E12","v":{"v":0,"d":"0.00"}},{"$f":"'input data'!E13","v":129.05},{"$f":"'input data'!E14","v":66.48},{"$f":"'input data'!E11","v":97.77},{"$f":"'input data'!E16","v":{"v":34.50000000000001,"d":"34.50"}},{"$f":"'input data'!G17","v":227771},{"$f":"'input data'!#REF!+'input data'!#REF!","v":{"$error":"#REF!"}},{"$f":"'input data'!G24-A.M!H26","v":577620},{"$f":"'input data'!G18","v":140158}]
[{"$nulls":4},{"$f":"E65-E63","v":0},{"$f":"F65-F63","v":0},{"$error":"#REF!"},{"$error":"#REF!"},{"$error":"#REF!"},{"$error":"#REF!"},{"$error":"#REF!"},0,{"$error":"#REF!"},{"$error":"#REF!"},{"$error":"#REF!"},{"$error":"#REF!"}]
[]
[null,"Seigneorage statement"]
[null,"Metal ",{"$f":"seigneorage!J23+seigneorage!K23+seigneorage!L23+seigneorage!M23+seigneorage!N23","v":363.91},"x",90,"=",{"$f":"ROUND(C69*E69,0)","v":32752}]
[null,"Earth",{"$f":"seigneorage!H23","v":{"v":34.50000000000001,"d":"34.50"}},"x",45,"=",{"$f":"ROUND(C70*E70,0)","v":1553}]
[{"$nulls":6},{"$f":"SUM(G69:G70)","v":34305}]

{"sheet":"C-1","index":12,"n_rows":57,"n_cols":8,"rows_kept":57,"hidden":true,"merged":[[1,0,1,6],[3,1,3,6],[4,1,4,2],[4,4,4,6],[5,1,5,2],[5,4,5,6],[6,1,6,2],[6,4,6,6],[7,1,7,2],[7,4,7,6],[8,1,8,2],[8,4,8,6],[9,1,9,2],[9,4,9,6],[10,1,10,2],[10,4,10,6],[11,1,11,2],[11,4,11,6],[12,1,12,2],[12,4,12,6],[13,1,13,2],[13,4,13,6],[14,1,14,2],[14,4,14,6],[15,1,15,2],[15,4,15,6],[16,1,16,2],[16,4,16,6],[17,1,17,2],[17,4,17,6],[18,1,18,2],[18,4,18,6],[19,1,19,2],[19,4,19,6],[20,1,20,2],[20,4,20,6],[21,1,21,2],[21,4,21,6],[22,1,22,2],[22,5,22,6],[28,1,28,6],[29,1,29,2],[29,4,29,6],[30,1,30,2],[30,4,30,6],[31,1,31,2],[31,4,31,6],[32,1,32,2],[32,4,32,6],[33,1,33,2],[33,4,33,6],[34,1,34,2],[34,4,34,6],[35,1,35,2],[35,4,35,6],[36,1,36,2],[36,4,36,6],[41,1,41,6],[42,1,42,2],[42,4,42,6],[43,1,43,2],[43,4,43,6],[44,1,44,2],[44,4,44,6],[45,1,45,2],[45,4,45,6],[46,1,46,2],[46,4,46,6],[47,1,47,2],[47,4,47,6],[48,1,48,2],[48,4,48,6],[49,1,49,2],[49,4,49,6],[50,1,50,6],[51,1,51,2],[51,4,51,6],[52,1,52,2],[52,4,52,6],[53,1,53,2],[53,4,53,6],[54,1,54,2],[54,4,54,6],[55,1,55,2],[55,4,55,6],[56,1,56,2],[56,4,56,6]]}
[{"$nulls":4},"Sub Divisional Bill No."]
["SUB DIVISION CHECK SLIP TO ACCOMPANYING  ALL WORK BILLS"]
[null,"Name of the Grant:","MGNREGS Grant",null,null,"S.No. of the Bill:  1st & Final"]
[null,"Connected M.Book Nos: 80/A/ZP/23",{"$nulls":5},{"$f":"[3]WORK!B39","v":0}]
[1,"Name of the Sub Division",null,":","Kanigiri"]
[2,"Name of the Mandal",null,":","Kanigiri"]
[3,"Name of the Work:-",null,":",{"$f":"'lead 2025-26'!C3","v":"Providing internal CC roads in Ganugapenta GP of Kanigiri Mandal."}]
[4,"Work ID No.",null,":",{"$f":"COVER!F34","v":0}]
[5,"Estimate Amount",null,":",{"$f":"'lead 2025-26'!K4","v":"20.00 Lakhs"}]
[6,"Admn. Sanction No. & Date",null,":","Proceedings RC.No.D7/314/EGS/2024 Date d 19/11/2024 of the Collector & DPC, MGNREGS, Prakasam District "]
[7,"Tech. Sanction No. & Date",null,":","DR.No.            /2024-25 Dt.                       of the Executive Engineer, PRI  Division, Kandukur"]
[8,"Work commencement order reference for MGRENS",null,":","Dt 13.07.2018 of the Executive Engineer, PRI Sub Division, Kandukur"]
[9,"Name & Address of the Contractor with PAN No.",null,":"]
[10,"Bank Account Number (For NREGS works)",null,":"]
[11,"No of Musters enclosed to this bill for NREGS works",null,":","Nil"]
[12,"Working estimate Amount",null,":","Nil"]
[13,"Supplimental Agt. No./Dt & Value",null,":"]
[14,"Nature Contract",null,":","Nomination basis"]
[15,"Date of Agreement i.e DHS",null,":"]
[16,"Date fixed for completion (DFC)",null,":"]
[17,"Date of last recording of Measurement of Present bill",null,":"]
[18,"Whether the work is completed with in the Agreement period, if not sanction of EOAT period & Reference nO. & date & Fine if any",null,":","Yes"]
[19,"Date of Measurements recorded in M.Book by section Officer",null,":","Date of Check measured by Dy. Executive Engineer","Date of Check measured by Executive Engineer"]
[null,"P.No.","Date",null,"Date","P.No.","Date"]
[]
[]
[]
[]
[20,"Super Check Measurement of work (Date/MB Page NO. & % of value)"]
[null,"i) By Executive Engineer",null,":"]
[null,"ii) By Superintending Engineer",null,":"]
[21,"Whether the Supercheck measurement statement enclosed",null,":"]
[22,"Whether the Contractor has accepted the measurements",null,":","Yes"]
[23,"Whether the contractor signed the bill",null,":","Yes"]
[24,"Whether released & Discharge certificate furnished by the Contractor for Final Bill",null,":","Yes"]
[25,"QC inspection Date & Recovery proposed if any",null,":","No"]
[26,"Other Remarks of the DEE",null,":","No"]
[]
[]
[{"$nulls":5},"Deputy Executive Engineer"]
[{"$nulls":5},"PRI Sub Division : Kanigiri"]
[null,"DIVISIONAL CHECK"]
[27,"Seineorage charges amount & OTP on Sand Vide Page of M.B.",null,":"]
[28,"Whether the photos of the work in three stages Name board. Km, HM stones for NREGS work enclosed.",null,":"]
[29,"EMD details DDs (or) B.G, if B.G its No. / Dt & Validity. Whether extended if EOAT is sanctioned",null,":"]
[30,"Insurance policty No. Date, Amount & Validity Whether the insurance is extended if EOAT is sanctioned (For Tender works)",null,":"]
[31,"Whether T.A Appointment letters willingness & qualification certificates furnished or not Mensioned the Name ( for Tender works)",null,":"]
[32,"Wheter the DEE has furnished the certificate in M.Book for engagement of techncial agents with Name (For tender works)",null,":"]
[33,"Whether the contractor opted under VAT composition and produced the CTO letter or No",null,":"]
[34,"Whether the asset Handling over to the concerned Dept certificate furnished.",null,":"]
[35,"Super Check Measurement of work (Date/MB Page NO. & % of value)"]
[null,"i) BY Executive Engineer",null,":"]
[null,"ii) By Superintending Engineer",null,":"]
[36,"Whether the Supercheck measurement statement enclosed",null,":"]
[37,"Completion Reporst are received along with final bills",null,":","Amount                 Approved by                      Date"]
[38,"Whether the Quantities and Rate are as per approved estimate",null,":"]
[39,"Remarks of the case worker in B.D.",null,":"]

{"sheet":"CC f -2","index":13,"n_rows":49,"n_cols":12,"rows_kept":49,"hidden":true,"merged":[[0,0,0,9],[1,1,1,3],[1,6,1,9],[2,1,2,3],[2,6,2,9],[3,1,3,9],[4,1,4,9],[5,1,5,9],[6,1,6,9],[7,1,7,9],[8,1,8,9],[9,1,9,3],[9,4,9,5],[9,7,9,8],[10,1,10,3],[10,4,10,5],[10,7,10,8],[12,0,13,0],[12,1,12,3],[12,4,13,4],[12,5,13,5],[12,6,13,6],[12,7,12,8],[12,9,13,9],[13,1,13,2],[14,1,14,2],[37,4,37,5],[38,4,38,5],[39,4,39,5],[39,8,39,9],[40,1,40,4],[40,7,40,9],[41,3,41,4],[41,5,41,9],[42,3,42,4],[43,3,43,4],[43,5,43,9],[44,3,44,4],[44,5,44,7],[44,8,44,9],[45,3,45,4],[45,5,45,6],[45,7,45,9]]}
["CONTRACT CERTIFICATE"]
[null,"Work ID ",null,null,{"$f":"'C-1'!E8:G8","v":0},null,"MGNREGS Grant"]
[]
[null,{"$f":"'lead 2025-26'!B3&'lead 2025-26'!C3","v":"Name of the work : Providing internal CC roads in Ganugapenta GP of Kanigiri Mandal."}]
[null,{"$f":"\"Name of the Contractor : \"&'C-1'!E13&\"\"","v":"Name of the Contractor : "}]
[null,"Voucher : CC  1st & Final"]
[null,"Last Certificate if any : "]
[null,"Month :  "]
[null,"Number and month of the last schedule if any :- "]
[null,"Mandal : Kanigiri",null,null,{"$f":"\"Amount of Estimate : \"&'C-1'!E9&\"\"","v":"Amount of Estimate : 20.00 Lakhs"},null,null,"Voucher No:"]
[null,"Overseer's No.",null,null,"Authority Covering list No.",null,null,"Schedule No."]
[]
["S.No","Quantity executed or Supplied",null,null,"Description of Items.","Rate in Rs.","Per","Amount",null,"Remarks"]
[null,"Upto Date",null,"Since last certificate",{"$nulls":3},"Upto Date in Rs.","Since last certificate in Rs."]
["1","2",null,"3","4","5","6","7","8","9"]
[]
[1,{"$f":"H17/F17","v":{"v":2.189873417721519,"d":"2.19"}},"days",{"$f":"B17-K17","v":{"v":2.189873417721519,"d":"2.19"}},"Wage Component",{"v":237,"d":"237.00"},"1day",{"$f":"A.M!H8","v":{"v":519,"d":"519.00"}},{"$f":"H17-L17","v":{"v":519,"d":"519.00"}}]
[2,{"$f":"'input data'!E10","v":{"v":71.7,"d":"71.700"}},"MT",{"v":71.7,"d":"71.70"},"MAT-0001 Cost of Cement (OPC-53)",{"$f":"'input data'!F10","v":{"v":5400,"d":"5400.00"}},"1MT",{"$f":"ROUND(B18*F18,0)","v":{"v":387180,"d":"387180.00"}},{"v":387180,"d":"387180.00"}]
[3,{"$f":"'input data'!E11","v":97.77},"Cum",97.77,"MAT-0010 Cost of Sand for Concrete",{"$f":"'input data'!F11","v":{"v":0,"d":"0.00"}},"1Cum",{"v":0,"d":"0.00"},{"v":0,"d":"0.00"}]
[4,{"$f":"'input data'!E12","v":{"v":0,"d":"0.00"}},"Cum",{"$f":"B20-K20","v":{"v":0,"d":"0.00"}},"MAT-0013 Cost of 40 mm HBG Metal ",{"$f":"'input data'!F12","v":{"v":1032.5,"d":"1032.50"}},"1Cum",{"$f":"ROUND(B20*F20,0)","v":{"v":0,"d":"0.00"}},{"$f":"H20-L20","v":{"v":0,"d":"0.00"}}]
[5,{"$f":"'input data'!E13","v":129.05},"Cum",129.05,"MAT-0014 Cost of 20 mm HBG Metal ",{"$f":"'input data'!F13","v":1676.25},"1Cum",{"v":216320,"d":"216320.00"},{"v":216320,"d":"216320.00"}]
[6,{"$f":"'input data'!E14","v":66.48},"Cum",66.48,"MAT-0015 Cost of 12 mm HBG Metal ",{"$f":"'input data'!F14","v":{"v":1350,"d":"1350.00"}},"1Cum",{"v":89748,"d":"89748.00"},{"v":89748,"d":"89748.00"}]
[7,{"$f":"'input data'!E16","v":{"v":34.50000000000001,"d":"34.50"}},"Cum",{"$f":"B23-K23","v":{"v":34.50000000000001,"d":"34.50"}},"MAT-0040 Cost of Selected earth",{"$f":"'input data'!F16","v":338.03},"1Cum",{"$f":"ROUND(B23*F23,0)","v":{"v":11662,"d":"11662.00"}},{"$f":"H23-L23","v":{"v":11662,"d":"11662.00"}}]
[7,{"$f":"'input data'!#REF!","v":{"$error":"#REF!"}},"Rm",{"$f":"B24-K24","v":{"$error":"#REF!"}},"MAT-0040 NP3 pipes of 1000mm",{"$f":"'input data'!#REF!","v":{"$error":"#REF!"}},"1Rm",{"$f":"ROUND(B24*F24,0)","v":{"$error":"#REF!"}},{"$f":"H24-L24","v":{"$error":"#REF!"}}]
[7,{"$f":"'input data'!#REF!","v":{"$error":"#REF!"}},"Rm",{"$f":"B25-K25","v":{"$error":"#REF!"}},"MAT-0040 NP3 pipes of 600mm",{"$f":"'input data'!#REF!","v":{"$error":"#REF!"}},"1Rm",{"$f":"ROUND(B25*F25,0)","v":{"$error":"#REF!"}},{"$f":"H25-L25","v":{"$error":"#REF!"}}]
[7,{"$f":"'input data'!E15","v":{"v":140.32000000000002,"d":"140.32"}},"Cum",{"v":140.32000000000002,"d":"140.32"},"MAT-0030 Granular Material",{"$f":"'input data'!F15","v":1797.53},"1Cum",{"v":252229,"d":"252229.00"},{"v":252229,"d":"252229.00"}]
[8,{"$f":"'input data'!E17","v":97.77},"Cum",97.77,"MAT-0060 Conveyance charges for Sand",{"$f":"'input data'!F17","v":{"v":2329.659999999989,"d":"2329.66"}},"1Cum",{"v":227771,"d":"227771.00"},{"v":227771,"d":"227771.00"}]
[9,{"v":1,"d":"1.00"},"No",{"v":1,"d":"1.00"},"MAT-0061 Conveyance charges for Material",{"$f":"'input data'!G18","v":{"v":140158,"d":"140158.00"}},"1No",{"v":140158,"d":"140158.00"},{"v":140158,"d":"140158.00"}]
[9,{"v":1,"d":"1.00"},"No",{"$f":"B29-K29","v":{"v":1,"d":"1.00"}},"MAT-0062 GSt charges ",{"$f":"'input data'!G20","v":{"v":0,"d":"0.00"}},"1No",{"$f":"ROUND(B29*F29,0)","v":{"v":0,"d":"0.00"}},{"$f":"H29-L29","v":{"v":0,"d":"0.00"}}]
[9,{"v":1,"d":"1.00"},"No",{"$f":"B30-K30","v":{"v":1,"d":"1.00"}},"MAT-0063 Name board",{"$f":"'input data'!G19","v":{"v":3600,"d":"3600.00"}},"1No",{"$f":"ROUND(B30*F30,0)","v":{"v":3600,"d":"3600.00"}},{"$f":"H30-L30","v":{"v":3600,"d":"3600.00"}}]
[10,{"v":1,"d":"1.00"},"No",{"v":1,"d":"1.00"},"MAT-0064 work  file",{"$f":"'input data'!G21","v":{"v":100,"d":"100.00"}},"1No",{"v":100,"d":"100.00"},{"v":100,"d":"100.00"}]
[11,{"$f":"H32/F32","v":{"v":0.9935223758398035,"d":"0.99"}},"No",{"v":0.9935223758398035,"d":"0.99"},"MAT-0073 Contingency and unforeseen",{"$f":"'input data'!G24","v":{"v":581386,"d":"581386.00"}},"1No",{"$f":"'R-2'!O65","v":{"v":577620,"d":"577620.00"}},{"v":577620,"d":"577620.00"}]
[12,{"v":1,"d":"1.00"},"No",{"v":1,"d":"1.00"},"A11591-CW12 QC @ 0.50%",{"$f":"'input data'!G23","v":{"v":9913,"d":"9913.00"}},"1No",{"v":9913,"d":"9913.00"},{"v":9913,"d":"9913.00"}]
[13,{"v":1,"d":"1.00"},"No",{"v":1,"d":"1.00"},"A11591-CW13 Seigneorage charges",{"$f":"'input data'!G22","v":{"v":79414,"d":"79414.00"}},"1No",{"v":79414,"d":"79414.00"},{"v":79414,"d":"79414.00"}]
[]
[]
[]
[{"$nulls":4},"Total value o work done or suplies made to date ",null,"=",{"$f":"SUM(H16:H37)","v":{"$error":"#REF!"}},{"$f":"SUM(I16:I37)","v":{"$error":"#REF!"}},null,null,{"$f":"SUM(L18:L37)","v":{"v":0,"d":"0.00"}}]
[{"$nulls":4},"Deduct value of work supplies shown on last certificate. ",null,"=",{"$f":"L38","v":{"v":0,"d":"0.00"}}]
[{"$nulls":4},"Net value of work/supplies since lst certificate",null,"=",{"$f":"H38-H39","v":{"$error":"#REF!"}}]
[null,"Signature of Contractor ",{"$nulls":5},"Date…………..……2024"]
[{"$nulls":3},"Certificate that the proceeding claim is correct that the necessary measurements have been made by me on 200         and record on pages …………..  of 80/A/ZP/23 of  and the work has been satisfactory performed ",null,"CHECK MEASUREMENT CERTIFICATE ",{"$nulls":4},{"$f":"[3]WORK!B60","v":0}]
[]
[{"$nulls":3},"Certified also that the materials billed for have been recived and brought to account.                                ",null,"Certified that the work and materials were duly Checked and Measured by me on (Date………….)"]
[{"$nulls":3},"Date………….. OFFICE INCHARGE",null,"Date………………2024",null,null,"DESIGNATION"]
[]
[{"$nulls":4},{"$f":"'lead 2025-26'!J36","v":"Mandal Praja Parishad"}]
[{"$nulls":4},{"$f":"'lead 2025-26'!J37","v":"Kanigiri"}]
[{"$nulls":4},{"$f":"'lead 2025-26'!J38","v":0}]

{"sheet":"ccbc  (2)","index":14,"n_rows":59,"n_cols":10,"rows_kept":59,"hidden":true,"merged":[[0,0,0,3],[1,1,1,3],[2,1,2,6],[4,2,4,3],[5,2,5,3],[7,0,9,1],[8,2,8,3],[9,2,9,3],[14,2,14,3],[17,4,17,9],[18,4,18,10],[20,4,20,10],[21,0,21,1],[22,4,22,5],[24,0,24,1],[24,4,24,10],[26,4,26,10],[28,0,28,1],[28,4,28,10],[30,4,30,10],[31,6,31,8],[31,9,31,10],[32,1,32,9],[33,8,33,9],[34,8,34,10],[35,8,35,10],[36,8,36,10],[37,3,37,4],[37,9,37,10],[38,3,38,8],[39,1,39,9],[40,2,40,6],[41,2,41,9],[42,1,42,9],[43,2,43,9],[44,1,44,9],[45,1,45,9],[46,2,46,9],[47,1,47,9],[48,2,48,9],[49,1,49,9],[50,2,50,9],[51,1,51,9],[52,2,52,9],[53,1,53,9],[54,2,54,9],[55,1,55,9],[56,1,56,9],[57,2,57,9],[58,1,58,9]]}
["     MEMORANDUM OF PAYMENTS MADE",{"$nulls":5},"Rs.","P.","Rs.","P."]
[null,"Total value of work done"]
[null,"Amount of prevont payment from last certificate No…………………."]
[null,null,"of","Forward"]
[null,null,"With accouts for…………………………………"]
[null,null,"Fines and other deduction up to date"]
[]
["Payments now made",null,"By Cash"]
[null,null,"By Cheque No……………….."]
[null,null,"By Value of Stock supplied"]
[null,null,"Balance due"]
["Allotment of the year",null,null,"              Rs       P"]
["Expenditure included in this bill"]
[]
[null,null,"Balance availabe"]
[]
["PAY RUPEES (             ) RECEIVED (               )"]
[{"$nulls":4},"Only as final payments in settlement of all demands                                                                                                          "]
[{"$nulls":4},"………………………………………………………………………………."]
[]
[{"$nulls":4},"………………………………………………………………………………."]
[]
[{"$nulls":4},"Witness"]
[]
["Head Clerk",null,null,"Presented of","………………………………………………………………………………."]
[]
[{"$nulls":4},"………………………………………………………………………………."]
[]
["Head Account",null,null,"Engineer","………………………………………………………………………………."]
[]
[{"$nulls":4},"………………………………………………………………………………."]
[{"$nulls":6},"Date …………………………..",null,null,"Payee……………………"]
[]
[{"$nulls":8},"AUDIT ENFACEMENT"]
[{"$nulls":8},"Admitted Rs. …………………………."]
[{"$nulls":8},"Objected Rs. …………………………."]
[{"$nulls":8},"Total Rs. ………………..……………."]
[{"$nulls":3},"                                             Date",null,null,"200",null,null,"Auditor"]
[{"$nulls":3},"                               INVERNACULAR"]
[null,"DISTRICT ENGINEET'S REMARKS"]
[null,null,"                                                               NOTES"]
[null,null,"1. This form is intended for use in the case of running account i.e for works in progress or supplies in course  "]
[null,"of delivery when the liability is discharged in full single payment Form No. of A should be used."]
[null,null,"2. Payment will be made only up to nineteenth of the total value of the work done. The balance being returned"]
[null,"as a security both for the due performance of the contracts or to cover posible over payment which may be detected on                        cheque measurement in the case of work whose estimated cost does not exceed Rs. 50/- Payment may be made in full "]
[null,"on the measuring officer's certificate subject to subsequent check measurement by the proper check measuring authority."]
[null,null,"3. In calculating the amount of each item dur to the contractor in this bill, sums of five pieces or less shall be "]
[null,"omitted and sums exceeding five pieces shall be recorded."]
[null,null,"4. Payment made in case of sum exceeding Rs. 100/- should be attested by two witness and for smaller sum"]
[null,"by one witness payment made by cheque to recognised firms of institutions need not be so witnessed."]
[null,null,"5.  When the payee signs in the vernacullar the amount acknowledged should also noted in the some vernacullar "]
[null,"as well as in English."]
[null,null,"6. In the case of other than well known firms all parties must sign if there by more the on contractor or the payee "]
[null,"must produce a power of atorney from the firm."]
[null,null,"7. No contract certificate bearing no remarks should be accepted if any corrections are necessary the incorrect"]
[null,"figures should be neatly scored out and initialed by the officer concerned in the case of corrections made in the Engineers         office the Head Accountant may be authorised no attest those due to clerical errors Etc. But the Engineer should affix his "]
[null,"initials coare osnin the rate column as well as those in the total or the bill and the pass order. This rule applies MUIATIS MUTANDIS to payments from miscellaneous grants."]
[null,null,"8. In case in which the materials billed for are taken over charged an officer other than the officer sign in the "]
[null,"certificate from of the bill the names of the form should be noted in the remarks column of the bill necessary amendment                                   being made at the same time of the excluding portion of the certificate relating to materials."]

{"sheet":"seigneorage (2)","index":15,"n_rows":80,"n_cols":16,"rows_kept":80,"hidden":true,"merged":[[0,0,0,14],[1,0,1,14],[2,12,2,13],[3,1,3,5]]}
["SEIGNEORAGE STATEMENT"]
[{"$f":"'lead 2025-26'!B3&'lead 2025-26'!C3","v":"Name of the work : Providing internal CC roads in Ganugapenta GP of Kanigiri Mandal."}]
[{"$nulls":11},"Est Rs.",{"$f":"'lead 2025-26'!K4","v":"20.00 Lakhs"}]
["S.No","Description of Item",{"$nulls":5},"Earth","Sand","Granular sub base","40mm Metal","20mm Metal","12mm Metal","Other Metals","Cement"]
[5,"Embankment","Earth",{"$f":"DET!#REF!","v":{"$error":"#REF!"}},null,null,"=",{"$f":"D5","v":{"$error":"#REF!"}}]
[1,"carted earthwork","Earth",{"$f":"DET!#REF!","v":{"$error":"#REF!"}},null,null,"=",{"$f":"D6","v":{"$error":"#REF!"}}]
[2,"Granular sub base","Metal",{"$f":"DET!I19","v":{"v":140.32000000000002,"d":"140.32"}},"x",{"v":1.2,"d":"1.20"},"=",null,null,{"$f":"ROUND((D7*1.2)/1*1,2)","v":168.38}]
[3,"Wetmix","Metal",{"$f":"DET!#REF!","v":{"$error":"#REF!"}},"x",1.33,"=",{"$nulls":6},{"$f":"ROUND((D8*1.33)/1*1,2)","v":{"$error":"#REF!"}}]
[4,"SDBC","Metal",{"$f":"DET!#REF!","v":{"$error":"#REF!"}},"x",{"$f":"285/195","v":{"v":1.4615384615384615,"d":"1.46"}},"=",{"$nulls":6},{"$f":"ROUND((D9*1.46)/1*1,2)","v":{"$error":"#REF!"}}]
[5,"Shoulders","Earth",{"$f":"DET!I32","v":{"v":34.50000000000001,"d":"34.50"}},null,null,"=",{"$f":"D10","v":{"v":34.50000000000001,"d":"34.50"}}]
[null,"Sub estimate"]
[6,"Earthwork","Earth",{"$f":"#REF!","v":{"$error":"#REF!"}},null,null,"=",{"$f":"D12","v":{"$error":"#REF!"}}]
[7,"PCC M-10 Grade","Metal",{"$f":"#REF!","v":{"$error":"#REF!"}},"x",{"v":0.9,"d":"0.900"},"=",{"$nulls":3},{"$f":"ROUND(D13*F13,2)","v":{"$error":"#REF!"}},{"$nulls":3},{"$f":"ROUND(D13*220/1000,2)","v":{"$error":"#REF!"}}]
[null,null,"Sand",{"$f":"D13","v":{"$error":"#REF!"}},"x",0.45,"=",null,{"$f":"ROUND(D14*F14,2)","v":{"$error":"#REF!"}}]
[9,"PCC M-15 grade","Metal",{"$f":"#REF!","v":{"$error":"#REF!"}},"x",{"v":0.48,"d":"0.480"},"=",{"$nulls":3},{"$f":"ROUND(D15*F15,2)","v":{"$error":"#REF!"}},{"$nulls":3},{"$f":"ROUND(D15*275/1000,2)","v":{"$error":"#REF!"}}]
[null,null,"Metal",{"$f":"D15","v":{"$error":"#REF!"}},"x",{"v":0.24,"d":"0.240"},"=",{"$nulls":4},{"$f":"ROUND(D16*F16,2)","v":{"$error":"#REF!"}}]
[null,null,"Metal",{"$f":"D16","v":{"$error":"#REF!"}},"x",{"v":0.08,"d":"0.080"},"=",{"$nulls":5},{"$f":"ROUND(D17*F17,2)","v":{"$error":"#REF!"}}]
[null,null,"Sand",{"$f":"D17","v":{"$error":"#REF!"}},"x",0.48,"=",null,{"$f":"ROUND(D18*F18,2)","v":{"$error":"#REF!"}}]
[10,"Guide posts","Metal",{"$f":"#REF!","v":{"$error":"#REF!"}},"x",0.594,"=",{"$nulls":4},{"$f":"ROUND(D19*F19,2)","v":{"$error":"#REF!"}},null,null,{"$f":"ROUND(D19*403/1000,2)","v":{"$error":"#REF!"}},{"$f":"ROUND(D19*403/1000,2)","v":{"$error":"#REF!"}}]
[null,null,"Metal",{"$f":"D19","v":{"$error":"#REF!"}},"x",0.306,"=",{"$nulls":5},{"$f":"ROUND(D20*F20,2)","v":{"$error":"#REF!"}}]
[null,null,"Sand",{"$f":"D20","v":{"$error":"#REF!"}},"x",0.45,"=",null,{"$f":"ROUND(D21*F21,2)","v":{"$error":"#REF!"}}]
[11,"CC Pavement M-20","Metal",{"$f":"#REF!","v":{"$error":"#REF!"}},"x",0.594,"=",{"$nulls":4},{"$f":"ROUND(D22*F22,2)","v":{"$error":"#REF!"}},null,null,{"$f":"ROUND(D22*330/1000,2)","v":{"$error":"#REF!"}}]
[null,null,"Metal",{"$f":"D22","v":{"$error":"#REF!"}},"x",0.306,{"$nulls":6},{"$f":"ROUND(D23*F23,2)","v":{"$error":"#REF!"}}]
[null,null,"Sand",{"$f":"D23","v":{"$error":"#REF!"}},"x",0.45,"=",null,{"$f":"ROUND(D24*F24,2)","v":{"$error":"#REF!"}}]
[null,"Sub estimate"]
[12,"Earthwork","Earth",{"$f":"DET!I37","v":{"v":0,"d":"0.00"}},null,null,"=",{"$f":"D26","v":{"v":0,"d":"0.00"}}]
[13,"PCC M-10 Grade","Metal",{"$f":"DET!I46","v":{"v":0,"d":"0.00"}},"x",{"v":0.9,"d":"0.900"},"=",{"$nulls":3},{"$f":"ROUND(D27*F27,2)","v":{"v":0,"d":"0.00"}},{"$nulls":3},{"$f":"ROUND(D27*220/1000,2)","v":{"v":0,"d":"0.00"}}]
[null,null,"Sand",{"$f":"D27","v":{"v":0,"d":"0.00"}},"x",0.45,"=",null,{"$f":"ROUND(D28*F28,2)","v":{"v":0,"d":"0.00"}}]
[14,"PCC M-15 grade","Metal",{"$f":"DET!I51","v":{"v":0,"d":"0.00"}},"x",{"v":0.48,"d":"0.480"},"=",{"$nulls":3},{"$f":"ROUND(D29*F29,2)","v":{"v":0,"d":"0.00"}},{"$nulls":3},{"$f":"ROUND(D29*275/1000,2)","v":{"v":0,"d":"0.00"}}]
[null,null,"Metal",{"$f":"D29","v":{"v":0,"d":"0.00"}},"x",{"v":0.24,"d":"0.240"},"=",{"$nulls":4},{"$f":"ROUND(D30*F30,2)","v":{"v":0,"d":"0.00"}}]
[null,null,"Metal",{"$f":"D30","v":{"v":0,"d":"0.00"}},"x",{"v":0.08,"d":"0.080"},"=",{"$nulls":5},{"$f":"ROUND(D31*F31,2)","v":{"v":0,"d":"0.00"}}]
[null,null,"Sand",{"$f":"D31","v":{"v":0,"d":"0.00"}},"x",0.48,"=",null,{"$f":"ROUND(D32*F32,2)","v":{"v":0,"d":"0.00"}}]
[15,"Guide posts","Metal",{"$f":"DET!#REF!","v":{"$error":"#REF!"}},"x",0.594,"=",{"$nulls":4},{"$f":"ROUND(D33*F33,2)","v":{"$error":"#REF!"}},null,null,{"$f":"ROUND(D33*403/1000,2)","v":{"$error":"#REF!"}},{"$f":"ROUND(D33*403/1000,2)","v":{"$error":"#REF!"}}]
[null,null,"Metal",{"$f":"D33","v":{"$error":"#REF!"}},"x",0.306,"=",{"$nulls":5},{"$f":"ROUND(D34*F34,2)","v":{"$error":"#REF!"}}]
[null,null,"Sand",{"$f":"D34","v":{"$error":"#REF!"}},"x",0.45,"=",null,{"$f":"ROUND(D35*F35,2)","v":{"$error":"#REF!"}}]
[16,"CC Pavement M-20","Metal",{"$f":"DET!#REF!","v":{"$error":"#REF!"}},"x",0.594,"=",{"$nulls":4},{"$f":"ROUND(D36*F36,2)","v":{"$error":"#REF!"}},null,null,{"$f":"ROUND(D36*330/1000,2)","v":{"$error":"#REF!"}}]
[null,null,"Metal",{"$f":"D36","v":{"$error":"#REF!"}},"x",0.306,{"$nulls":6},{"$f":"ROUND(D37*F37,2)","v":{"$error":"#REF!"}}]
[null,null,"Sand",{"$f":"D37","v":{"$error":"#REF!"}},"x",0.45,"=",null,{"$f":"ROUND(D38*F38,2)","v":{"$error":"#REF!"}}]
[null,"Sub estimate"]
[17,"Earthwork","Earth",{"$f":"#REF!","v":{"$error":"#REF!"}},null,null,"=",{"$f":"D40","v":{"$error":"#REF!"}}]
[18,"PCC M-10 Grade","Metal",{"$f":"#REF!","v":{"$error":"#REF!"}},"x",{"v":0.9,"d":"0.900"},"=",{"$nulls":3},{"$f":"ROUND(D41*F41,2)","v":{"$error":"#REF!"}},{"$nulls":3},{"$f":"ROUND(D41*220/1000,2)","v":{"$error":"#REF!"}}]
[null,null,"Sand",{"$f":"D41","v":{"$error":"#REF!"}},"x",0.45,"=",null,{"$f":"ROUND(D42*F42,2)","v":{"$error":"#REF!"}}]
[19,"PCC M-15 grade","Metal",{"$f":"#REF!","v":{"$error":"#REF!"}},"x",{"v":0.48,"d":"0.480"},"=",{"$nulls":3},{"$f":"ROUND(D43*F43,2)","v":{"$error":"#REF!"}},{"$nulls":3},{"$f":"ROUND(D43*275/1000,2)","v":{"$error":"#REF!"}}]
[null,null,"Metal",{"$f":"D43","v":{"$error":"#REF!"}},"x",{"v":0.24,"d":"0.240"},"=",{"$nulls":4},{"$f":"ROUND(D44*F44,2)","v":{"$error":"#REF!"}}]
[null,null,"Metal",{"$f":"D44","v":{"$error":"#REF!"}},"x",{"v":0.08,"d":"0.080"},"=",{"$nulls":5},{"$f":"ROUND(D45*F45,2)","v":{"$error":"#REF!"}}]
[null,null,"Sand",{"$f":"D45","v":{"$error":"#REF!"}},"x",0.48,"=",null,{"$f":"ROUND(D46*F46,2)","v":{"$error":"#REF!"}}]
[20,"Guide posts","Metal",{"$f":"#REF!","v":{"$error":"#REF!"}},"x",0.594,"=",{"$nulls":4},{"$f":"ROUND(D47*F47,2)","v":{"$error":"#REF!"}},null,null,{"$f":"ROUND(D47*403/1000,2)","v":{"$error":"#REF!"}},{"$f":"ROUND(D47*403/1000,2)","v":{"$error":"#REF!"}}]
[null,null,"Metal",{"$f":"D47","v":{"$error":"#REF!"}},"x",0.306,"=",{"$nulls":5},{"$f":"ROUND(D48*F48,2)","v":{"$error":"#REF!"}}]
[null,null,"Sand",{"$f":"D48","v":{"$error":"#REF!"}},"x",0.45,"=",null,{"$f":"ROUND(D49*F49,2)","v":{"$error":"#REF!"}}]
[21,"CC Pavement M-20","Metal",{"$f":"#REF!","v":{"$error":"#REF!"}},"x",0.594,"=",{"$nulls":4},{"$f":"ROUND(D50*F50,2)","v":{"$error":"#REF!"}},null,null,{"$f":"ROUND(D50*330/1000,2)","v":{"$error":"#REF!"}}]
[null,null,"Metal",{"$f":"D50","v":{"$error":"#REF!"}},"x",0.306,{"$nulls":6},{"$f":"ROUND(D51*F51,2)","v":{"$error":"#REF!"}}]
[null,null,"Sand",{"$f":"D51","v":{"$error":"#REF!"}},"x",0.45,"=",null,{"$f":"ROUND(D52*F52,2)","v":{"$error":"#REF!"}}]
[null,"Sub estimate"]
[22,"Earthwork","Earth",{"$f":"#REF!","v":{"$error":"#REF!"}},null,null,"=",{"$f":"D54","v":{"$error":"#REF!"}}]
[23,"PCC M-10 Grade","Metal",{"$f":"#REF!","v":{"$error":"#REF!"}},"x",{"v":0.9,"d":"0.900"},"=",{"$nulls":3},{"$f":"ROUND(D55*F55,2)","v":{"$error":"#REF!"}},{"$nulls":3},{"$f":"ROUND(D55*220/1000,2)","v":{"$error":"#REF!"}}]
[null,null,"Sand",{"$f":"D55","v":{"$error":"#REF!"}},"x",0.45,"=",null,{"$f":"ROUND(D56*F56,2)","v":{"$error":"#REF!"}}]
[24,"PCC M-15 grade","Metal",{"$f":"#REF!","v":{"$error":"#REF!"}},"x",{"v":0.48,"d":"0.480"},"=",{"$nulls":3},{"$f":"ROUND(D57*F57,2)","v":{"$error":"#REF!"}},{"$nulls":3},{"$f":"ROUND(D57*275/1000,2)","v":{"$error":"#REF!"}}]
[null,null,"Metal",{"$f":"D57","v":{"$error":"#REF!"}},"x",{"v":0.24,"d":"0.240"},"=",{"$nulls":4},{"$f":"ROUND(D58*F58,2)","v":{"$error":"#REF!"}}]
[null,null,"Metal",{"$f":"D58","v":{"$error":"#REF!"}},"x",{"v":0.08,"d":"0.080"},"=",{"$nulls":5},{"$f":"ROUND(D59*F59,2)","v":{"$error":"#REF!"}}]
[null,null,"Sand",{"$f":"D59","v":{"$error":"#REF!"}},"x",0.48,"=",null,{"$f":"ROUND(D60*F60,2)","v":{"$error":"#REF!"}}]
[25,"Guide posts","Metal",{"$f":"#REF!","v":{"$error":"#REF!"}},"x",0.594,"=",{"$nulls":4},{"$f":"ROUND(D61*F61,2)","v":{"$error":"#REF!"}},null,null,{"$f":"ROUND(D61*403/1000,2)","v":{"$error":"#REF!"}},{"$f":"ROUND(D61*403/1000,2)","v":{"$error":"#REF!"}}]
[null,null,"Metal",{"$f":"D61","v":{"$error":"#REF!"}},"x",0.306,"=",{"$nulls":5},{"$f":"ROUND(D62*F62,2)","v":{"$error":"#REF!"}}]
[null,null,"Sand",{"$f":"D62","v":{"$error":"#REF!"}},"x",0.45,"=",null,{"$f":"ROUND(D63*F63,2)","v":{"$error":"#REF!"}}]
[26,"CC Pavement M-20","Metal",{"$f":"#REF!","v":{"$error":"#REF!"}},"x",0.594,"=",{"$nulls":4},{"$f":"ROUND(D64*F64,2)","v":{"$error":"#REF!"}},null,null,{"$f":"ROUND(D64*330/1000,2)","v":{"$error":"#REF!"}}]
[null,null,"Metal",{"$f":"D64","v":{"$error":"#REF!"}},"x",0.306,{"$nulls":6},{"$f":"ROUND(D65*F65,2)","v":{"$error":"#REF!"}}]
[null,null,"Sand",{"$f":"D65","v":{"$error":"#REF!"}},"x",0.45,"=",null,{"$f":"ROUND(D66*F66,2)","v":{"$error":"#REF!"}}]
[null,"Sub estimate"]
[27,"Earthwork","Earth",{"$f":"#REF!","v":{"$error":"#REF!"}},null,null,"=",{"$f":"D68","v":{"$error":"#REF!"}}]
[28,"PCC M-10 Grade","Metal",{"$f":"#REF!","v":{"$error":"#REF!"}},"x",{"v":0.9,"d":"0.900"},"=",{"$nulls":3},{"$f":"ROUND(D69*F69,2)","v":{"$error":"#REF!"}},{"$nulls":3},{"$f":"ROUND(D69*220/1000,2)","v":{"$error":"#REF!"}}]
[null,null,"Sand",{"$f":"D69","v":{"$error":"#REF!"}},"x",0.45,"=",null,{"$f":"ROUND(D70*F70,2)","v":{"$error":"#REF!"}}]
[]
[{"$nulls":7},{"$f":"SUM(H5:H71)","v":{"$error":"#REF!"}},{"$error":"#REF!"},168.38,{"$error":"#REF!"},{"$error":"#REF!"},{"$error":"#REF!"},{"$error":"#REF!"},{"$error":"#REF!"}]
[{"$nulls":7},{"v":45,"d":"45.00"},{"v":100,"d":"100.00"},{"v":90,"d":"90.00"},{"v":90,"d":"90.00"},{"v":90,"d":"90.00"},{"v":90,"d":"90.00"},{"v":90,"d":"90.00"},"MT"]
[{"$nulls":6},"=",{"$f":"ROUND(H72*H73,2)","v":{"$error":"#REF!"}},{"v":0,"d":"0.00"},{"v":15154.2,"d":"15154.20"},{"$error":"#REF!"},{"$error":"#REF!"},{"$error":"#REF!"},{"$error":"#REF!"}]
[{"$nulls":4},"Total ",null,"=",{"$f":"SUM(H74:N74)","v":{"$error":"#REF!"}},"Or",{"$f":"ROUND(H75,0)","v":{"$error":"#REF!"}}]
[]
[]
[{"$nulls":8},{"$f":"'lead 2025-26'!G36","v":"PRI Sub Division"},{"$nulls":3},{"$f":"'lead 2025-26'!J36","v":"Mandal Praja Parishad"}]
[{"$nulls":8},{"$f":"'lead 2025-26'!G37","v":"Kanigiri"},{"$nulls":3},{"$f":"'lead 2025-26'!J37","v":"Kanigiri"}]
[{"$nulls":12},{"$f":"'lead 2025-26'!J38","v":{"v":0,"d":"0.000"}}]

{"sheet":"CERTI ","index":16,"n_rows":25,"n_cols":8,"rows_kept":25,"hidden":true,"merged":[[0,2,0,8],[7,0,7,8],[9,1,9,8],[10,1,10,8],[11,1,11,8],[12,1,12,8],[13,1,13,8],[14,1,14,8],[16,1,16,8],[17,1,17,8]]}
["1) Name of the Work:",null,{"$f":"'lead 2025-26'!C3","v":"Providing internal CC roads in Ganugapenta GP of Kanigiri Mandal."}]
["2) Estimate Cost:",null,{"$f":"'lead 2025-26'!K4","v":"20.00 Lakhs"}]
["3) Grant:",null,{"$f":"'C-1'!C3","v":"MGNREGS Grant"}]
[]
[]
[]
[]
["CERTIFICATES"]
[]
[1,"Certified that the work is completed in all respect"]
[2,"Certified that the Contractor has accepted all measurements recorded"]
[3,"Certified that the Contractor has conveyed for all materials from the approved quarry for use on the work as per lead statement."]
[4,"Certified that the materials used the above work were brought from approved quarry"]
[5,"Certified to the effect that no recoveries are out standing against the Contractor"]
[6,"Certified that the contractor has engaged Technical persons Namely"]
[null,"1)",{"$nulls":4},"2)"]
[null,"and they are available through out the execution"]
[6,"Certified that there are no IR Paras/ Audit objections pending against this work."]
[]
[]
[]
[]
[{"$nulls":5},"Dy.Executive Engineer",null,{"$f":"'lead 2025-26'!J36","v":"Mandal Praja Parishad"}]
[{"$nulls":5},"PRI Sub Division",null,{"$f":"'lead 2025-26'!J37","v":"Kanigiri"}]
[{"$nulls":5},"Kanigiri",null,{"$f":"'lead 2025-26'!J38","v":0}]

{"sheet":"RE-DE","index":17,"n_rows":10,"n_cols":7,"rows_kept":10,"hidden":true,"merged":[[0,0,0,8],[1,0,1,2],[1,3,1,8],[2,0,2,2],[2,3,2,8],[4,0,4,8]]}
["RELEASE AND DISCHARGE CERTIFICATE"]
["Name of the work",null,null,{"$f":"'lead 2025-26'!C3","v":"Providing internal CC roads in Ganugapenta GP of Kanigiri Mandal."}]
["Est,Rs,",null,null,{"$f":"'lead 2025-26'!K4","v":"20.00 Lakhs"}]
[]
["                            I do here by release and discharge with the Executive Engineer, PRI Division, Kandukur all claims and demand what so ever arising out of the work or contracts with the contract vide commencement letter  Dt 04.12.2015  with full and final settlement of my all claims and demands of the work"]
[]
[]
[]
[]
[{"$nulls":6},"Contractor"]

{"sheet":"voucer part","index":18,"n_rows":25,"n_cols":16,"rows_kept":25,"hidden":true,"merged":[[0,0,0,11],[1,0,1,11],[6,0,7,0],[6,1,7,1],[6,2,7,2],[6,3,7,3],[6,4,6,10],[6,11,7,11],[7,4,7,6],[7,7,7,8],[8,4,8,6],[8,7,8,8]]}
["STATEMENT OF VOUCHER WISE PARTCICULARS OF MGNREGS WORKS"]
[{"$f":"'lead 2025-26'!B3&'lead 2025-26'!C3","v":"Name of the work : Providing internal CC roads in Ganugapenta GP of Kanigiri Mandal."}]
["ID No",{"$f":"'CC f -2'!E2","v":0}]
["Mandal","Kanigiri"]
["Grant",{"$f":"'C-1'!C3","v":"MGNREGS Grant"},{"$nulls":7},"Estt. Rs ",{"$f":"'lead 2025-26'!K4","v":"20.00 Lakhs"}]
[{"$nulls":9},"Sub Division : Kanigiri"]
["S.No","M.B.No.","Description of Material","Executive Quantity","Voucher",{"$nulls":6},"Net Amount",{"$f":"[3]WORK!B39","v":0}]
[{"$nulls":4},"VO No. & Date",null,null,"Quantity",null,"Rate ","Amount"]
["1","2","3","4","5",null,null,"6",null,"7","8","9"]
["1",null,"Cement (OPC-53)",{"$f":"'CC f -2'!D18","v":{"v":71.7,"d":"71.700"}},{"$f":"A10","v":"1"},"/",null,{"$f":"N10","v":{"v":72,"d":"72.00"}},"MT",{"$f":"'CC f -2'!F18","v":{"v":5400,"d":"5400.00"}},{"$f":"ROUND(H10*J10,20)","v":{"v":388800,"d":"388800.00"}},{"$f":"'CC f -2'!I18","v":{"v":387180,"d":"387180.00"}},null,{"$f":"CEILING(D10,0.5)","v":{"v":72,"d":"72.00"}},null,{"$f":"K10-L10","v":{"v":1620,"d":"1620.00"}}]
["2",null,"Sand for Concrete",{"$f":"'CC f -2'!D19","v":97.77},{"$f":"A11","v":"2"},"/",null,{"$f":"CEILING(M11,0.5)","v":{"v":35,"d":"35.00"}},"Units",{"$f":"CEILING(N11,100)","v":{"v":6600,"d":"6600.00"}},{"$f":"ROUND(H11*J11,20)","v":{"v":231000,"d":"231000.00"}},{"$f":"'CC f -2'!I19+'CC f -2'!I27","v":{"v":227771,"d":"227771.00"}},{"$f":"D11/2.83","v":{"v":34.54770318021201,"d":"34.55"}},{"$f":"'lead 2025-26'!K9*2.83","v":{"v":6592.937799999969,"d":"6592.94"}},null,{"$f":"K11-L11","v":{"v":3229,"d":"3229.00"}}]
["3",null,"Granular Sub base",{"$f":"'CC f -2'!D26","v":{"v":140.32000000000002,"d":"140.32"}},{"$f":"A12","v":"3"},"/",null,{"v":50,"d":"50.00"},"Units",{"$f":"CEILING(N12,100)","v":{"v":5100,"d":"5100.00"}},{"$f":"ROUND(H12*J12,20)","v":{"v":255000,"d":"255000.00"}},{"$f":"'CC f -2'!I26","v":{"v":252229,"d":"252229.00"}},{"v":49.583038869257955,"d":"49.58"},{"$f":"'CC f -2'!F26*2.83","v":{"v":5087.0099,"d":"5087.01"}},null,{"v":2771,"d":"2771.00"}]
["3",null,"40MM HBG Metal",{"$f":"'CC f -2'!D20","v":{"v":0,"d":"0.00"}},{"$f":"A13","v":"3"},"/",null,{"v":0,"d":"0.00"},"Units",{"$f":"CEILING(N13,100)","v":{"v":5000,"d":"5000.00"}},{"$f":"ROUND(H13*J13,20)","v":{"v":0,"d":"0.00"}},{"$f":"ROUND(D13*'lead 2025-26'!K13,0)","v":{"v":0,"d":"0.00"}},{"v":0,"d":"0.00"},{"$f":"'lead 2025-26'!K13*2.83","v":{"v":4950.5473,"d":"4950.55"}},null,{"$f":"K13-L13","v":{"v":0,"d":"0.00"}}]
["4",null,"20MM HBG Metal",{"$f":"'CC f -2'!D21","v":129.05},{"$f":"A14","v":"4"},"/",null,{"v":46,"d":"46.00"},"Units",{"$f":"CEILING(N14,100)","v":{"v":6800,"d":"6800.00"}},{"v":312800,"d":"312800.00"},{"$f":"ROUND(D14*'lead 2025-26'!K11,0)","v":{"v":308824,"d":"308824.00"}},{"v":45.60070671378092,"d":"45.60"},{"$f":"'lead 2025-26'!K11*2.83","v":{"v":6772.359800000001,"d":"6772.36"}},null,{"v":3976,"d":"3976.00"}]
["5",null,"12MM HBG Metal",{"$f":"'CC f -2'!D22","v":66.48},"5","/",null,{"v":23.5,"d":"23.50"},"Units",{"v":5900,"d":"5900.00"},{"v":138650,"d":"138650.00"},{"$f":"ROUND(D15*'lead 2025-26'!K12,0)","v":{"v":137402,"d":"137402.00"}},{"v":23.491166077738516,"d":"23.49"},{"$f":"'lead 2025-26'!K12*2.83","v":{"v":5849.072300000002,"d":"5849.07"}},null,{"v":1248,"d":"1248.00"}]
["3",null,"Wetmix mecadam",{"$f":"seigneorage!#REF!+seigneorage!#REF!","v":{"$error":"#REF!"}},{"$f":"A16","v":"3"},"/",null,{"$f":"CEILING(M16,0.5)","v":{"$error":"#REF!"}},"Units",{"$f":"CEILING(N16,100)","v":{"$error":"#REF!"}},{"$f":"ROUND(H16*J16,20)","v":{"$error":"#REF!"}},{"$f":"'R-2'!P10+'R-2'!P13","v":{"$error":"#REF!"}},{"$f":"D16/2.83","v":{"$error":"#REF!"}},{"$f":"(L16/D16)*2.83","v":{"$error":"#REF!"}},null,{"$f":"K16-L16","v":{"$error":"#REF!"}}]
["6",null,"Selected earth",{"$f":"'CC f -2'!D23","v":{"v":34.50000000000001,"d":"34.50"}},"6","/",null,{"v":12.5,"d":"12.50"},"Units",{"v":1000,"d":"1000.00"},{"v":12500,"d":"12500.00"},{"$f":"'CC f -2'!I23","v":{"v":11662,"d":"11662.00"}},{"v":12.190812720848058,"d":"12.19"},{"$f":"'CC f -2'!F23*2.83","v":{"v":956.6248999999999,"d":"956.62"}},null,{"v":838,"d":"838.00"}]
["6",null,"Other items",{"v":1,"d":"1.00"},"6","/",null,{"v":1,"d":"1.00"},"No",{"$f":"CEILING(L18,1000)","v":{"$error":"#REF!"}},{"$error":"#REF!"},{"$f":"'CC f -2'!I32+'CC f -2'!I24+'CC f -2'!I25+'CC f -2'!I30+'CC f -2'!I31","v":{"$error":"#REF!"}},{"$nulls":3},{"$error":"#REF!"}]
["7",null,"Labour component",{"$nulls":7},{"$f":"'CC f -2'!I17","v":{"v":519,"d":"519.00"}},{"$f":"K19","v":{"v":519,"d":"519.00"}},{"$nulls":3},{"v":0,"d":"0.00"}]
[{"$nulls":10},{"$f":"SUM(K10:K19)","v":{"$error":"#REF!"}},{"$f":"SUM(L10:L19)","v":{"$error":"#REF!"}},{"$f":"'CC f -2'!H40-'CC f -2'!I31-'CC f -2'!I33-'CC f -2'!I34-'CC f -2'!H29","v":{"$error":"#REF!"}},{"$f":"L20-M20","v":{"$error":"#REF!"}}]
[{"$nulls":12},{"$f":"K20-L20","v":{"$error":"#REF!"}}]
[]
[{"$nulls":4},{"$f":"'[4]lead 2023-24'!G21","v":"Deputy Executive Engineer"},{"$nulls":4},{"$f":"'lead 2025-26'!J36","v":"Mandal Praja Parishad"}]
[{"$nulls":4},{"$f":"'[4]lead 2023-24'!G22","v":"PRI Sub Division: Kanigiri"},{"$nulls":4},{"$f":"'lead 2025-26'!J37","v":"Kanigiri"}]
[{"$nulls":9},{"$f":"'lead 2025-26'!J38","v":0}]

{"sheet":"1","index":19,"n_rows":19,"n_cols":9,"rows_kept":19,"hidden":true,"merged":[[0,0,0,8],[1,0,1,2],[1,5,1,8],[2,0,2,8],[3,0,3,3],[3,4,3,6],[17,0,17,8],[18,0,18,8]]}
["HAND RECEIPT"]
["       Received an amount of Rs ",null,null,{"$f":"'voucer part'!K11","v":{"v":231000,"d":"231000.00"}},"(Rupees","Eighteen thousand and two hundred only)"]
[{"$f":"\"Payment towards the work \"&'lead 2025-26'!C3&\" with Estimate cost for Rs. \"&'lead 2025-26'!K4&\" under MGNREGS (100%) Grant during the year 2024-25\"","v":"Payment towards the work Providing internal CC roads in Ganugapenta GP of Kanigiri Mandal. with Estimate cost for Rs. 20.00 Lakhs under MGNREGS (100%) Grant during the year 2024-25"}]
["purpose for which payment is made :",{"$nulls":3},"Sand for Concrete",null,null,{"$f":"'voucer part'!D11","v":97.77},"Cum"]
{"$rows_empty":8}
[null,"Payee",{"$nulls":5},"Receiver"]
[]
[]
[]
[]
["Certified that the item was recorded vide page no.      of M.B.No.  ……………………….  for the work"]
[{"$f":"\"\"&'lead 2025-26'!C3&'lead 2025-26'!K4&\" under MGNREGS (100%) Grant during the year 2024-25\"","v":"Providing internal CC roads in Ganugapenta GP of Kanigiri Mandal.20.00 Lakhs under MGNREGS (100%) Grant during the year 2024-25"}]

{"sheet":"2","index":20,"n_rows":19,"n_cols":9,"rows_kept":19,"hidden":true,"merged":[[0,0,0,8],[1,0,1,2],[1,5,1,8],[2,0,2,8],[3,0,3,3],[3,4,3,6],[17,0,17,8],[18,0,18,8]]}
["HAND RECEIPT"]
["       Received an amount of Rs ",null,null,{"$f":"'voucer part'!K17","v":{"v":12500,"d":"12500.00"}},"(Rupees","Twenty seven thousand six hundred and fifty only)"]
[{"$f":"\"Payment towards the work \"&'lead 2025-26'!C3&\" with Estimate cost for Rs. \"&'lead 2025-26'!K4&\" under MGNREGS (100%) Grant during the year 2024-25\"","v":"Payment towards the work Providing internal CC roads in Ganugapenta GP of Kanigiri Mandal. with Estimate cost for Rs. 20.00 Lakhs under MGNREGS (100%) Grant during the year 2024-25"}]
["purpose for which payment is made :",{"$nulls":3},"Selected Earth",null,null,{"$f":"'voucer part'!D17","v":{"v":34.50000000000001,"d":"34.50"}},"Cum"]
{"$rows_empty":8}
[null,"Payee",{"$nulls":5},"Receiver"]
[]
[]
[]
[]
["Certified that the item was recorded vide page no.      of M.B.No.  ……………………….  for the work"]
[{"$f":"\"\"&'lead 2025-26'!C3&'lead 2025-26'!K4&\" under MGNREGS (100%) Grant during the year 2024-25\"","v":"Providing internal CC roads in Ganugapenta GP of Kanigiri Mandal.20.00 Lakhs under MGNREGS (100%) Grant during the year 2024-25"}]

{"sheet":"3","index":21,"n_rows":19,"n_cols":8,"rows_kept":19,"hidden":true,"merged":[[0,0,0,8],[1,0,1,2],[1,5,1,8],[2,0,2,8],[3,0,3,3],[3,4,3,8],[17,0,17,8],[18,0,18,8]]}
["HAND RECEIPT"]
["       Received an amount of Rs ",null,null,{"$f":"'voucer part'!K18","v":{"$error":"#REF!"}},"(Rupees","One lakh and three thousand  only)"]
[{"$f":"\"Payment towards the work \"&'lead 2025-26'!C3&\" with Estimate cost for Rs. \"&'lead 2025-26'!K4&\" under MGNREGS (100%) Grant during the year 2024-25\"","v":"Payment towards the work Providing internal CC roads in Ganugapenta GP of Kanigiri Mandal. with Estimate cost for Rs. 20.00 Lakhs under MGNREGS (100%) Grant during the year 2024-25"}]
["purpose for which payment is made :",{"$nulls":3},"Contingency and unforeseen items"]
{"$rows_empty":8}
[null,"Payee",{"$nulls":5},"Receiver"]
[]
[]
[]
[]
["Certified that the item was recorded vide page no.      of M.B.No.  ……………………….  for the work"]
[{"$f":"\"\"&'lead 2025-26'!C3&'lead 2025-26'!K4&\" under MGNREGS (100%) Grant during the year 2024-25\"","v":"Providing internal CC roads in Ganugapenta GP of Kanigiri Mandal.20.00 Lakhs under MGNREGS (100%) Grant during the year 2024-25"}]

{"sheet":"M-1 ","index":22,"n_rows":23,"n_cols":10,"rows_kept":23,"hidden":true,"merged":[[3,1,3,4],[3,6,3,9],[4,1,4,4],[4,6,4,9],[5,1,5,4],[5,6,5,9],[7,2,8,4],[7,7,8,9],[22,3,22,4],[22,8,22,9]]}
[]
[null,"No.                         Receipt:                       Date:",{"$nulls":4},"No.                         Receipt:                       Date:"]
[]
[null,"SRI VENKATESWARA LORRY SERVICE",{"$nulls":4},"SRI VENKATESWARA LORRY SERVICE"]
[null,"(SAI LAKSHMI STORE CRUSHERS)",{"$nulls":4},"(SAI LAKSHMI STORE CRUSHERS)"]
[null,"BUDAWADA, CHEEMAKURTHI MANDAL",{"$nulls":4},"RAMATHERDHAM, CHEEMAKURTHI MANDAL"]
[]
[null,"Party Name:",{"$f":"'C-1'!E13","v":0},{"$nulls":3},"Party Name:",{"$f":"C8","v":0}]
[]
[]
[null,"Sizes","Units","Rate","Amount",null,"Sizes","Units","Rate","Amount"]
[null,"40mm",{"$nulls":4},"40mm",{"$f":"'voucer part'!H13","v":{"v":0,"d":"0.00"}},{"$f":"'voucer part'!J13","v":{"v":5000,"d":"5000.00"}},{"$f":"'voucer part'!K13","v":{"v":0,"d":"0.00"}}]
[null,"20-12mm",{"$nulls":4},"wet mix",{"$f":"'voucer part'!H16","v":{"$error":"#REF!"}},{"$f":"'voucer part'!J16","v":{"$error":"#REF!"}},{"$f":"'voucer part'!K16","v":{"$error":"#REF!"}}]
[null,"20MM",{"$nulls":4},"20MM",{"$f":"'voucer part'!H14","v":{"v":46,"d":"46.00"}},{"$f":"'voucer part'!J14","v":{"v":6800,"d":"6800.00"}},{"$f":"'voucer part'!K14","v":{"v":312800,"d":"312800.00"}}]
[null,"12MM",{"$nulls":4},"12MM",{"$f":"'voucer part'!H15","v":{"v":23.5,"d":"23.50"}},{"$f":"'voucer part'!J15","v":{"v":5900,"d":"5900.00"}},{"$f":"'voucer part'!K15","v":{"v":138650,"d":"138650.00"}}]
[null,"9.50 to 475mm",null,null,{"$f":"ROUND(C16*D16,0)","v":{"v":0,"d":"0.00"}},null,"9.50 to 475mm"]
[null,"4.75 to 2.36mm",{"$nulls":4},"4.75 to 2.36mm",{"$f":"'voucer part'!H12","v":{"v":50,"d":"50.00"}},{"$f":"'voucer part'!J12","v":{"v":5100,"d":"5100.00"}},{"$f":"'voucer part'!K12","v":{"v":255000,"d":"255000.00"}}]
[null,"Dust",{"$nulls":4},"Dust"]
[null,"Total",null,null,{"$f":"SUM(E12:E18)","v":{"v":0,"d":"0.00"}},null,"Total",null,null,{"$f":"SUM(J12:J18)","v":{"$error":"#REF!"}}]
[]
[]
[]
[{"$nulls":3},"Signature",{"$nulls":4},"Signature"]

{"sheet":"M-2","index":23,"n_rows":2,"n_cols":7,"rows_kept":2,"hidden":true,"merged":[[0,1,0,4],[0,6,0,9],[1,1,1,4],[1,6,1,9],[2,1,2,4],[2,6,2,9]]}
[null,{"$f":"'3'!A18","v":"Certified that the item was recorded vide page no.      of M.B.No.  ……………………….  for the work"},{"$nulls":4},{"$f":"B1","v":"Certified that the item was recorded vide page no.      of M.B.No.  ……………………….  for the work"}]
[null,{"$f":"'2'!A19","v":"Providing internal CC roads in Ganugapenta GP of Kanigiri Mandal.20.00 Lakhs under MGNREGS (100%) Grant during the year 2024-25"},{"$nulls":4},{"$f":"B2","v":"Providing internal CC roads in Ganugapenta GP of Kanigiri Mandal.20.00 Lakhs under MGNREGS (100%) Grant during the year 2024-25"}]

{"sheet":"work list","index":24,"n_rows":40,"n_cols":10,"rows_kept":40,"hidden":true,"merged":[[0,0,0,6]]}
["LIST OF WORKS  UNDER MGNREGS IN KANIGIRI CONSTITUENCY"]
["S.No","Constituency","Name of the Mandal","Name of the GP","Habitation","Name of the work","Estimate ost in Rs.lakhs",null,"Sand","Metal"]
[1,"Kanigiri","Kanigiri","Bommireddipalli","Gundlapalem","Construction of Internal CC road from Kadapa Sudhakar house to Vinukonda Yerra Kondaiah house in Gundlapalem village of Bommireddypalli GP of Kanigiri Mandal.",{"v":5,"d":"5.00"},"5.00 Lakhs",{"v":50,"d":"50.00"},62]
[2,"Kanigiri","Kanigiri","Bommireddipalli","Regimanupalli","Construction of Internal CC road from Basireddy Prasad house to  Jakkireddy Nagaiah house in Regimanipalli village of Bommireddypalli GP of  Kanigiri Mandal.",{"v":5,"d":"5.00"},"5.00 Lakhs",{"v":50,"d":"50.00"},62]
[3,"Kanigiri","Kanigiri","Guruvajipeta","Buddayapalli","Construction of internal CC road in SC palem of Buddayapalli village of Guruvajipeta GP of Kanigiri Mandal.",{"v":5,"d":"5.00"},"5.00 Lakhs",{"v":63,"d":"63.00"},74]
[4,"Kanigiri","Kanigiri","Punugodu","Punugodu","Construction of internal balance CC road  in Punugodu village and GP of Kanigiri Mandal.",{"v":3,"d":"3.00"},"3.00 Lakhs",{"v":46,"d":"46.00"},58]
[5,"Kanigiri","Kanigiri","China Alavalapadu","Lingareddypalli","Construction of internal CC road from Nagarpamma temple to Kummari Bala nagu house in Lingareddypalli village of China Alavalapadu GP of Kanigiri Mandal.",{"v":3,"d":"3.00"},"3.00 Lakhs",{"v":38,"d":"38.00"},60]
[6,"Kanigiri","Kanigiri","Vangaadu","Yeguvapalli","Construction of internal cc roads in ST colony of Eguvapalli village of Vangapadu GP of Kanigiri Mandal.",{"v":3,"d":"3.00"},"3.00 Lakhs",{"v":65,"d":"65.00"},78]
[7,"Kanigiri","Kanigiri","Gosulaveedu","Gosulaveedu","Construction  of internal CC road from Nukathoti Venkataswamy house to Muddapadu road in SC colony of Gosulaveedu village and GP of Kanigiri Mandal.",{"v":3,"d":"3.00"},"3.00 Lakhs",{"v":65,"d":"65.00"},78]
[8,"Kanigiri","Kanigiri","Ballipalli","Ballipalli","Construction of internal CC road in SC colony of Ballipalli village and GP of Kanigiri Mandal.",{"v":3,"d":"3.00"},"3.00 Lakhs",{"v":55,"d":"55.00"},67]
[9,"Kanigiri","Kanigiri","Cheerladinne","Cheerladinne","Construction of internal CC road  in Cheerladinne GP of Kanigiri Mandal.",{"v":3,"d":"3.00"},"3.00 Lakhs",{"v":58,"d":"58.00"},70]
[10,"Kanigiri","Kanigiri","Gudipapdu","Gudipapdu","Construction of internal cc road  from R&B Road to MPP School in Kothapalem village of Gudipadu GP of Kanigiri Mandal.",{"v":5,"d":"5.00"},"5.00 Lakhs",{"v":62,"d":"62.00"},74]
[11,"Kanigiri","Kanigiri","Yeruvaripalli","Yeruvaripalli","Construction of internal cc road  at Ankalamma temple road in Yeruvaripalli village and GP of Kanigiri Mandal.",{"v":3,"d":"3.00"},"3.00 Lakhs",{"v":36,"d":"36.00"},62]
[12,"Kanigiri","Kanigiri","Chakirala","Chakirala","Construction of internal CC road from Kondru Kondamma gp house to Jonnagadda Prabhudas house in SC  Palem of Chakirala GP of Kanigiri Mandal.",{"v":3,"d":"3.00"},"3.00 Lakhs",{"v":43,"d":"43.00"},54]
[13,"Kanigiri","Kanigiri","Chakirala","Chakirala","Construction of internal cc road from Jonnagadda Prabhudas  house to Jonnagadda Prakasam house  in Sc  Palem of Chakirala GP of Kanigiri Mandal.",{"v":4,"d":"4.00"},"4.00 Lakhs",{"v":43,"d":"43.00"},54]
[14,"Kanigiri","Kanigiri","Chinairlapadu","Chinairlapadu","Construction of internal CC road in  Chinairlapadu GP of Kanigiri Mandal.",{"v":3,"d":"3.00"},"3.00 Lakhs",{"v":24,"d":"24.00"},70]
[15,"Kanigiri","Kanigiri","Yadavalli","Yadavalli","Construction of internal CC roads in Yadavalli GP of Kanigiri Mandal.",{"v":3,"d":"3.00"},"3.00 Lakhs",{"v":52,"d":"52.00"},45]
[16,"Kanigiri","P..C.Palli","Peda alavlaapdu","Vengalapuram","Construction of internal cc road from Bathula Malakondaiah house to Adhimulapu Ramanaiah house in Vengalapuram village of Peda Alavalapadu GP in P.C.Palli Mandal.",{"v":10,"d":"10.00"},"10.00 Lakhs",{"v":22,"d":"22.00"},{"v":66,"d":"66.00"}]
[17,"Kanigiri","P..C.Palli","Pedairlapadu","Kodandaramapuram","Construcion of culvert and cc roads in Kodandaramapuram village of Pedairlapadu GP in P.C.Palli Mandal.",{"v":5,"d":"5.00"},"5.00 Lakhs",{"v":40,"d":"40.00"},{"v":84,"d":"84.00"}]
[18,"Kanigiri","P..C.Palli","Muddapadu","Muddapadu","Improvements and Extenstion of wing walls to the culvert at Paletivagu on the road from Vakamvaripalli to Kotha muddapadu village of Muddapadu GP in P.C.Palli Mandal.",{"v":10,"d":"10.00"},"10.00 Lakhs",{"v":39,"d":"39.00"},{"v":70,"d":"70.00"}]
[19,"Kanigiri","P..C.Palli","Battupalli","Peda Battupalli","Construction of internal cc roads  in Peda Battupalli GP in P.C.Palli Mandal.",{"v":5,"d":"5.00"},"5.00 Lakhs",{"v":36,"d":"36.00"},{"v":67,"d":"67.00"}]
[20,"Kanigiri","P..C.Palli","PC Palli","PC Palli","Construction of balance internal cc roads in PC  palli village and GP in P.C.Palli Mandal.",{"v":5,"d":"5.00"},"5.00 Lakhs",{"v":30,"d":"30.00"},{"v":74,"d":"74.00"}]
[21,"Kanigiri","P..C.Palli","PC Palli","Gopavarapuvaripalli","Construction of balance internal cc roads in Gopavarapupalli village  of PC  palli  GP in P.C.Palli Mandal.",{"v":5,"d":"5.00"},"5.00 Lakhs",{"v":30,"d":"30.00"},{"v":74,"d":"74.00"}]
[22,"Kanigiri","P..C.Palli","PC Palli","Chavitipalli","Construction of  internal cc roads in Chavitipalli village  of PC  palli  GP in P.C.Palli Mandal.",{"v":5,"d":"5.00"},"5.00 Lakhs",{"v":30,"d":"30.00"},{"v":74,"d":"74.00"}]
[23,"Kanigiri","P..C.Palli","Pedirlapadu","Pedairlapadu","Construction of  internal cc roads  from Myla Mayadri house to Kadiri sreenu house in Pedairlapadu village and GP in P.C.Palli Mandal.",{"v":4,"d":"4.00"},"4.00 Lakhs",{"v":40,"d":"40.00"},{"v":84,"d":"84.00"}]
[24,"Kanigiri","P..C.Palli","Pedirlapadu","Pedairlapadu","Construction of  internal cc roads  from R&B road to Lankireddy Janaki Ramaiah house and others  in Pedairlapadu village and GP in P.C.Palli Mandal.",{"v":6,"d":"6.00"},"6.00 Lakhs",{"v":40,"d":"40.00"},{"v":84,"d":"84.00"}]
[25,"Kanigiri","P..C.Palli","Guntupalli","Mulevaripalli","Construction of internal cc road from R&B road to Mule Malayadri house  at Mulevaripalli village of Guntupalli GP",{"v":5,"d":"5.00"},"5.00 Lakhs",{"v":50,"d":"50.00"},{"v":94,"d":"94.00"}]
[26,"Kanigiri","H.M.Padu","Valicherla","Valicherla","Providing internal CC roads in Valicherla GP of H.M.Padu Mandal.",{"v":5,"d":"5.00"},"5.00 Lakhs",{"v":65,"d":"65.00"},{"v":73,"d":"73.00"}]
[27,"Kanigiri","H.M.Padu","Valicherla","Valicherla","Providing internal CC roads in Valicherla GP of H.M.Padu Mandal.",{"v":5,"d":"5.00"},"5.00 Lakhs",{"v":65,"d":"65.00"},{"v":73,"d":"73.00"}]
[28,"Kanigiri","H.M.Padu","H.M.Padu","H.M.Padu","Providing internal CC roads in Hanumanthunipadu GP of H.M.Padu Mandal.",{"v":5,"d":"5.00"},"5.00 Lakhs",{"v":50,"d":"50.00"},{"v":53,"d":"53.00"}]
[29,"Kanigiri","H.M.Padu","H.M.Padu","H.M.Padu","Providing internal CC roads in Hanumanthunipadu GP of H.M.Padu Mandal.",{"v":5,"d":"5.00"},"5.00 Lakhs",{"v":50,"d":"50.00"},{"v":53,"d":"53.00"}]
[30,"Kanigiri","H.M.Padu","Dasaripalli","Dasaripalli","Providing internal CC roads in Dasaripalli GP of H.M.Padu Mandal.",{"v":5,"d":"5.00"},"5.00 Lakhs",{"v":60,"d":"60.00"},{"v":53,"d":"53.00"}]
[31,"Kanigiri","H.M.Padu","Dasaripalli","Dasaripalli","Providing internal CC roads in Dasaripalli GP of H.M.Padu Mandal.",{"v":5,"d":"5.00"},"5.00 Lakhs",{"v":60,"d":"60.00"},{"v":53,"d":"53.00"}]
[32,"Kanigiri","H.M.Padu","Pedagollapalli","Pedagollapalli","Providing internal CC roads in Pedagollapalli GP of H.M.Padu Mandal.",{"v":5,"d":"5.00"},"5.00 Lakhs",{"v":61,"d":"61.00"},{"v":69,"d":"69.00"}]
[33,"Kanigiri","H.M.Padu","Pedagollapalli","Pedagollapalli","Providing internal CC roads in Pedagollapalli GP of H.M.Padu Mandal.",{"v":3,"d":"3.00"},"3.00 Lakhs",{"v":61,"d":"61.00"},{"v":69,"d":"69.00"}]
[34,"Kanigiri","H.M.Padu","H.M.Puram","H.M.Puram","Providing internal CC roads in Hanumanthapuram GP of H.M.Padu Mandal.",{"v":4,"d":"4.00"},"4.00 Lakhs",{"v":53,"d":"53.00"},{"v":70,"d":"70.00"}]
[35,"Kanigiri","H.M.Padu","H.M.Puram","H.M.Puram","Providing internal CC roads in Hanumanthapuram GP of H.M.Padu Mandal.",{"v":3,"d":"3.00"},"3.00 Lakhs",{"v":53,"d":"53.00"},{"v":70,"d":"70.00"}]
[36,"Kanigiri","H.M.Padu","Mittapalem","Mittapalem","Providing internal CC road from Mittapalem to Chakirala road in Mittapalem GP of H.M.Padu Mandal.",{"v":5,"d":"5.00"},"5.00 Lakhs",{"v":46,"d":"46.00"},{"v":58,"d":"58.00"}]
[37,"Kanigiri","H.M.Padu","Mittapalem","Mittapalem","Providing internal CC roads in Mittapalem GP of H.M.Padu Mandal.",{"v":5,"d":"5.00"},"5.00 Lakhs",{"v":46,"d":"46.00"},{"v":58,"d":"58.00"}]
[38,"Kanigiri","H.M.Padu","Gayamvaripalli","Gayamvaripalli","Providing CC road from R&B Road to Ramanareddy fields via Harizanawada in Gayamvaripalli village and GP of H.M.Padu Mandal.",{"v":5,"d":"5.00"},"5.00 Lakhs",{"v":62,"d":"62.00"},{"v":61,"d":"61.00"}]

{"sheet":"CON 2025-26","index":25,"n_rows":305,"n_cols":4,"rows_kept":305,"hidden":true,"merged":[[0,0,0,3],[1,1,1,3],[2,0,3,0]]}
["Conveyance charges-2025-26"]
[null,"As per Machinery"]
["Lead in KM","Earth/Sand/Gravel","Metal","Bricks"]
[null,"Initial lead Rete","Initial lead Rete","Initial lead Rete"]
[1,2,3,4]
[1,38.62,37.07,61.79]
[2,54.08,51.91,86.51]
[3,{"v":72.1,"d":"72.10"},69.21,115.34]
[4,87.55,84.04,140.06]
[5,{"v":103,"d":"103.00"},98.86,164.77]
[6,{"$f":"B10+15.45","v":118.45},{"$f":"C10+14.83","v":113.69},{"$f":"D10+24.72","v":189.49}]
[7,{"$f":"B11+15.45","v":{"v":133.9,"d":"133.90"}},{"$f":"C11+14.83","v":128.52},{"$f":"D11+24.72","v":214.21}]
[8,{"$f":"B12+15.45","v":149.35},{"v":143.35000000000002,"d":"143.35"},238.93]
[9,{"v":164.79999999999998,"d":"164.80"},{"v":158.18000000000004,"d":"158.18"},263.65]
[10,{"v":180.24999999999997,"d":"180.25"},{"v":173.01000000000005,"d":"173.01"},288.37]
[11,{"v":195.69999999999996,"d":"195.70"},{"v":187.84000000000006,"d":"187.84"},{"v":313.09000000000003,"d":"313.09"}]
[12,{"v":211.14999999999995,"d":"211.15"},{"v":202.67000000000007,"d":"202.67"},{"v":337.81000000000006,"d":"337.81"}]
[13,{"v":226.59999999999994,"d":"226.60"},{"v":217.50000000000009,"d":"217.50"},{"v":362.5300000000001,"d":"362.53"}]
[14,{"v":242.04999999999993,"d":"242.05"},{"v":232.3300000000001,"d":"232.33"},{"v":387.2500000000001,"d":"387.25"}]
[15,{"v":257.49999999999994,"d":"257.50"},{"v":247.1600000000001,"d":"247.16"},{"v":411.97000000000014,"d":"411.97"}]
[16,{"v":272.94999999999993,"d":"272.95"},{"v":261.9900000000001,"d":"261.99"},{"v":436.69000000000017,"d":"436.69"}]
[17,{"v":288.3999999999999,"d":"288.40"},{"v":276.8200000000001,"d":"276.82"},{"v":461.4100000000002,"d":"461.41"}]
[18,{"v":303.8499999999999,"d":"303.85"},{"v":291.6500000000001,"d":"291.65"},{"v":486.1300000000002,"d":"486.13"}]
[19,{"v":319.2999999999999,"d":"319.30"},{"v":306.4800000000001,"d":"306.48"},{"v":510.85000000000025,"d":"510.85"}]
[20,{"v":334.7499999999999,"d":"334.75"},{"v":321.31000000000006,"d":"321.31"},{"v":535.5700000000003,"d":"535.57"}]
[21,{"v":350.1999999999999,"d":"350.20"},{"v":336.14000000000004,"d":"336.14"},{"v":560.2900000000003,"d":"560.29"}]
[22,{"v":365.64999999999986,"d":"365.65"},350.97,{"v":585.0100000000003,"d":"585.01"}]
[23,{"v":381.09999999999985,"d":"381.10"},{"v":365.8,"d":"365.80"},{"v":609.7300000000004,"d":"609.73"}]
[24,{"v":396.54999999999984,"d":"396.55"},380.63,{"v":634.4500000000004,"d":"634.45"}]
[25,{"v":411.99999999999983,"d":"412.00"},395.46,{"v":659.1700000000004,"d":"659.17"}]
[26,{"v":427.4499999999998,"d":"427.45"},{"v":410.28999999999996,"d":"410.29"},{"v":683.8900000000004,"d":"683.89"}]
[27,{"v":442.8999999999998,"d":"442.90"},{"v":425.11999999999995,"d":"425.12"},{"v":708.6100000000005,"d":"708.61"}]
[28,{"v":458.3499999999998,"d":"458.35"},{"v":439.94999999999993,"d":"439.95"},{"v":733.3300000000005,"d":"733.33"}]
[29,{"v":473.7999999999998,"d":"473.80"},{"v":454.7799999999999,"d":"454.78"},{"v":758.0500000000005,"d":"758.05"}]
[30,{"v":489.2499999999998,"d":"489.25"},{"v":469.6099999999999,"d":"469.61"},{"v":782.7700000000006,"d":"782.77"}]
[31,{"$f":"B35+12.87","v":{"v":502.1199999999998,"d":"502.12"}},{"$f":"C35+12.36","v":{"v":481.9699999999999,"d":"481.97"}},{"$f":"D35+20.6","v":{"v":803.3700000000006,"d":"803.37"}}]
[32,{"$f":"B36+12.87","v":{"v":514.9899999999998,"d":"514.99"}},{"$f":"C36+12.36","v":{"v":494.3299999999999,"d":"494.33"}},{"$f":"D36+20.6","v":{"v":823.9700000000006,"d":"823.97"}}]
[33,{"v":527.8599999999998,"d":"527.86"},{"v":506.68999999999994,"d":"506.69"},{"v":844.5700000000006,"d":"844.57"}]
[34,{"v":540.7299999999998,"d":"540.73"},519.05,{"v":865.1700000000006,"d":"865.17"}]
[35,{"v":553.5999999999998,"d":"553.60"},531.41,{"v":885.7700000000007,"d":"885.77"}]
[36,{"v":566.4699999999998,"d":"566.47"},543.77,{"v":906.3700000000007,"d":"906.37"}]
[37,{"v":579.3399999999998,"d":"579.34"},556.13,{"v":926.9700000000007,"d":"926.97"}]
[38,{"v":592.2099999999998,"d":"592.21"},568.49,{"v":947.5700000000007,"d":"947.57"}]
[39,{"v":605.0799999999998,"d":"605.08"},580.85,{"v":968.1700000000008,"d":"968.17"}]
[40,{"v":617.9499999999998,"d":"617.95"},593.21,{"v":988.7700000000008,"d":"988.77"}]
[41,{"v":630.8199999999998,"d":"630.82"},605.57,{"v":1009.3700000000008,"d":"1009.37"}]
[42,{"v":643.6899999999998,"d":"643.69"},{"v":617.9300000000001,"d":"617.93"},{"v":1029.9700000000007,"d":"1029.97"}]
[43,{"v":656.5599999999998,"d":"656.56"},{"v":630.2900000000001,"d":"630.29"},{"v":1050.5700000000006,"d":"1050.57"}]
[44,{"v":669.4299999999998,"d":"669.43"},{"v":642.6500000000001,"d":"642.65"},{"v":1071.1700000000005,"d":"1071.17"}]
[45,{"v":682.2999999999998,"d":"682.30"},{"v":655.0100000000001,"d":"655.01"},{"v":1091.7700000000004,"d":"1091.77"}]
[46,{"v":695.1699999999998,"d":"695.17"},{"v":667.3700000000001,"d":"667.37"},{"v":1112.3700000000003,"d":"1112.37"}]
[47,{"v":708.0399999999998,"d":"708.04"},{"v":679.7300000000001,"d":"679.73"},{"v":1132.9700000000003,"d":"1132.97"}]
[48,{"v":720.9099999999999,"d":"720.91"},{"v":692.0900000000001,"d":"692.09"},{"v":1153.5700000000002,"d":"1153.57"}]
[49,{"v":733.7799999999999,"d":"733.78"},{"v":704.4500000000002,"d":"704.45"},1174.17]
[50,{"v":746.6499999999999,"d":"746.65"},{"v":716.8100000000002,"d":"716.81"},1194.77]
[51,{"v":759.5199999999999,"d":"759.52"},{"v":729.1700000000002,"d":"729.17"},1215.37]
[52,{"v":772.3899999999999,"d":"772.39"},{"v":741.5300000000002,"d":"741.53"},{"v":1235.9699999999998,"d":"1235.97"}]
[53,{"v":785.2599999999999,"d":"785.26"},{"v":753.8900000000002,"d":"753.89"},{"v":1256.5699999999997,"d":"1256.57"}]
[54,{"v":798.1299999999999,"d":"798.13"},{"v":766.2500000000002,"d":"766.25"},{"v":1277.1699999999996,"d":"1277.17"}]
[55,{"v":810.9999999999999,"d":"811.00"},{"v":778.6100000000002,"d":"778.61"},{"v":1297.7699999999995,"d":"1297.77"}]
[56,{"v":823.8699999999999,"d":"823.87"},{"v":790.9700000000003,"d":"790.97"},{"v":1318.3699999999994,"d":"1318.37"}]
[57,{"v":836.7399999999999,"d":"836.74"},{"v":803.3300000000003,"d":"803.33"},{"v":1338.9699999999993,"d":"1338.97"}]
[58,{"v":849.6099999999999,"d":"849.61"},{"v":815.6900000000003,"d":"815.69"},{"v":1359.5699999999993,"d":"1359.57"}]
[59,{"v":862.4799999999999,"d":"862.48"},{"v":828.0500000000003,"d":"828.05"},{"v":1380.1699999999992,"d":"1380.17"}]
[60,{"v":875.3499999999999,"d":"875.35"},{"v":840.4100000000003,"d":"840.41"},{"v":1400.769999999999,"d":"1400.77"}]
[61,{"v":888.2199999999999,"d":"888.22"},{"v":852.7700000000003,"d":"852.77"},{"v":1421.369999999999,"d":"1421.37"}]
[62,{"v":901.0899999999999,"d":"901.09"},{"v":865.1300000000003,"d":"865.13"},{"v":1441.969999999999,"d":"1441.97"}]
[63,{"v":913.9599999999999,"d":"913.96"},{"v":877.4900000000004,"d":"877.49"},{"v":1462.5699999999988,"d":"1462.57"}]
[64,{"v":926.8299999999999,"d":"926.83"},{"v":889.8500000000004,"d":"889.85"},{"v":1483.1699999999987,"d":"1483.17"}]
[65,{"v":939.6999999999999,"d":"939.70"},{"v":902.2100000000004,"d":"902.21"},{"v":1503.7699999999986,"d":"1503.77"}]
[66,{"v":952.5699999999999,"d":"952.57"},{"v":914.5700000000004,"d":"914.57"},{"v":1524.3699999999985,"d":"1524.37"}]
[67,{"v":965.4399999999999,"d":"965.44"},{"v":926.9300000000004,"d":"926.93"},{"v":1544.9699999999984,"d":"1544.97"}]
[68,978.31,{"v":939.2900000000004,"d":"939.29"},{"v":1565.5699999999983,"d":"1565.57"}]
[69,991.18,{"v":951.6500000000004,"d":"951.65"},{"v":1586.1699999999983,"d":"1586.17"}]
[70,1004.05,{"v":964.0100000000004,"d":"964.01"},{"v":1606.7699999999982,"d":"1606.77"}]
[71,1016.92,{"v":976.3700000000005,"d":"976.37"},{"v":1627.369999999998,"d":"1627.37"}]
[72,1029.79,{"v":988.7300000000005,"d":"988.73"},{"v":1647.969999999998,"d":"1647.97"}]
[73,{"v":1042.6599999999999,"d":"1042.66"},{"v":1001.0900000000005,"d":"1001.09"},{"v":1668.569999999998,"d":"1668.57"}]
[74,{"v":1055.5299999999997,"d":"1055.53"},{"v":1013.4500000000005,"d":"1013.45"},{"v":1689.1699999999978,"d":"1689.17"}]
[75,{"v":1068.3999999999996,"d":"1068.40"},{"v":1025.8100000000004,"d":"1025.81"},{"v":1709.7699999999977,"d":"1709.77"}]
[76,{"v":1081.2699999999995,"d":"1081.27"},{"v":1038.1700000000003,"d":"1038.17"},{"v":1730.3699999999976,"d":"1730.37"}]
[77,{"v":1094.1399999999994,"d":"1094.14"},{"v":1050.5300000000002,"d":"1050.53"},{"v":1750.9699999999975,"d":"1750.97"}]
[78,{"v":1107.0099999999993,"d":"1107.01"},1062.89,{"v":1771.5699999999974,"d":"1771.57"}]
[79,{"v":1119.8799999999992,"d":"1119.88"},1075.25,{"v":1792.1699999999973,"d":"1792.17"}]
[80,{"v":1132.749999999999,"d":"1132.75"},1087.61,{"v":1812.7699999999973,"d":"1812.77"}]
[81,{"v":1145.619999999999,"d":"1145.62"},{"v":1099.9699999999998,"d":"1099.97"},{"v":1833.3699999999972,"d":"1833.37"}]
[82,{"v":1158.4899999999989,"d":"1158.49"},{"v":1112.3299999999997,"d":"1112.33"},{"v":1853.969999999997,"d":"1853.97"}]
[83,{"v":1171.3599999999988,"d":"1171.36"},{"v":1124.6899999999996,"d":"1124.69"},{"v":1874.569999999997,"d":"1874.57"}]
[84,{"v":1184.2299999999987,"d":"1184.23"},{"v":1137.0499999999995,"d":"1137.05"},{"v":1895.169999999997,"d":"1895.17"}]
[85,{"v":1197.0999999999985,"d":"1197.10"},{"v":1149.4099999999994,"d":"1149.41"},{"v":1915.7699999999968,"d":"1915.77"}]
[86,{"v":1209.9699999999984,"d":"1209.97"},{"v":1161.7699999999993,"d":"1161.77"},{"v":1936.3699999999967,"d":"1936.37"}]
[87,{"v":1222.8399999999983,"d":"1222.84"},{"v":1174.1299999999992,"d":"1174.13"},{"v":1956.9699999999966,"d":"1956.97"}]
[88,{"v":1235.7099999999982,"d":"1235.71"},{"v":1186.489999999999,"d":"1186.49"},{"v":1977.5699999999965,"d":"1977.57"}]
[89,{"v":1248.579999999998,"d":"1248.58"},{"v":1198.849999999999,"d":"1198.85"},{"v":1998.1699999999964,"d":"1998.17"}]
[90,{"v":1261.449999999998,"d":"1261.45"},{"v":1211.209999999999,"d":"1211.21"},{"v":2018.7699999999963,"d":"2018.77"}]
[91,{"v":1274.319999999998,"d":"1274.32"},{"v":1223.5699999999988,"d":"1223.57"},{"v":2039.3699999999963,"d":"2039.37"}]
[92,{"v":1287.1899999999978,"d":"1287.19"},{"v":1235.9299999999987,"d":"1235.93"},{"v":2059.969999999996,"d":"2059.97"}]
[93,{"v":1300.0599999999977,"d":"1300.06"},{"v":1248.2899999999986,"d":"1248.29"},{"v":2080.569999999996,"d":"2080.57"}]
[94,{"v":1312.9299999999976,"d":"1312.93"},{"v":1260.6499999999985,"d":"1260.65"},{"v":2101.169999999996,"d":"2101.17"}]
[95,{"v":1325.7999999999975,"d":"1325.80"},{"v":1273.0099999999984,"d":"1273.01"},{"v":2121.769999999996,"d":"2121.77"}]
[96,{"$f":"B100+12.87","v":{"v":1338.6699999999973,"d":"1338.67"}},{"$f":"C100+12.36","v":{"v":1285.3699999999983,"d":"1285.37"}},{"$f":"D100+20.6","v":{"v":2142.369999999996,"d":"2142.37"}}]
[97,{"v":1351.5399999999972,"d":"1351.54"},{"v":1297.7299999999982,"d":"1297.73"},{"v":2162.9699999999957,"d":"2162.97"}]
[98,{"v":1364.4099999999971,"d":"1364.41"},{"v":1310.089999999998,"d":"1310.09"},{"v":2183.5699999999956,"d":"2183.57"}]
[99,{"v":1377.279999999997,"d":"1377.28"},{"v":1322.449999999998,"d":"1322.45"},{"v":2204.1699999999955,"d":"2204.17"}]
[100,{"v":1390.149999999997,"d":"1390.15"},{"v":1334.809999999998,"d":"1334.81"},{"v":2224.7699999999954,"d":"2224.77"}]
[101,{"v":1403.0199999999968,"d":"1403.02"},{"v":1347.1699999999978,"d":"1347.17"},{"v":2245.3699999999953,"d":"2245.37"}]
[102,{"v":1415.8899999999967,"d":"1415.89"},{"v":1359.5299999999977,"d":"1359.53"},{"v":2265.9699999999953,"d":"2265.97"}]
[103,{"v":1428.7599999999966,"d":"1428.76"},{"v":1371.8899999999976,"d":"1371.89"},{"v":2286.569999999995,"d":"2286.57"}]
[104,{"v":1441.6299999999965,"d":"1441.63"},{"v":1384.2499999999975,"d":"1384.25"},{"v":2307.169999999995,"d":"2307.17"}]
[105,{"v":1454.4999999999964,"d":"1454.50"},{"v":1396.6099999999974,"d":"1396.61"},{"v":2327.769999999995,"d":"2327.77"}]
[106,{"v":1467.3699999999963,"d":"1467.37"},{"v":1408.9699999999973,"d":"1408.97"},{"v":2348.369999999995,"d":"2348.37"}]
[107,{"v":1480.2399999999961,"d":"1480.24"},{"v":1421.3299999999972,"d":"1421.33"},{"v":2368.969999999995,"d":"2368.97"}]
[108,{"v":1493.109999999996,"d":"1493.11"},{"v":1433.689999999997,"d":"1433.69"},{"v":2389.5699999999947,"d":"2389.57"}]
[109,{"v":1505.979999999996,"d":"1505.98"},{"v":1446.049999999997,"d":"1446.05"},{"v":2410.1699999999946,"d":"2410.17"}]
[110,{"v":1518.8499999999958,"d":"1518.85"},{"v":1458.409999999997,"d":"1458.41"},{"v":2430.7699999999945,"d":"2430.77"}]
[111,{"v":1531.7199999999957,"d":"1531.72"},{"v":1470.7699999999968,"d":"1470.77"},{"v":2451.3699999999944,"d":"2451.37"}]
[112,{"v":1544.5899999999956,"d":"1544.59"},{"v":1483.1299999999967,"d":"1483.13"},{"v":2471.9699999999943,"d":"2471.97"}]
[113,{"v":1557.4599999999955,"d":"1557.46"},{"v":1495.4899999999966,"d":"1495.49"},{"v":2492.5699999999943,"d":"2492.57"}]
[114,{"v":1570.3299999999954,"d":"1570.33"},{"v":1507.8499999999965,"d":"1507.85"},{"v":2513.169999999994,"d":"2513.17"}]
[115,{"v":1583.1999999999953,"d":"1583.20"},{"v":1520.2099999999964,"d":"1520.21"},{"v":2533.769999999994,"d":"2533.77"}]
[116,{"v":1596.0699999999952,"d":"1596.07"},{"v":1532.5699999999963,"d":"1532.57"},{"v":2554.369999999994,"d":"2554.37"}]
[117,{"v":1608.939999999995,"d":"1608.94"},{"v":1544.9299999999962,"d":"1544.93"},{"v":2574.969999999994,"d":"2574.97"}]
[118,{"v":1621.809999999995,"d":"1621.81"},{"v":1557.289999999996,"d":"1557.29"},{"v":2595.569999999994,"d":"2595.57"}]
[119,{"v":1634.6799999999948,"d":"1634.68"},{"v":1569.649999999996,"d":"1569.65"},{"v":2616.1699999999937,"d":"2616.17"}]
[120,{"v":1647.5499999999947,"d":"1647.55"},{"v":1582.009999999996,"d":"1582.01"},{"v":2636.7699999999936,"d":"2636.77"}]
[121,{"v":1660.4199999999946,"d":"1660.42"},{"v":1594.3699999999958,"d":"1594.37"},{"v":2657.3699999999935,"d":"2657.37"}]
[122,{"v":1673.2899999999945,"d":"1673.29"},{"v":1606.7299999999957,"d":"1606.73"},{"v":2677.9699999999934,"d":"2677.97"}]
[123,{"v":1686.1599999999944,"d":"1686.16"},{"v":1619.0899999999956,"d":"1619.09"},{"v":2698.5699999999933,"d":"2698.57"}]
[124,{"v":1699.0299999999943,"d":"1699.03"},{"v":1631.4499999999955,"d":"1631.45"},{"v":2719.1699999999933,"d":"2719.17"}]
[125,{"v":1711.8999999999942,"d":"1711.90"},{"v":1643.8099999999954,"d":"1643.81"},{"v":2739.769999999993,"d":"2739.77"}]
[126,{"v":1724.769999999994,"d":"1724.77"},{"v":1656.1699999999953,"d":"1656.17"},{"v":2760.369999999993,"d":"2760.37"}]
[127,{"v":1737.639999999994,"d":"1737.64"},{"v":1668.5299999999952,"d":"1668.53"},{"v":2780.969999999993,"d":"2780.97"}]
[128,{"v":1750.5099999999939,"d":"1750.51"},{"v":1680.889999999995,"d":"1680.89"},{"v":2801.569999999993,"d":"2801.57"}]
[129,{"v":1763.3799999999937,"d":"1763.38"},{"v":1693.249999999995,"d":"1693.25"},{"v":2822.169999999993,"d":"2822.17"}]
[130,{"v":1776.2499999999936,"d":"1776.25"},{"v":1705.609999999995,"d":"1705.61"},{"v":2842.7699999999927,"d":"2842.77"}]
[131,{"v":1789.1199999999935,"d":"1789.12"},{"v":1717.9699999999948,"d":"1717.97"},{"v":2863.3699999999926,"d":"2863.37"}]
[132,{"v":1801.9899999999934,"d":"1801.99"},{"v":1730.3299999999947,"d":"1730.33"},{"v":2883.9699999999925,"d":"2883.97"}]
[133,{"v":1814.8599999999933,"d":"1814.86"},{"v":1742.6899999999946,"d":"1742.69"},{"v":2904.5699999999924,"d":"2904.57"}]
[134,{"v":1827.7299999999932,"d":"1827.73"},{"v":1755.0499999999945,"d":"1755.05"},{"v":2925.1699999999923,"d":"2925.17"}]
[135,{"v":1840.599999999993,"d":"1840.60"},{"v":1767.4099999999944,"d":"1767.41"},{"v":2945.7699999999923,"d":"2945.77"}]
[136,{"v":1853.469999999993,"d":"1853.47"},{"v":1779.7699999999943,"d":"1779.77"},{"v":2966.369999999992,"d":"2966.37"}]
[137,{"v":1866.3399999999929,"d":"1866.34"},{"v":1792.1299999999942,"d":"1792.13"},{"v":2986.969999999992,"d":"2986.97"}]
[138,{"v":1879.2099999999928,"d":"1879.21"},{"v":1804.489999999994,"d":"1804.49"},{"v":3007.569999999992,"d":"3007.57"}]
[139,{"v":1892.0799999999927,"d":"1892.08"},{"v":1816.849999999994,"d":"1816.85"},{"v":3028.169999999992,"d":"3028.17"}]
[140,{"v":1904.9499999999925,"d":"1904.95"},{"v":1829.209999999994,"d":"1829.21"},{"v":3048.769999999992,"d":"3048.77"}]
[141,{"v":1917.8199999999924,"d":"1917.82"},{"v":1841.5699999999938,"d":"1841.57"},{"v":3069.3699999999917,"d":"3069.37"}]
[142,{"v":1930.6899999999923,"d":"1930.69"},{"v":1853.9299999999937,"d":"1853.93"},{"v":3089.9699999999916,"d":"3089.97"}]
[143,{"v":1943.5599999999922,"d":"1943.56"},{"v":1866.2899999999936,"d":"1866.29"},{"v":3110.5699999999915,"d":"3110.57"}]
[144,{"v":1956.429999999992,"d":"1956.43"},{"v":1878.6499999999935,"d":"1878.65"},{"v":3131.1699999999914,"d":"3131.17"}]
[145,{"v":1969.299999999992,"d":"1969.30"},{"v":1891.0099999999934,"d":"1891.01"},{"v":3151.7699999999913,"d":"3151.77"}]
[146,{"v":1982.169999999992,"d":"1982.17"},{"v":1903.3699999999933,"d":"1903.37"},{"v":3172.3699999999913,"d":"3172.37"}]
[147,{"v":1995.0399999999918,"d":"1995.04"},{"v":1915.7299999999932,"d":"1915.73"},{"v":3192.969999999991,"d":"3192.97"}]
[148,{"v":2007.9099999999917,"d":"2007.91"},{"v":1928.089999999993,"d":"1928.09"},{"v":3213.569999999991,"d":"3213.57"}]
[149,{"v":2020.7799999999916,"d":"2020.78"},{"v":1940.449999999993,"d":"1940.45"},{"v":3234.169999999991,"d":"3234.17"}]
[150,{"v":2033.6499999999915,"d":"2033.65"},{"v":1952.809999999993,"d":"1952.81"},{"v":3254.769999999991,"d":"3254.77"}]
[151,{"v":2046.5199999999913,"d":"2046.52"},{"v":1965.1699999999928,"d":"1965.17"},{"v":3275.369999999991,"d":"3275.37"}]
[152,{"v":2059.3899999999912,"d":"2059.39"},{"v":1977.5299999999927,"d":"1977.53"},{"v":3295.9699999999907,"d":"3295.97"}]
[153,{"v":2072.259999999991,"d":"2072.26"},{"v":1989.8899999999926,"d":"1989.89"},{"v":3316.5699999999906,"d":"3316.57"}]
[154,{"v":2085.129999999991,"d":"2085.13"},{"v":2002.2499999999925,"d":"2002.25"},{"v":3337.1699999999905,"d":"3337.17"}]
[155,{"v":2097.999999999991,"d":"2098.00"},{"v":2014.6099999999924,"d":"2014.61"},{"v":3357.7699999999904,"d":"3357.77"}]
[156,{"v":2110.869999999991,"d":"2110.87"},{"v":2026.9699999999923,"d":"2026.97"},{"v":3378.3699999999903,"d":"3378.37"}]
[157,{"v":2123.7399999999907,"d":"2123.74"},{"v":2039.3299999999922,"d":"2039.33"},{"v":3398.9699999999903,"d":"3398.97"}]
[158,{"v":2136.6099999999906,"d":"2136.61"},{"v":2051.6899999999923,"d":"2051.69"},{"v":3419.56999999999,"d":"3419.57"}]
[159,{"v":2149.4799999999905,"d":"2149.48"},{"v":2064.0499999999925,"d":"2064.05"},{"v":3440.16999999999,"d":"3440.17"}]
[160,{"$f":"B164+12.87","v":{"v":2162.3499999999904,"d":"2162.35"}},{"$f":"C164+12.36","v":{"v":2076.4099999999926,"d":"2076.41"}},{"$f":"D164+20.6","v":{"v":3460.76999999999,"d":"3460.77"}}]
[161,{"v":2175.2199999999903,"d":"2175.22"},{"v":2088.7699999999927,"d":"2088.77"},{"v":3481.36999999999,"d":"3481.37"}]
[162,{"v":2188.08999999999,"d":"2188.09"},{"v":2101.129999999993,"d":"2101.13"},{"v":3501.96999999999,"d":"3501.97"}]
[163,{"v":2200.95999999999,"d":"2200.96"},{"v":2113.489999999993,"d":"2113.49"},{"v":3522.5699999999897,"d":"3522.57"}]
[164,{"v":2213.82999999999,"d":"2213.83"},{"v":2125.849999999993,"d":"2125.85"},{"v":3543.1699999999896,"d":"3543.17"}]
[165,{"v":2226.69999999999,"d":"2226.70"},{"v":2138.209999999993,"d":"2138.21"},{"v":3563.7699999999895,"d":"3563.77"}]
[166,{"v":2239.5699999999897,"d":"2239.57"},{"v":2150.5699999999933,"d":"2150.57"},{"v":3584.3699999999894,"d":"3584.37"}]
[167,{"v":2252.4399999999896,"d":"2252.44"},{"v":2162.9299999999935,"d":"2162.93"},{"v":3604.9699999999893,"d":"3604.97"}]
[168,{"v":2265.3099999999895,"d":"2265.31"},{"v":2175.2899999999936,"d":"2175.29"},{"v":3625.5699999999892,"d":"3625.57"}]
[169,{"v":2278.1799999999894,"d":"2278.18"},{"v":2187.6499999999937,"d":"2187.65"},{"v":3646.169999999989,"d":"3646.17"}]
[170,{"v":2291.0499999999893,"d":"2291.05"},{"v":2200.009999999994,"d":"2200.01"},{"v":3666.769999999989,"d":"3666.77"}]
[171,{"v":2303.919999999989,"d":"2303.92"},{"v":2212.369999999994,"d":"2212.37"},{"v":3687.369999999989,"d":"3687.37"}]
[172,{"v":2316.789999999989,"d":"2316.79"},{"v":2224.729999999994,"d":"2224.73"},{"v":3707.969999999989,"d":"3707.97"}]
[173,{"v":2329.659999999989,"d":"2329.66"},{"v":2237.0899999999942,"d":"2237.09"},{"v":3728.569999999989,"d":"3728.57"}]
[174,{"v":2342.529999999989,"d":"2342.53"},{"v":2249.4499999999944,"d":"2249.45"},{"v":3749.1699999999887,"d":"3749.17"}]
[175,{"v":2355.3999999999887,"d":"2355.40"},{"v":2261.8099999999945,"d":"2261.81"},{"v":3769.7699999999886,"d":"3769.77"}]
[176,{"v":2368.2699999999886,"d":"2368.27"},{"v":2274.1699999999946,"d":"2274.17"},{"v":3790.3699999999885,"d":"3790.37"}]
[177,{"v":2381.1399999999885,"d":"2381.14"},{"v":2286.5299999999947,"d":"2286.53"},{"v":3810.9699999999884,"d":"3810.97"}]
[178,{"v":2394.0099999999884,"d":"2394.01"},{"v":2298.889999999995,"d":"2298.89"},{"v":3831.5699999999883,"d":"3831.57"}]
[179,{"v":2406.8799999999883,"d":"2406.88"},{"v":2311.249999999995,"d":"2311.25"},{"v":3852.1699999999882,"d":"3852.17"}]
[180,{"v":2419.749999999988,"d":"2419.75"},{"v":2323.609999999995,"d":"2323.61"},{"v":3872.769999999988,"d":"3872.77"}]
[181,{"v":2432.619999999988,"d":"2432.62"},{"v":2335.9699999999953,"d":"2335.97"},{"v":3893.369999999988,"d":"3893.37"}]
[182,{"v":2445.489999999988,"d":"2445.49"},{"v":2348.3299999999954,"d":"2348.33"},{"v":3913.969999999988,"d":"3913.97"}]
[183,{"v":2458.359999999988,"d":"2458.36"},{"v":2360.6899999999955,"d":"2360.69"},{"v":3934.569999999988,"d":"3934.57"}]
[184,{"v":2471.2299999999877,"d":"2471.23"},{"v":2373.0499999999956,"d":"2373.05"},{"v":3955.169999999988,"d":"3955.17"}]
[185,{"v":2484.0999999999876,"d":"2484.10"},{"v":2385.4099999999958,"d":"2385.41"},{"v":3975.7699999999877,"d":"3975.77"}]
[186,{"v":2496.9699999999875,"d":"2496.97"},{"v":2397.769999999996,"d":"2397.77"},{"v":3996.3699999999876,"d":"3996.37"}]
[187,{"v":2509.8399999999874,"d":"2509.84"},{"v":2410.129999999996,"d":"2410.13"},{"v":4016.9699999999875,"d":"4016.97"}]
[188,{"v":2522.7099999999873,"d":"2522.71"},{"v":2422.489999999996,"d":"2422.49"},{"v":4037.5699999999874,"d":"4037.57"}]
[189,{"v":2535.579999999987,"d":"2535.58"},{"v":2434.8499999999963,"d":"2434.85"},{"v":4058.1699999999873,"d":"4058.17"}]
[190,{"v":2548.449999999987,"d":"2548.45"},{"v":2447.2099999999964,"d":"2447.21"},{"v":4078.7699999999872,"d":"4078.77"}]
[191,{"v":2561.319999999987,"d":"2561.32"},{"v":2459.5699999999965,"d":"2459.57"},{"v":4099.369999999987,"d":"4099.37"}]
[192,{"v":2574.189999999987,"d":"2574.19"},{"v":2471.9299999999967,"d":"2471.93"},{"v":4119.9699999999875,"d":"4119.97"}]
[193,{"v":2587.0599999999868,"d":"2587.06"},{"v":2484.289999999997,"d":"2484.29"},{"v":4140.569999999988,"d":"4140.57"}]
[194,{"v":2599.9299999999866,"d":"2599.93"},{"v":2496.649999999997,"d":"2496.65"},{"v":4161.169999999988,"d":"4161.17"}]
[195,{"v":2612.7999999999865,"d":"2612.80"},{"v":2509.009999999997,"d":"2509.01"},{"v":4181.769999999989,"d":"4181.77"}]
[196,{"v":2625.6699999999864,"d":"2625.67"},{"v":2521.369999999997,"d":"2521.37"},{"v":4202.369999999989,"d":"4202.37"}]
[197,{"v":2638.5399999999863,"d":"2638.54"},{"v":2533.7299999999973,"d":"2533.73"},{"v":4222.969999999989,"d":"4222.97"}]
[198,{"v":2651.409999999986,"d":"2651.41"},{"v":2546.0899999999974,"d":"2546.09"},{"v":4243.56999999999,"d":"4243.57"}]
[199,{"v":2664.279999999986,"d":"2664.28"},{"v":2558.4499999999975,"d":"2558.45"},{"v":4264.16999999999,"d":"4264.17"}]
[200,{"v":2677.149999999986,"d":"2677.15"},{"v":2570.8099999999977,"d":"2570.81"},{"v":4284.76999999999,"d":"4284.77"}]
[201,{"v":2690.019999999986,"d":"2690.02"},{"v":2583.169999999998,"d":"2583.17"},{"v":4305.369999999991,"d":"4305.37"}]
[202,{"v":2702.889999999986,"d":"2702.89"},{"v":2595.529999999998,"d":"2595.53"},{"v":4325.969999999991,"d":"4325.97"}]
[203,{"v":2715.7599999999857,"d":"2715.76"},{"v":2607.889999999998,"d":"2607.89"},{"v":4346.5699999999915,"d":"4346.57"}]
[204,{"v":2728.6299999999856,"d":"2728.63"},{"v":2620.249999999998,"d":"2620.25"},{"v":4367.169999999992,"d":"4367.17"}]
[205,{"v":2741.4999999999854,"d":"2741.50"},{"v":2632.6099999999983,"d":"2632.61"},{"v":4387.769999999992,"d":"4387.77"}]
[206,{"v":2754.3699999999853,"d":"2754.37"},{"v":2644.9699999999984,"d":"2644.97"},{"v":4408.369999999993,"d":"4408.37"}]
[207,{"v":2767.2399999999852,"d":"2767.24"},{"v":2657.3299999999986,"d":"2657.33"},{"v":4428.969999999993,"d":"4428.97"}]
[208,{"v":2780.109999999985,"d":"2780.11"},{"v":2669.6899999999987,"d":"2669.69"},{"v":4449.569999999993,"d":"4449.57"}]
[209,{"v":2792.979999999985,"d":"2792.98"},{"v":2682.049999999999,"d":"2682.05"},{"v":4470.169999999994,"d":"4470.17"}]
[210,{"v":2805.849999999985,"d":"2805.85"},{"v":2694.409999999999,"d":"2694.41"},{"v":4490.769999999994,"d":"4490.77"}]
[211,{"v":2818.719999999985,"d":"2818.72"},{"v":2706.769999999999,"d":"2706.77"},{"v":4511.369999999994,"d":"4511.37"}]
[212,{"v":2831.5899999999847,"d":"2831.59"},{"v":2719.129999999999,"d":"2719.13"},{"v":4531.969999999995,"d":"4531.97"}]
[213,{"v":2844.4599999999846,"d":"2844.46"},{"v":2731.4899999999993,"d":"2731.49"},{"v":4552.569999999995,"d":"4552.57"}]
[214,{"v":2857.3299999999845,"d":"2857.33"},{"v":2743.8499999999995,"d":"2743.85"},{"v":4573.1699999999955,"d":"4573.17"}]
[215,{"v":2870.1999999999844,"d":"2870.20"},{"v":2756.2099999999996,"d":"2756.21"},{"v":4593.769999999996,"d":"4593.77"}]
[216,{"v":2883.0699999999842,"d":"2883.07"},{"v":2768.5699999999997,"d":"2768.57"},{"v":4614.369999999996,"d":"4614.37"}]
[217,{"v":2895.939999999984,"d":"2895.94"},2780.93,{"v":4634.969999999997,"d":"4634.97"}]
[218,{"v":2908.809999999984,"d":"2908.81"},2793.29,{"v":4655.569999999997,"d":"4655.57"}]
[219,{"v":2921.679999999984,"d":"2921.68"},2805.65,{"v":4676.169999999997,"d":"4676.17"}]
[220,{"v":2934.549999999984,"d":"2934.55"},2818.01,{"v":4696.769999999998,"d":"4696.77"}]
[221,{"v":2947.4199999999837,"d":"2947.42"},{"v":2830.3700000000003,"d":"2830.37"},{"v":4717.369999999998,"d":"4717.37"}]
[222,{"v":2960.2899999999836,"d":"2960.29"},{"v":2842.7300000000005,"d":"2842.73"},{"v":4737.969999999998,"d":"4737.97"}]
[223,{"v":2973.1599999999835,"d":"2973.16"},{"v":2855.0900000000006,"d":"2855.09"},{"v":4758.569999999999,"d":"4758.57"}]
[224,{"$f":"B228+12.87","v":{"v":2986.0299999999834,"d":"2986.03"}},{"$f":"C228+12.36","v":{"v":2867.4500000000007,"d":"2867.45"}},{"$f":"D228+20.6","v":{"v":4779.169999999999,"d":"4779.17"}}]
[225,{"v":2998.8999999999833,"d":"2998.90"},{"v":2879.810000000001,"d":"2879.81"},{"v":4799.7699999999995,"d":"4799.77"}]
[226,{"v":3011.769999999983,"d":"3011.77"},{"v":2892.170000000001,"d":"2892.17"},4820.37]
[227,{"v":3024.639999999983,"d":"3024.64"},{"v":2904.530000000001,"d":"2904.53"},4840.97]
[228,{"v":3037.509999999983,"d":"3037.51"},{"v":2916.8900000000012,"d":"2916.89"},{"v":4861.570000000001,"d":"4861.57"}]
[229,{"v":3050.379999999983,"d":"3050.38"},{"v":2929.2500000000014,"d":"2929.25"},{"v":4882.170000000001,"d":"4882.17"}]
[230,{"v":3063.2499999999827,"d":"3063.25"},{"v":2941.6100000000015,"d":"2941.61"},{"v":4902.770000000001,"d":"4902.77"}]
[231,{"v":3076.1199999999826,"d":"3076.12"},{"v":2953.9700000000016,"d":"2953.97"},{"v":4923.370000000002,"d":"4923.37"}]
[232,{"v":3088.9899999999825,"d":"3088.99"},{"v":2966.3300000000017,"d":"2966.33"},{"v":4943.970000000002,"d":"4943.97"}]
[233,{"v":3101.8599999999824,"d":"3101.86"},{"v":2978.690000000002,"d":"2978.69"},{"v":4964.570000000002,"d":"4964.57"}]
[234,{"v":3114.7299999999823,"d":"3114.73"},{"v":2991.050000000002,"d":"2991.05"},{"v":4985.170000000003,"d":"4985.17"}]
[235,{"v":3127.599999999982,"d":"3127.60"},{"v":3003.410000000002,"d":"3003.41"},{"v":5005.770000000003,"d":"5005.77"}]
[236,{"v":3140.469999999982,"d":"3140.47"},{"v":3015.7700000000023,"d":"3015.77"},{"v":5026.3700000000035,"d":"5026.37"}]
[237,{"v":3153.339999999982,"d":"3153.34"},{"v":3028.1300000000024,"d":"3028.13"},{"v":5046.970000000004,"d":"5046.97"}]
[238,{"v":3166.209999999982,"d":"3166.21"},{"v":3040.4900000000025,"d":"3040.49"},{"v":5067.570000000004,"d":"5067.57"}]
[239,{"v":3179.0799999999817,"d":"3179.08"},{"v":3052.8500000000026,"d":"3052.85"},{"v":5088.170000000005,"d":"5088.17"}]
[240,{"v":3191.9499999999816,"d":"3191.95"},{"v":3065.2100000000028,"d":"3065.21"},{"v":5108.770000000005,"d":"5108.77"}]
[241,{"v":3204.8199999999815,"d":"3204.82"},{"v":3077.570000000003,"d":"3077.57"},{"v":5129.370000000005,"d":"5129.37"}]
[242,{"v":3217.6899999999814,"d":"3217.69"},{"v":3089.930000000003,"d":"3089.93"},{"v":5149.970000000006,"d":"5149.97"}]
[243,{"v":3230.5599999999813,"d":"3230.56"},{"v":3102.290000000003,"d":"3102.29"},{"v":5170.570000000006,"d":"5170.57"}]
[244,{"v":3243.429999999981,"d":"3243.43"},{"v":3114.6500000000033,"d":"3114.65"},{"v":5191.170000000006,"d":"5191.17"}]
[245,{"v":3256.299999999981,"d":"3256.30"},{"v":3127.0100000000034,"d":"3127.01"},{"v":5211.770000000007,"d":"5211.77"}]
[246,{"v":3269.169999999981,"d":"3269.17"},{"v":3139.3700000000035,"d":"3139.37"},{"v":5232.370000000007,"d":"5232.37"}]
[247,{"v":3282.039999999981,"d":"3282.04"},{"v":3151.7300000000037,"d":"3151.73"},{"v":5252.9700000000075,"d":"5252.97"}]
[248,{"v":3294.9099999999808,"d":"3294.91"},{"v":3164.090000000004,"d":"3164.09"},{"v":5273.570000000008,"d":"5273.57"}]
[249,{"v":3307.7799999999806,"d":"3307.78"},{"v":3176.450000000004,"d":"3176.45"},{"v":5294.170000000008,"d":"5294.17"}]
[250,{"v":3320.6499999999805,"d":"3320.65"},{"v":3188.810000000004,"d":"3188.81"},{"v":5314.770000000009,"d":"5314.77"}]
[251,{"v":3333.5199999999804,"d":"3333.52"},{"v":3201.170000000004,"d":"3201.17"},{"v":5335.370000000009,"d":"5335.37"}]
[252,{"v":3346.3899999999803,"d":"3346.39"},{"v":3213.5300000000043,"d":"3213.53"},{"v":5355.970000000009,"d":"5355.97"}]
[253,{"v":3359.25999999998,"d":"3359.26"},{"v":3225.8900000000044,"d":"3225.89"},{"v":5376.57000000001,"d":"5376.57"}]
[254,{"v":3372.12999999998,"d":"3372.13"},{"v":3238.2500000000045,"d":"3238.25"},{"v":5397.17000000001,"d":"5397.17"}]
[255,{"v":3384.99999999998,"d":"3385.00"},{"v":3250.6100000000047,"d":"3250.61"},{"v":5417.77000000001,"d":"5417.77"}]
[256,{"v":3397.86999999998,"d":"3397.87"},{"v":3262.970000000005,"d":"3262.97"},{"v":5438.370000000011,"d":"5438.37"}]
[257,{"v":3410.73999999998,"d":"3410.74"},{"v":3275.330000000005,"d":"3275.33"},{"v":5458.970000000011,"d":"5458.97"}]
[258,{"v":3423.6099999999797,"d":"3423.61"},{"v":3287.690000000005,"d":"3287.69"},{"v":5479.5700000000115,"d":"5479.57"}]
[259,{"v":3436.4799999999796,"d":"3436.48"},{"v":3300.050000000005,"d":"3300.05"},{"v":5500.170000000012,"d":"5500.17"}]
[260,{"v":3449.3499999999794,"d":"3449.35"},{"v":3312.4100000000053,"d":"3312.41"},{"v":5520.770000000012,"d":"5520.77"}]
[261,{"v":3462.2199999999793,"d":"3462.22"},{"v":3324.7700000000054,"d":"3324.77"},{"v":5541.370000000013,"d":"5541.37"}]
[262,{"v":3475.089999999979,"d":"3475.09"},{"v":3337.1300000000056,"d":"3337.13"},{"v":5561.970000000013,"d":"5561.97"}]
[263,{"v":3487.959999999979,"d":"3487.96"},{"v":3349.4900000000057,"d":"3349.49"},{"v":5582.570000000013,"d":"5582.57"}]
[264,{"v":3500.829999999979,"d":"3500.83"},{"v":3361.850000000006,"d":"3361.85"},{"v":5603.170000000014,"d":"5603.17"}]
[265,{"v":3513.699999999979,"d":"3513.70"},{"v":3374.210000000006,"d":"3374.21"},{"v":5623.770000000014,"d":"5623.77"}]
[266,{"v":3526.569999999979,"d":"3526.57"},{"v":3386.570000000006,"d":"3386.57"},{"v":5644.370000000014,"d":"5644.37"}]
[267,{"v":3539.4399999999787,"d":"3539.44"},{"v":3398.930000000006,"d":"3398.93"},{"v":5664.970000000015,"d":"5664.97"}]
[268,{"v":3552.3099999999786,"d":"3552.31"},{"v":3411.2900000000063,"d":"3411.29"},{"v":5685.570000000015,"d":"5685.57"}]
[269,{"v":3565.1799999999785,"d":"3565.18"},{"v":3423.6500000000065,"d":"3423.65"},{"v":5706.1700000000155,"d":"5706.17"}]
[270,{"v":3578.0499999999784,"d":"3578.05"},{"v":3436.0100000000066,"d":"3436.01"},{"v":5726.770000000016,"d":"5726.77"}]
[271,{"v":3590.9199999999782,"d":"3590.92"},{"v":3448.3700000000067,"d":"3448.37"},{"v":5747.370000000016,"d":"5747.37"}]
[272,{"v":3603.789999999978,"d":"3603.79"},{"v":3460.730000000007,"d":"3460.73"},{"v":5767.970000000017,"d":"5767.97"}]
[273,{"v":3616.659999999978,"d":"3616.66"},{"v":3473.090000000007,"d":"3473.09"},{"v":5788.570000000017,"d":"5788.57"}]
[274,{"v":3629.529999999978,"d":"3629.53"},{"v":3485.450000000007,"d":"3485.45"},{"v":5809.170000000017,"d":"5809.17"}]
[275,{"v":3642.399999999978,"d":"3642.40"},{"v":3497.810000000007,"d":"3497.81"},{"v":5829.770000000018,"d":"5829.77"}]
[276,{"v":3655.2699999999777,"d":"3655.27"},{"v":3510.1700000000073,"d":"3510.17"},{"v":5850.370000000018,"d":"5850.37"}]
[277,{"v":3668.1399999999776,"d":"3668.14"},{"v":3522.5300000000075,"d":"3522.53"},{"v":5870.970000000018,"d":"5870.97"}]
[278,{"v":3681.0099999999775,"d":"3681.01"},{"v":3534.8900000000076,"d":"3534.89"},{"v":5891.570000000019,"d":"5891.57"}]
[279,{"v":3693.8799999999774,"d":"3693.88"},{"v":3547.2500000000077,"d":"3547.25"},{"v":5912.170000000019,"d":"5912.17"}]
[280,{"v":3706.7499999999773,"d":"3706.75"},{"v":3559.610000000008,"d":"3559.61"},{"v":5932.7700000000195,"d":"5932.77"}]
[281,{"v":3719.619999999977,"d":"3719.62"},{"v":3571.970000000008,"d":"3571.97"},{"v":5953.37000000002,"d":"5953.37"}]
[282,{"v":3732.489999999977,"d":"3732.49"},{"v":3584.330000000008,"d":"3584.33"},{"v":5973.97000000002,"d":"5973.97"}]
[283,{"v":3745.359999999977,"d":"3745.36"},{"v":3596.6900000000082,"d":"3596.69"},{"v":5994.570000000021,"d":"5994.57"}]
[284,{"v":3758.229999999977,"d":"3758.23"},{"v":3609.0500000000084,"d":"3609.05"},{"v":6015.170000000021,"d":"6015.17"}]
[285,{"v":3771.0999999999767,"d":"3771.10"},{"v":3621.4100000000085,"d":"3621.41"},{"v":6035.770000000021,"d":"6035.77"}]
[286,{"v":3783.9699999999766,"d":"3783.97"},{"v":3633.7700000000086,"d":"3633.77"},{"v":6056.370000000022,"d":"6056.37"}]
[287,{"v":3796.8399999999765,"d":"3796.84"},{"v":3646.1300000000087,"d":"3646.13"},{"v":6076.970000000022,"d":"6076.97"}]
[288,{"$f":"B292+12.87","v":{"v":3809.7099999999764,"d":"3809.71"}},{"$f":"C292+12.36","v":{"v":3658.490000000009,"d":"3658.49"}},{"$f":"D292+20.6","v":{"v":6097.570000000022,"d":"6097.57"}}]
[289,{"v":3822.5799999999763,"d":"3822.58"},{"v":3670.850000000009,"d":"3670.85"},{"v":6118.170000000023,"d":"6118.17"}]
[290,{"v":3835.449999999976,"d":"3835.45"},{"v":3683.210000000009,"d":"3683.21"},{"v":6138.770000000023,"d":"6138.77"}]
[291,{"v":3848.319999999976,"d":"3848.32"},{"v":3695.5700000000093,"d":"3695.57"},{"v":6159.3700000000235,"d":"6159.37"}]
[292,{"v":3861.189999999976,"d":"3861.19"},{"v":3707.9300000000094,"d":"3707.93"},{"v":6179.970000000024,"d":"6179.97"}]
[293,{"v":3874.059999999976,"d":"3874.06"},{"v":3720.2900000000095,"d":"3720.29"},{"v":6200.570000000024,"d":"6200.57"}]
[294,{"v":3886.9299999999757,"d":"3886.93"},{"v":3732.6500000000096,"d":"3732.65"},{"v":6221.170000000025,"d":"6221.17"}]
[295,{"v":3899.7999999999756,"d":"3899.80"},{"v":3745.0100000000098,"d":"3745.01"},{"v":6241.770000000025,"d":"6241.77"}]
[296,{"v":3912.6699999999755,"d":"3912.67"},{"v":3757.37000000001,"d":"3757.37"},{"v":6262.370000000025,"d":"6262.37"}]
[297,{"v":3925.5399999999754,"d":"3925.54"},{"v":3769.73000000001,"d":"3769.73"},{"v":6282.970000000026,"d":"6282.97"}]
[298,{"v":3938.4099999999753,"d":"3938.41"},{"v":3782.09000000001,"d":"3782.09"},{"v":6303.570000000026,"d":"6303.57"}]
[299,{"v":3951.279999999975,"d":"3951.28"},{"v":3794.4500000000103,"d":"3794.45"},{"v":6324.170000000026,"d":"6324.17"}]
[300,{"v":3964.149999999975,"d":"3964.15"},{"v":3806.8100000000104,"d":"3806.81"},{"v":6344.770000000027,"d":"6344.77"}]

{"sheet":"CC f","index":26,"n_rows":30,"n_cols":12,"rows_kept":30,"hidden":true,"merged":[[0,0,0,9],[1,1,1,3],[1,6,1,9],[2,1,2,3],[2,6,2,9],[3,1,3,9],[4,1,4,9],[5,1,5,9],[6,1,6,9],[7,1,7,9],[8,1,8,9],[9,1,9,3],[9,4,9,5],[9,7,9,8],[10,1,10,3],[10,4,10,5],[10,7,10,8],[12,0,13,0],[12,1,12,3],[12,4,13,4],[12,5,13,5],[12,6,13,6],[12,7,12,8],[12,9,13,9],[13,1,13,2],[18,4,18,5],[19,4,19,5],[20,4,20,5],[20,8,20,9],[21,1,21,4],[21,7,21,9],[22,3,22,4],[22,5,22,9],[23,3,23,4],[24,3,24,4],[24,5,24,9],[25,3,25,4],[25,5,25,7],[25,8,25,9],[26,3,26,4],[26,5,26,6],[26,7,26,9]]}
["CONTRACT CERTIFICATE"]
[{"$nulls":6},"GP Grant"]
[]
[null,"Name of the work :Construction of internal CC road from Kasu Pakirreddy house to Poleramma gudi in Laddimallapuram GP of Kanigiri Mandal."]
[null,"Name of the Contractor : "]
[null,"Voucher : CC 1st & Final"]
[null,"Last Certificate if any : "]
[null,"Month :  "]
[null,"Number and month of the last schedule if any :- "]
[null,"Mandal : Kanigiri",null,null,"               Amount of estimate : Rs. 1.43 Lakhs",null,null,"Voucher No:"]
[null,"Overseer's No.",null,null,"Authority Covering list No.",null,null,"Schedule No."]
[]
["S.No","Quantity executed or Supplied",null,null,"Description of Items.","Rate in Rs.","Per","Amount",null,"Remarks"]
[null,"Upto Date",null,"Since last certificate",{"$nulls":3},"Upto Date in Rs.","Since last certificate in Rs."]
[1,{"$f":"DET!#REF!","v":{"$error":"#REF!"}},"Cum",null,"Removal of unsuitable / Unservieeble soil including excavation loading and disposal upto 1000Mts lead but excluding compaction gravel supporting embankment subgrade replacement by suitable soil which shall be paid seperately as per clause 303.5.2 as per technical specification clause 303.3.11 MORD/ 301 MORTH (Average depth 100mm to 200mm)",{"$f":"DET!#REF!","v":{"$error":"#REF!"}},"1Cum",{"$f":"ROUND(B15*F15,2)","v":{"$error":"#REF!"}}]
[2,{"$f":"DET!I19","v":{"v":140.32000000000002,"d":"140.32"}},"Cum",null,"Construction of Granular Sub Base using well graded material, spreading in uniform layers with tractor  mounted grader on prepared surface , mixing by mix in place  method with   rotovator at OMC and compacting  with Smooth wheel roller  to achive the desired  density , Complete as per technical speficaction clause 401 of MORD",{"$f":"DET!K19","v":1797.53},"1Cum",{"$f":"ROUND(B16*F16,2)","v":252229.41}]
[3,{"$f":"DET!#REF!","v":{"$error":"#REF!"}},"Cum",null,"Plain cement concrete for CC  pavement, thickness as per design, over a prepared sub base, with 43 grade cement or any other type as per Clause 1501.2.2 M20 (Grade), coarse and fine aggregates conforming to IS : 383, maximum in a concrete mixer of not less than 0.2 cum capacity and appropeiate weigh batcher using approved mix design, laid in approved fixed side formwork (steel channel, laying and fixing of 125 mictron thick polythene film, wedges, steel plates including levelling the formwork as per drawing), spreading the concrete with sholvels, rakes, compacted using needle, scareed and plate vibrators and finished in continuous operation including provision of contraction and expansion, construction joints, applying debonding strips, primer, sealant, dowel bars, near approaches to bridge / culvert and construction joints, admixtures as approved, curing of concrete slabs for 28- days, curing compound (where specified) and water finishing to lines and grade as per drawing  and Technical Specification Clause 1501 MORD",{"$f":"DET!#REF!","v":{"$error":"#REF!"}},"1Cum",{"$error":"#REF!"}]
[]
[{"$nulls":4},"Total value o work done or suplies made to date ",null,"=",{"$f":"SUM(H15:H18)","v":{"$error":"#REF!"}},{"$nulls":3},{"$f":"SUM(L15:L18)","v":{"v":0,"d":"0.00"}}]
[{"$nulls":4},"Deduct value of work supplies shown on last certificate. ",null,"=",{"$f":"L19","v":{"v":0,"d":"0.00"}}]
[{"$nulls":4},"Net value of work/supplies since lst certificate",null,"=",{"$f":"H19-H20","v":{"$error":"#REF!"}},{"$f":"ROUND(H21,0)","v":{"$error":"#REF!"}}]
[null,"Signature of Contractor ",{"$nulls":5},"Date…………..……2020"]
[{"$nulls":3},"Certificate that the proceeding claim is correct that the necessary measurements have been made by me on 200         and record on page ………………………………… ……………………….. and the work has been satisfactory performed ",null,"CHECK MEASUREMENT CERTIFICATE "]
[]
[{"$nulls":3},"Certified also that the materials billed for have been recived and brought to account.                                ",null,"Certified that the work and materials were duly Checked and Measured by me on (Date………….)"]
[{"$nulls":3},"Date………….. OFFICE INCHARGE",null,"Date………………2020",null,null,"DESIGNATION"]
[]
[{"$nulls":4},"Assistant   Engineer"]
[{"$nulls":4},"Mandal Praja Parishad"]
[{"$nulls":4},"Kanigiri"]

{"sheet":"ccbc ","index":27,"n_rows":59,"n_cols":10,"rows_kept":59,"hidden":true,"merged":[[0,0,0,3],[1,1,1,3],[2,1,2,6],[4,2,4,3],[5,2,5,3],[7,0,9,1],[8,2,8,3],[9,2,9,3],[14,2,14,3],[17,4,17,9],[18,4,18,10],[20,4,20,10],[21,0,21,1],[22,4,22,5],[24,0,24,1],[24,4,24,10],[26,4,26,10],[28,0,28,1],[28,4,28,10],[30,4,30,10],[31,6,31,8],[31,9,31,10],[32,1,32,9],[33,8,33,9],[34,8,34,10],[35,8,35,10],[36,8,36,10],[37,3,37,4],[37,9,37,10],[38,3,38,8],[39,1,39,9],[40,2,40,6],[41,2,41,9],[42,1,42,9],[43,2,43,9],[44,1,44,9],[45,1,45,9],[46,2,46,9],[47,1,47,9],[48,2,48,9],[49,1,49,9],[50,2,50,9],[51,1,51,9],[52,2,52,9],[53,1,53,9],[54,2,54,9],[55,1,55,9],[56,1,56,9],[57,2,57,9],[58,1,58,9]]}
["     MEMORANDUM OF PAYMENTS MADE",{"$nulls":5},"Rs.","P.","Rs.","P."]
[null,"Total value of work done"]
[null,"Amount of prevont payment from last certificate No…………………."]
[null,null,"of","Forward"]
[null,null,"With accouts for…………………………………"]
[null,null,"Fines and other deduction up to date"]
[]
["Payments now made",null,"By Cash"]
[null,null,"By Cheque No……………….."]
[null,null,"By Value of Stock supplied"]
[null,null,"Balance due"]
["Allotment of the year",null,null,"              Rs       P"]
["Expenditure included in this bill"]
[]
[null,null,"Balance availabe"]
[]
["PAY RUPEES (             ) RECEIVED (               )"]
[{"$nulls":4},"Only as final payments in settlement of all demands                                                                                                          "]
[{"$nulls":4},"………………………………………………………………………………."]
[]
[{"$nulls":4},"………………………………………………………………………………."]
[]
[{"$nulls":4},"Witness"]
[]
["Head Clerk",null,null,"Presented of","………………………………………………………………………………."]
[]
[{"$nulls":4},"………………………………………………………………………………."]
[]
["Head Account",null,null,"Engineer","………………………………………………………………………………."]
[]
[{"$nulls":4},"………………………………………………………………………………."]
[{"$nulls":6},"Date …………………………..",null,null,"Payee……………………"]
[]
[{"$nulls":8},"AUDIT ENFACEMENT"]
[{"$nulls":8},"Admitted Rs. …………………………."]
[{"$nulls":8},"Objected Rs. …………………………."]
[{"$nulls":8},"Total Rs. ………………..……………."]
[{"$nulls":3},"                                             Date",null,null,"200",null,null,"Auditor"]
[{"$nulls":3},"                               INVERNACULAR"]
[null,"DISTRICT ENGINEET'S REMARKS"]
[null,null,"                                                               NOTES"]
[null,null,"1. This form is intended for use in the case of running account i.e for works in progress or supplies in course  "]
[null,"of delivery when the liability is discharged in full single payment Form No. of A should be used."]
[null,null,"2. Payment will be made only up to nineteenth of the total value of the work done. The balance being returned"]
[null,"as a security both for the due performance of the contracts or to cover posible over payment which may be detected on                        cheque measurement in the case of work whose estimated cost does not exceed Rs. 50/- Payment may be made in full "]
[null,"on the measuring officer's certificate subject to subsequent check measurement by the proper check measuring authority."]
[null,null,"3. In calculating the amount of each item dur to the contractor in this bill, sums of five pieces or less shall be "]
[null,"omitted and sums exceeding five pieces shall be recorded."]
[null,null,"4. Payment made in case of sum exceeding Rs. 100/- should be attested by two witness and for smaller sum"]
[null,"by one witness payment made by cheque to recognised firms of institutions need not be so witnessed."]
[null,null,"5.  When the payee signs in the vernacullar the amount acknowledged should also noted in the some vernacullar "]
[null,"as well as in English."]
[null,null,"6. In the case of other than well known firms all parties must sign if there by more the on contractor or the payee "]
[null,"must produce a power of atorney from the firm."]
[null,null,"7. No contract certificate bearing no remarks should be accepted if any corrections are necessary the incorrect"]
[null,"figures should be neatly scored out and initialed by the officer concerned in the case of corrections made in the Engineers         office the Head Accountant may be authorised no attest those due to clerical errors Etc. But the Engineer should affix his "]
[null,"initials coare osnin the rate column as well as those in the total or the bill and the pass order. This rule applies MUIATIS MUTANDIS to payments from miscellaneous grants."]
[null,null,"8. In case in which the materials billed for are taken over charged an officer other than the officer sign in the "]
[null,"certificate from of the bill the names of the form should be noted in the remarks column of the bill necessary amendment                                   being made at the same time of the excluding portion of the certificate relating to materials."]